Drapeaux aléatoires dans un carrousel - Statistiques

Statistiques générales
  • Ce quiz a été pris 4 399 fois
  • Le résultat moyen est 5 sur 8
Réponses sur la Carte
Les réponses sont colorées sur une échelle allant du rouge au vert en fonction du pourcentage des utilisateurs qui les ont devinées à leur premier essai. Vous pouvez retrouver ces pourcentages ci-dessous.
 
Statistiques - réponses
Réponse % Correct
Afrique du Sud
100%
Afrique du Sud
100%
Afrique du Sud
100%
Afrique du Sud
100%
Afrique du Sud
100%
Afrique du Sud
100%
Afrique du Sud
100%
Afrique du Sud
100%
Afrique du Sud
100%
Afrique du Sud
100%
Afrique du Sud
100%
Afrique du Sud
100%
Afrique du Sud
100%
Afrique du Sud
100%
Afrique du Sud
100%
Afrique du Sud
100%
Afrique du Sud
100%
Afrique du Sud
100%
Afrique du Sud
100%
Afrique du Sud
100%
Afrique du Sud
100%
Afrique du Sud
100%
Afrique du Sud
100%
Afrique du Sud
100%
Afrique du Sud
100%
Afrique du Sud
100%
Afrique du Sud
100%
Afrique du Sud
100%
Afrique du Sud
100%
Afrique du Sud
100%
Afrique du Sud
100%
Afrique du Sud
100%
Afrique du Sud
100%
Afrique du Sud
100%
Afrique du Sud
100%
Afrique du Sud
100%
Afrique du Sud
100%
Afrique du Sud
100%
Afrique du Sud
100%
Afrique du Sud
100%
Afrique du Sud
100%
Albanie
100%
Albanie
100%
Albanie
100%
Albanie
100%
Albanie
100%
Albanie
100%
Albanie
100%
Albanie
100%
Albanie
100%
Albanie
100%
Albanie
100%
Albanie
100%
Albanie
100%
Albanie
100%
Albanie
100%
Albanie
100%
Albanie
100%
Albanie
100%
Albanie
100%
Albanie
100%
Albanie
100%
Albanie
100%
Albanie
100%
Albanie
100%
Albanie
100%
Albanie
100%
Albanie
100%
Albanie
100%
Albanie
100%
Albanie
100%
Albanie
100%
Albanie
100%
Albanie
100%
Albanie
100%
Albanie
100%
Albanie
100%
Albanie
100%
Albanie
100%
Albanie
100%
Albanie
100%
Albanie
100%
Albanie
100%
Albanie
100%
Albanie
100%
Albanie
100%
Albanie
100%
Albanie
100%
Albanie
100%
Albanie
100%
Albanie
100%
Albanie
100%
Albanie
100%
Albanie
100%
Albanie
100%
Albanie
100%
Albanie
100%
Albanie
100%
Albanie
100%
Albanie
100%
Albanie
100%
Algérie
100%
Algérie
100%
Algérie
100%
Algérie
100%
Algérie
100%
Algérie
100%
Algérie
100%
Algérie
100%
Algérie
100%
Algérie
100%
Algérie
100%
Algérie
100%
Algérie
100%
Algérie
100%
Algérie
100%
Algérie
100%
Algérie
100%
Algérie
100%
Algérie
100%
Algérie
100%
Algérie
100%
Algérie
100%
Algérie
100%
Algérie
100%
Algérie
100%
Algérie
100%
Algérie
100%
Algérie
100%
Algérie
100%
Algérie
100%
Algérie
100%
Algérie
100%
Algérie
100%
Algérie
100%
Algérie
100%
Algérie
100%
Algérie
100%
Algérie
100%
Algérie
100%
Algérie
100%
Algérie
100%
Algérie
100%
Algérie
100%
Algérie
100%
Algérie
100%
Algérie
100%
Algérie
100%
Algérie
100%
Algérie
100%
Algérie
100%
Allemagne
100%
Allemagne
100%
Allemagne
100%
Allemagne
100%
Allemagne
100%
Allemagne
100%
Allemagne
100%
Allemagne
100%
Allemagne
100%
Allemagne
100%
Allemagne
100%
Allemagne
100%
Allemagne
100%
Allemagne
100%
Allemagne
100%
Allemagne
100%
Allemagne
100%
Allemagne
100%
Allemagne
100%
Allemagne
100%
Allemagne
100%
Allemagne
100%
Allemagne
100%
Allemagne
100%
Allemagne
100%
Allemagne
100%
Allemagne
100%
Allemagne
100%
Allemagne
100%
Allemagne
100%
Allemagne
100%
Allemagne
100%
Allemagne
100%
Allemagne
100%
Allemagne
100%
Allemagne
100%
Allemagne
100%
Allemagne
100%
Allemagne
100%
Allemagne
100%
Allemagne
100%
Allemagne
100%
Allemagne
100%
Allemagne
100%
Allemagne
100%
Allemagne
100%
Allemagne
100%
Allemagne
100%
Allemagne
100%
Allemagne
100%
Allemagne
100%
Antigua-et-Barbuda
100%
Antigua-et-Barbuda
100%
Antigua-et-Barbuda
100%
Antigua-et-Barbuda
100%
Antigua-et-Barbuda
100%
Antigua-et-Barbuda
100%
Antigua-et-Barbuda
100%
Antigua-et-Barbuda
100%
Antigua-et-Barbuda
100%
Antigua-et-Barbuda
100%
Antigua-et-Barbuda
100%
Antigua-et-Barbuda
100%
Antigua-et-Barbuda
100%
Arménie
100%
Arménie
100%
Arménie
100%
Arménie
100%
Arménie
100%
Arménie
100%
Arménie
100%
Arménie
100%
Arménie
100%
Arménie
100%
Arménie
100%
Arménie
100%
Arménie
100%
Arménie
100%
Arménie
100%
Arménie
100%
Arménie
100%
Arménie
100%
Arménie
100%
Arménie
100%
Arménie
100%
Arménie
100%
Arménie
100%
Arménie
100%
Arménie
100%
Arménie
100%
Arménie
100%
Arménie
100%
Arménie
100%
Arménie
100%
Arménie
100%
Arménie
100%
Arménie
100%
Arménie
100%
Arménie
100%
Autriche
100%
Autriche
100%
Autriche
100%
Autriche
100%
Autriche
100%
Autriche
100%
Autriche
100%
Autriche
100%
Autriche
100%
Autriche
100%
Autriche
100%
Autriche
100%
Autriche
100%
Autriche
100%
Autriche
100%
Autriche
100%
Autriche
100%
Autriche
100%
Autriche
100%
Autriche
100%
Autriche
100%
Autriche
100%
Autriche
100%
Autriche
100%
Autriche
100%
Autriche
100%
Autriche
100%
Autriche
100%
Autriche
100%
Autriche
100%
Autriche
100%
Autriche
100%
Autriche
100%
Autriche
100%
Autriche
100%
Autriche
100%
Autriche
100%
Autriche
100%
Autriche
100%
Azerbaïdjan
100%
Azerbaïdjan
100%
Azerbaïdjan
100%
Azerbaïdjan
100%
Azerbaïdjan
100%
Azerbaïdjan
100%
Azerbaïdjan
100%
Azerbaïdjan
100%
Azerbaïdjan
100%
Azerbaïdjan
100%
Azerbaïdjan
100%
Azerbaïdjan
100%
Azerbaïdjan
100%
Azerbaïdjan
100%
Azerbaïdjan
100%
Azerbaïdjan
100%
Azerbaïdjan
100%
Azerbaïdjan
100%
Azerbaïdjan
100%
Azerbaïdjan
100%
Azerbaïdjan
100%
Azerbaïdjan
100%
Azerbaïdjan
100%
Azerbaïdjan
100%
Azerbaïdjan
100%
Bahamas
100%
Bahamas
100%
Bahamas
100%
Bahamas
100%
Bahamas
100%
Bahamas
100%
Bahamas
100%
Bahamas
100%
Bahamas
100%
Bahamas
100%
Bahamas
100%
Bahamas
100%
Bahamas
100%
Bahamas
100%
Bahamas
100%
Bahamas
100%
Bahamas
100%
Bahamas
100%
Bahamas
100%
Bahamas
100%
Bahreïn
100%
Bahreïn
100%
Bahreïn
100%
Bahreïn
100%
Bahreïn
100%
Bahreïn
100%
Bahreïn
100%
Bahreïn
100%
Bahreïn
100%
Bahreïn
100%
Bahreïn
100%
Bahreïn
100%
Bahreïn
100%
Bahreïn
100%
Bahreïn
100%
Bahreïn
100%
Bahreïn
100%
Bahreïn
100%
Bahreïn
100%
Bahreïn
100%
Bahreïn
100%
Bangladesh
100%
Bangladesh
100%
Bangladesh
100%
Bangladesh
100%
Bangladesh
100%
Bangladesh
100%
Bangladesh
100%
Bangladesh
100%
Bangladesh
100%
Bangladesh
100%
Bangladesh
100%
Bangladesh
100%
Bangladesh
100%
Bangladesh
100%
Bangladesh
100%
Bangladesh
100%
Bangladesh
100%
Bangladesh
100%
Bangladesh
100%
Bangladesh
100%
Bangladesh
100%
Bangladesh
100%
Bangladesh
100%
Bangladesh
100%
Bangladesh
100%
Bangladesh
100%
Bangladesh
100%
Bangladesh
100%
Bangladesh
100%
Bangladesh
100%
Bangladesh
100%
Bangladesh
100%
Bangladesh
100%
Bangladesh
100%
Bangladesh
100%
Bangladesh
100%
Bangladesh
100%
Bangladesh
100%
Bangladesh
100%
Barbade
100%
Barbade
100%
Barbade
100%
Barbade
100%
Barbade
100%
Barbade
100%
Barbade
100%
Barbade
100%
Barbade
100%
Barbade
100%
Barbade
100%
Barbade
100%
Barbade
100%
Barbade
100%
Barbade
100%
Barbade
100%
Barbade
100%
Barbade
100%
Barbade
100%
Barbade
100%
Barbade
100%
Barbade
100%
Barbade
100%
Barbade
100%
Barbade
100%
Barbade
100%
Barbade
100%
Barbade
100%
Belgique
100%
Belgique
100%
Belgique
100%
Belgique
100%
Belgique
100%
Belgique
100%
Belgique
100%
Belgique
100%
Belgique
100%
Belgique
100%
Belgique
100%
Belgique
100%
Belgique
100%
Belgique
100%
Belgique
100%
Belgique
100%
Belgique
100%
Belgique
100%
Belgique
100%
Belgique
100%
Belgique
100%
Belgique
100%
Belgique
100%
Belgique
100%
Belgique
100%
Belgique
100%
Belgique
100%
Belgique
100%
Belgique
100%
Belgique
100%
Belgique
100%
Belgique
100%
Belgique
100%
Belgique
100%
Belgique
100%
Belgique
100%
Belgique
100%
Belgique
100%
Belgique
100%
Belgique
100%
Belgique
100%
Belgique
100%
Belgique
100%
Belgique
100%
Belgique
100%
Belgique
100%
Belgique
100%
Belgique
100%
Belgique
100%
Belgique
100%
Birmanie
100%
Birmanie
100%
Birmanie
100%
Birmanie
100%
Birmanie
100%
Birmanie
100%
Birmanie
100%
Birmanie
100%
Birmanie
100%
Birmanie
100%
Birmanie
100%
Bolivie
100%
Bolivie
100%
Bolivie
100%
Bolivie
100%
Bolivie
100%
Bolivie
100%
Bolivie
100%
Bolivie
100%
Bolivie
100%
Bolivie
100%
Bolivie
100%
Bolivie
100%
Bolivie
100%
Bolivie
100%
Bolivie
100%
Bolivie
100%
Bolivie
100%
Bosnie-Herzégovine
100%
Bosnie-Herzégovine
100%
Bosnie-Herzégovine
100%
Bosnie-Herzégovine
100%
Bosnie-Herzégovine
100%
Bosnie-Herzégovine
100%
Bosnie-Herzégovine
100%
Bosnie-Herzégovine
100%
Bosnie-Herzégovine
100%
Bosnie-Herzégovine
100%
Bosnie-Herzégovine
100%
Bosnie-Herzégovine
100%
Bosnie-Herzégovine
100%
Bosnie-Herzégovine
100%
Bosnie-Herzégovine
100%
Bosnie-Herzégovine
100%
Bosnie-Herzégovine
100%
Bosnie-Herzégovine
100%
Bosnie-Herzégovine
100%
Bosnie-Herzégovine
100%
Bosnie-Herzégovine
100%
Bosnie-Herzégovine
100%
Bosnie-Herzégovine
100%
Bosnie-Herzégovine
100%
Bosnie-Herzégovine
100%
Bosnie-Herzégovine
100%
Bosnie-Herzégovine
100%
Bosnie-Herzégovine
100%
Bosnie-Herzégovine
100%
Bosnie-Herzégovine
100%
Bosnie-Herzégovine
100%
Bosnie-Herzégovine
100%
Bosnie-Herzégovine
100%
Botswana
100%
Botswana
100%
Botswana
100%
Botswana
100%
Botswana
100%
Botswana
100%
Botswana
100%
Botswana
100%
Botswana
100%
Botswana
100%
Botswana
100%
Botswana
100%
Botswana
100%
Botswana
100%
Bulgarie
100%
Bulgarie
100%
Bulgarie
100%
Bulgarie
100%
Bulgarie
100%
Bulgarie
100%
Bulgarie
100%
Bulgarie
100%
Bulgarie
100%
Bulgarie
100%
Bulgarie
100%
Bulgarie
100%
Bulgarie
100%
Bulgarie
100%
Bulgarie
100%
Bulgarie
100%
Bulgarie
100%
Bulgarie
100%
Bulgarie
100%
Bulgarie
100%
Bulgarie
100%
Bulgarie
100%
Bulgarie
100%
Bulgarie
100%
Bulgarie
100%
Bulgarie
100%
Bulgarie
100%
Bulgarie
100%
Bulgarie
100%
Bulgarie
100%
Bulgarie
100%
Bulgarie
100%
Bulgarie
100%
Bulgarie
100%
Bulgarie
100%
Bulgarie
100%
Burkina Faso
100%
Burkina Faso
100%
Burkina Faso
100%
Burkina Faso
100%
Burkina Faso
100%
Burkina Faso
100%
Burkina Faso
100%
Burkina Faso
100%
Burkina Faso
100%
Burkina Faso
100%
Burkina Faso
100%
Burkina Faso
100%
Burkina Faso
100%
Burkina Faso
100%
Burkina Faso
100%
Burkina Faso
100%
Burkina Faso
100%
Burkina Faso
100%
Burkina Faso
100%
Burundi
100%
Burundi
100%
Burundi
100%
Burundi
100%
Burundi
100%
Burundi
100%
Burundi
100%
Burundi
100%
Burundi
100%
Burundi
100%
Burundi
100%
Burundi
100%
Burundi
100%
Burundi
100%
Burundi
100%
Burundi
100%
Burundi
100%
Burundi
100%
Burundi
100%
Burundi
100%
Burundi
100%
Burundi
100%
Burundi
100%
Burundi
100%
Burundi
100%
Burundi
100%
Burundi
100%
Burundi
100%
Cameroun
100%
Cameroun
100%
Cameroun
100%
Cameroun
100%
Cameroun
100%
Cameroun
100%
Cameroun
100%
Cameroun
100%
Cameroun
100%
Cameroun
100%
Cameroun
100%
Cameroun
100%
Cameroun
100%
Cameroun
100%
Cameroun
100%
Cameroun
100%
Cameroun
100%
Cameroun
100%
Cameroun
100%
Cameroun
100%
Cameroun
100%
Cameroun
100%
Canada
100%
Canada
100%
Canada
100%
Canada
100%
Canada
100%
Canada
100%
Canada
100%
Canada
100%
Canada
100%
Canada
100%
Canada
100%
Canada
100%
Canada
100%
Canada
100%
Canada
100%
Canada
100%
Canada
100%
Canada
100%
Canada
100%
Canada
100%
Canada
100%
Canada
100%
Canada
100%
Canada
100%
Canada
100%
Canada
100%
Canada
100%
Canada
100%
Canada
100%
Canada
100%
Canada
100%
Canada
100%
Canada
100%
Canada
100%
Canada
100%
Canada
100%
Canada
100%
Canada
100%
Canada
100%
Canada
100%
Canada
100%
Canada
100%
Canada
100%
Canada
100%
Canada
100%
Canada
100%
Canada
100%
Cap-Vert
100%
Cap-Vert
100%
Cap-Vert
100%
Cap-Vert
100%
Cap-Vert
100%
Cap-Vert
100%
Cap-Vert
100%
Cap-Vert
100%
Cap-Vert
100%
Cap-Vert
100%
Cap-Vert
100%
Cap-Vert
100%
Cap-Vert
100%
Cap-Vert
100%
Cap-Vert
100%
Cap-Vert
100%
Cap-Vert
100%
Cap-Vert
100%
Cap-Vert
100%
Chili
100%
Chili
100%
Chili
100%
Chili
100%
Chili
100%
Chili
100%
Chili
100%
Chili
100%
Chili
100%
Chili
100%
Chili
100%
Chili
100%
Chili
100%
Chili
100%
Chili
100%
Chili
100%
Chili
100%
Chili
100%
Chili
100%
Chili
100%
Chili
100%
Chili
100%
Chili
100%
Chili
100%
Chili
100%
Chili
100%
Chili
100%
Chili
100%
Chili
100%
Chili
100%
Chili
100%
Chili
100%
Chili
100%
Chili
100%
Chili
100%
Chili
100%
Chili
100%
Chili
100%
Chili
100%
Chili
100%
Chili
100%
Chili
100%
Chili
100%
Chili
100%
Chili
100%
Chili
100%
Chili
100%
Chili
100%
Chili
100%
Chine
100%
Chine
100%
Chine
100%
Chine
100%
Chine
100%
Chine
100%
Chine
100%
Chine
100%
Chine
100%
Chine
100%
Chine
100%
Chine
100%
Chine
100%
Chine
100%
Chine
100%
Chine
100%
Chine
100%
Chine
100%
Chine
100%
Chine
100%
Chine
100%
Chine
100%
Chine
100%
Chine
100%
Chine
100%
Chine
100%
Chine
100%
Chine
100%
Chine
100%
Chine
100%
Chine
100%
Chine
100%
Chine
100%
Chine
100%
Chine
100%
Chine
100%
Chine
100%
Chine
100%
Chine
100%
Chine
100%
Chine
100%
Chine
100%
Chine
100%
Chine
100%
Chine
100%
Chypre
100%
Chypre
100%
Chypre
100%
Chypre
100%
Chypre
100%
Chypre
100%
Chypre
100%
Chypre
100%
Chypre
100%
Chypre
100%
Chypre
100%
Chypre
100%
Chypre
100%
Chypre
100%
Chypre
100%
Chypre
100%
Chypre
100%
Chypre
100%
Chypre
100%
Chypre
100%
Chypre
100%
Chypre
100%
Chypre
100%
Chypre
100%
Chypre
100%
Chypre
100%
Chypre
100%
Chypre
100%
Chypre
100%
Chypre
100%
Chypre
100%
Chypre
100%
Chypre
100%
Chypre
100%
Chypre
100%
Chypre
100%
Chypre
100%
Chypre
100%
Chypre
100%
Chypre
100%
Chypre
100%
Chypre
100%
Chypre
100%
Chypre
100%
Chypre
100%
Chypre
100%
Chypre
100%
Chypre
100%
Colombie
100%
Colombie
100%
Colombie
100%
Colombie
100%
Colombie
100%
Colombie
100%
Colombie
100%
Colombie
100%
Colombie
100%
Colombie
100%
Colombie
100%
Colombie
100%
Colombie
100%
Colombie
100%
Colombie
100%
Colombie
100%
Colombie
100%
Colombie
100%
Colombie
100%
Colombie
100%
Colombie
100%
Colombie
100%
Colombie
100%
Colombie
100%
Colombie
100%
Colombie
100%
Colombie
100%
Colombie
100%
Colombie
100%
Comores
100%
Comores
100%
Comores
100%
Comores
100%
Comores
100%
Comores
100%
Comores
100%
Comores
100%
Comores
100%
Comores
100%
Comores
100%
Comores
100%
Comores
100%
Comores
100%
Comores
100%
Comores
100%
Comores
100%
Comores
100%
Comores
100%
Comores
100%
Corée du Nord
100%
Corée du Nord
100%
Corée du Nord
100%
Corée du Nord
100%
Corée du Nord
100%
Corée du Nord
100%
Corée du Nord
100%
Corée du Nord
100%
Corée du Nord
100%
Corée du Nord
100%
Corée du Nord
100%
Corée du Nord
100%
Corée du Nord
100%
Corée du Nord
100%
Corée du Nord
100%
Corée du Nord
100%
Corée du Nord
100%
Corée du Nord
100%
Corée du Nord
100%
Corée du Nord
100%
Corée du Nord
100%
Corée du Nord
100%
Corée du Nord
100%
Corée du Nord
100%
Corée du Nord
100%
Corée du Nord
100%
Corée du Nord
100%
Corée du Nord
100%
Corée du Nord
100%
Corée du Nord
100%
Corée du Nord
100%
Corée du Nord
100%
Corée du Nord
100%
Corée du Nord
100%
Corée du Nord
100%
Corée du Nord
100%
Corée du Nord
100%
Corée du Nord
100%
Corée du Nord
100%
Corée du Nord
100%
Corée du Nord
100%
Corée du Nord
100%
Corée du Nord
100%
Corée du Nord
100%
Corée du Nord
100%
Corée du Nord
100%
Corée du Sud
100%
Corée du Sud
100%
Corée du Sud
100%
Corée du Sud
100%
Corée du Sud
100%
Corée du Sud
100%
Corée du Sud
100%
Corée du Sud
100%
Corée du Sud
100%
Corée du Sud
100%
Corée du Sud
100%
Corée du Sud
100%
Corée du Sud
100%
Corée du Sud
100%
Corée du Sud
100%
Corée du Sud
100%
Corée du Sud
100%
Corée du Sud
100%
Corée du Sud
100%
Corée du Sud
100%
Corée du Sud
100%
Corée du Sud
100%
Corée du Sud
100%
Corée du Sud
100%
Corée du Sud
100%
Corée du Sud
100%
Corée du Sud
100%
Corée du Sud
100%
Corée du Sud
100%
Corée du Sud
100%
Corée du Sud
100%
Corée du Sud
100%
Corée du Sud
100%
Corée du Sud
100%
Corée du Sud
100%
Corée du Sud
100%
Corée du Sud
100%
Corée du Sud
100%
Corée du Sud
100%
Corée du Sud
100%
Corée du Sud
100%
Corée du Sud
100%
Corée du Sud
100%
Corée du Sud
100%
Corée du Sud
100%
Corée du Sud
100%
Corée du Sud
100%
Corée du Sud
100%
Corée du Sud
100%
Costa Rica
100%
Costa Rica
100%
Costa Rica
100%
Costa Rica
100%
Costa Rica
100%
Costa Rica
100%
Costa Rica
100%
Costa Rica
100%
Costa Rica
100%
Costa Rica
100%
Costa Rica
100%
Costa Rica
100%
Costa Rica
100%
Costa Rica
100%
Costa Rica
100%
Costa Rica
100%
Costa Rica
100%
Costa Rica
100%
Costa Rica
100%
Costa Rica
100%
Costa Rica
100%
Costa Rica
100%
Costa Rica
100%
Costa Rica
100%
Costa Rica
100%
Costa Rica
100%
Costa Rica
100%
Costa Rica
100%
Costa Rica
100%
Costa Rica
100%
Costa Rica
100%
Costa Rica
100%
Costa Rica
100%
Costa Rica
100%
Costa Rica
100%
Costa Rica
100%
Costa Rica
100%
Côte d'Ivoire
100%
Côte d'Ivoire
100%
Côte d'Ivoire
100%
Côte d'Ivoire
100%
Côte d'Ivoire
100%
Côte d'Ivoire
100%
Côte d'Ivoire
100%
Côte d'Ivoire
100%
Côte d'Ivoire
100%
Côte d'Ivoire
100%
Côte d'Ivoire
100%
Côte d'Ivoire
100%
Côte d'Ivoire
100%
Côte d'Ivoire
100%
Côte d'Ivoire
100%
Côte d'Ivoire
100%
Côte d'Ivoire
100%
Côte d'Ivoire
100%
Côte d'Ivoire
100%
Côte d'Ivoire
100%
Côte d'Ivoire
100%
Côte d'Ivoire
100%
Côte d'Ivoire
100%
Côte d'Ivoire
100%
Côte d'Ivoire
100%
Côte d'Ivoire
100%
Côte d'Ivoire
100%
Côte d'Ivoire
100%
Côte d'Ivoire
100%
Côte d'Ivoire
100%
Cuba
100%
Cuba
100%
Cuba
100%
Cuba
100%
Cuba
100%
Cuba
100%
Cuba
100%
Cuba
100%
Cuba
100%
Cuba
100%
Cuba
100%
Cuba
100%
Cuba
100%
Cuba
100%
Cuba
100%
Cuba
100%
Cuba
100%
Cuba
100%
Cuba
100%
Cuba
100%
Cuba
100%
Cuba
100%
Cuba
100%
Cuba
100%
Cuba
100%
Cuba
100%
Cuba
100%
Cuba
100%
Cuba
100%
Cuba
100%
Cuba
100%
Danemark
100%
Danemark
100%
Danemark
100%
Danemark
100%
Danemark
100%
Danemark
100%
Danemark
100%
Danemark
100%
Danemark
100%
Danemark
100%
Danemark
100%
Danemark
100%
Danemark
100%
Danemark
100%
Danemark
100%
Danemark
100%
Danemark
100%
Danemark
100%
Danemark
100%
Danemark
100%
Danemark
100%
Danemark
100%
Danemark
100%
Danemark
100%
Danemark
100%
Danemark
100%
Danemark
100%
Danemark
100%
Danemark
100%
Danemark
100%
Danemark
100%
Danemark
100%
Danemark
100%
Danemark
100%
Danemark
100%
Djibouti
100%
Djibouti
100%
Djibouti
100%
Djibouti
100%
Djibouti
100%
Djibouti
100%
Djibouti
100%
Djibouti
100%
Djibouti
100%
Djibouti
100%
Djibouti
100%
Djibouti
100%
Djibouti
100%
Djibouti
100%
Djibouti
100%
Djibouti
100%
Djibouti
100%
Djibouti
100%
Djibouti
100%
Djibouti
100%
Djibouti
100%
Djibouti
100%
Djibouti
100%
Émirats Arabes Unis
100%
Émirats Arabes Unis
100%
Émirats Arabes Unis
100%
Émirats Arabes Unis
100%
Émirats Arabes Unis
100%
Émirats Arabes Unis
100%
Émirats Arabes Unis
100%
Émirats Arabes Unis
100%
Émirats Arabes Unis
100%
Émirats Arabes Unis
100%
Émirats Arabes Unis
100%
Émirats Arabes Unis
100%
Émirats Arabes Unis
100%
Émirats Arabes Unis
100%
Émirats Arabes Unis
100%
Émirats Arabes Unis
100%
Émirats Arabes Unis
100%
Émirats Arabes Unis
100%
Estonie
100%
Estonie
100%
Estonie
100%
Estonie
100%
Estonie
100%
Estonie
100%
Estonie
100%
Estonie
100%
Estonie
100%
Estonie
100%
Estonie
100%
Estonie
100%
Estonie
100%
Estonie
100%
Estonie
100%
Estonie
100%
Estonie
100%
Estonie
100%
Estonie
100%
Estonie
100%
Estonie
100%
Estonie
100%
Estonie
100%
Estonie
100%
Estonie
100%
Estonie
100%
Estonie
100%
Estonie
100%
Estonie
100%
Estonie
100%
Estonie
100%
Estonie
100%
Estonie
100%
Estonie
100%
Estonie
100%
Estonie
100%
Estonie
100%
États Fédérés de Micronésie
100%
États Fédérés de Micronésie
100%
États Fédérés de Micronésie
100%
États Fédérés de Micronésie
100%
États Fédérés de Micronésie
100%
États Fédérés de Micronésie
100%
États Fédérés de Micronésie
100%
États Fédérés de Micronésie
100%
États Fédérés de Micronésie
100%
États Fédérés de Micronésie
100%
États Fédérés de Micronésie
100%
États Fédérés de Micronésie
100%
États Fédérés de Micronésie
100%
États Fédérés de Micronésie
100%
États Fédérés de Micronésie
100%
États Fédérés de Micronésie
100%
États-Unis
100%
États-Unis
100%
États-Unis
100%
États-Unis
100%
États-Unis
100%
États-Unis
100%
États-Unis
100%
États-Unis
100%
États-Unis
100%
États-Unis
100%
États-Unis
100%
États-Unis
100%
États-Unis
100%
États-Unis
100%
États-Unis
100%
États-Unis
100%
États-Unis
100%
États-Unis
100%
États-Unis
100%
États-Unis
100%
États-Unis
100%
États-Unis
100%
États-Unis
100%
États-Unis
100%
États-Unis
100%
États-Unis
100%
États-Unis
100%
États-Unis
100%
États-Unis
100%
États-Unis
100%
États-Unis
100%
États-Unis
100%
États-Unis
100%
États-Unis
100%
États-Unis
100%
États-Unis
100%
États-Unis
100%
États-Unis
100%
États-Unis
100%
États-Unis
100%
États-Unis
100%
États-Unis
100%
États-Unis
100%
États-Unis
100%
États-Unis
100%
Éthiopie
100%
Éthiopie
100%
Éthiopie
100%
Éthiopie
100%
Éthiopie
100%
Éthiopie
100%
Éthiopie
100%
Éthiopie
100%
Éthiopie
100%
Éthiopie
100%
Éthiopie
100%
Éthiopie
100%
Éthiopie
100%
Éthiopie
100%
Éthiopie
100%
Éthiopie
100%
Éthiopie
100%
Éthiopie
100%
Éthiopie
100%
Éthiopie
100%
Finlande
100%
Finlande
100%
Finlande
100%
Finlande
100%
Finlande
100%
Finlande
100%
Finlande
100%
Finlande
100%
Finlande
100%
Finlande
100%
Finlande
100%
Finlande
100%
Finlande
100%
Finlande
100%
Finlande
100%
Finlande
100%
Finlande
100%
Finlande
100%
Finlande
100%
Finlande
100%
Finlande
100%
Finlande
100%
Finlande
100%
Finlande
100%
Finlande
100%
Finlande
100%
Finlande
100%
Finlande
100%
Finlande
100%
Finlande
100%
Finlande
100%
Finlande
100%
Finlande
100%
Finlande
100%
Finlande
100%
Finlande
100%
Finlande
100%
Finlande
100%
Finlande
100%
Finlande
100%
Finlande
100%
Finlande
100%
France
100%
France
100%
France
100%
France
100%
France
100%
France
100%
France
100%
France
100%
France
100%
France
100%
France
100%
France
100%
France
100%
France
100%
France
100%
France
100%
France
100%
France
100%
France
100%
France
100%
France
100%
France
100%
France
100%
France
100%
France
100%
France
100%
France
100%
France
100%
France
100%
France
100%
France
100%
France
100%
France
100%
France
100%
France
100%
France
100%
France
100%
France
100%
France
100%
France
100%
France
100%
France
100%
France
100%
France
100%
Gabon
100%
Gabon
100%
Gabon
100%
Gabon
100%
Gabon
100%
Gabon
100%
Gabon
100%
Gabon
100%
Gabon
100%
Gabon
100%
Gabon
100%
Gabon
100%
Gabon
100%
Gabon
100%
Gabon
100%
Gabon
100%
Gabon
100%
Gabon
100%
Gambie
100%
Gambie
100%
Gambie
100%
Gambie
100%
Gambie
100%
Gambie
100%
Gambie
100%
Gambie
100%
Gambie
100%
Gambie
100%
Gambie
100%
Gambie
100%
Gambie
100%
Géorgie
100%
Géorgie
100%
Géorgie
100%
Géorgie
100%
Géorgie
100%
Géorgie
100%
Géorgie
100%
Géorgie
100%
Géorgie
100%
Géorgie
100%
Géorgie
100%
Géorgie
100%
Géorgie
100%
Géorgie
100%
Géorgie
100%
Géorgie
100%
Géorgie
100%
Géorgie
100%
Géorgie
100%
Géorgie
100%
Géorgie
100%
Géorgie
100%
Géorgie
100%
Géorgie
100%
Géorgie
100%
Géorgie
100%
Géorgie
100%
Géorgie
100%
Géorgie
100%
Géorgie
100%
Géorgie
100%
Géorgie
100%
Géorgie
100%
Géorgie
100%
Géorgie
100%
Géorgie
100%
Géorgie
100%
Géorgie
100%
Géorgie
100%
Géorgie
100%
Géorgie
100%
Géorgie
100%
Géorgie
100%
Ghana
100%
Ghana
100%
Ghana
100%
Ghana
100%
Ghana
100%
Ghana
100%
Ghana
100%
Ghana
100%
Ghana
100%
Ghana
100%
Ghana
100%
Ghana
100%
Ghana
100%
Ghana
100%
Ghana
100%
Ghana
100%
Ghana
100%
Ghana
100%
Ghana
100%
Ghana
100%
Grèce
100%
Grèce
100%
Grèce
100%
Grèce
100%
Grèce
100%
Grèce
100%
Grèce
100%
Grèce
100%
Grèce
100%
Grèce
100%
Grèce
100%
Grèce
100%
Grèce
100%
Grèce
100%
Grèce
100%
Grèce
100%
Grèce
100%
Grèce
100%
Grèce
100%
Grèce
100%
Grèce
100%
Grèce
100%
Grèce
100%
Grèce
100%
Grèce
100%
Grèce
100%
Grèce
100%
Grèce
100%
Grèce
100%
Grèce
100%
Grèce
100%
Grèce
100%
Grèce
100%
Grèce
100%
Grèce
100%
Grèce
100%
Grèce
100%
Grèce
100%
Grèce
100%
Grèce
100%
Grèce
100%
Grèce
100%
Grèce
100%
Grèce
100%
Grèce
100%
Grèce
100%
Grèce
100%
Grèce
100%
Grèce
100%
Grèce
100%
Grèce
100%
Grèce
100%
Grèce
100%
Grèce
100%
Grèce
100%
Grèce
100%
Grèce
100%
Grèce
100%
Grèce
100%
Grèce
100%
Grèce
100%
Grèce
100%
Grèce
100%
Grenade
100%
Grenade
100%
Grenade
100%
Grenade
100%
Grenade
100%
Grenade
100%
Grenade
100%
Grenade
100%
Grenade
100%
Guinée
100%
Guinée
100%
Guinée
100%
Guinée
100%
Guinée
100%
Guinée
100%
Guinée
100%
Guinée
100%
Honduras
100%
Honduras
100%
Honduras
100%
Honduras
100%
Honduras
100%
Honduras
100%
Honduras
100%
Honduras
100%
Honduras
100%
Honduras
100%
Honduras
100%
Honduras
100%
Honduras
100%
Honduras
100%
Honduras
100%
Honduras
100%
Honduras
100%
Honduras
100%
Honduras
100%
Honduras
100%
Honduras
100%
Honduras
100%
Honduras
100%
Honduras
100%
Honduras
100%
Honduras
100%
Honduras
100%
Honduras
100%
Honduras
100%
Honduras
100%
Honduras
100%
Honduras
100%
Hongrie
100%
Hongrie
100%
Hongrie
100%
Hongrie
100%
Hongrie
100%
Hongrie
100%
Hongrie
100%
Hongrie
100%
Hongrie
100%
Hongrie
100%
Hongrie
100%
Hongrie
100%
Hongrie
100%
Hongrie
100%
Hongrie
100%
Hongrie
100%
Hongrie
100%
Hongrie
100%
Hongrie
100%
Hongrie
100%
Hongrie
100%
Hongrie
100%
Îles Marshall
100%
Îles Marshall
100%
Îles Marshall
100%
Îles Marshall
100%
Îles Marshall
100%
Îles Marshall
100%
Îles Marshall
100%
Îles Marshall
100%
Îles Marshall
100%
Îles Marshall
100%
Îles Marshall
100%
Îles Marshall
100%
Îles Marshall
100%
Îles Marshall
100%
Îles Marshall
100%
Îles Salomon
100%
Îles Salomon
100%
Îles Salomon
100%
Îles Salomon
100%
Îles Salomon
100%
Îles Salomon
100%
Indonésie
100%
Indonésie
100%
Indonésie
100%
Indonésie
100%
Indonésie
100%
Indonésie
100%
Indonésie
100%
Indonésie
100%
Indonésie
100%
Indonésie
100%
Indonésie
100%
Indonésie
100%
Indonésie
100%
Indonésie
100%
Indonésie
100%
Indonésie
100%
Indonésie
100%
Indonésie
100%
Indonésie
100%
Indonésie
100%
Indonésie
100%
Indonésie
100%
Indonésie
100%
Indonésie
100%
Indonésie
100%
Indonésie
100%
Indonésie
100%
Indonésie
100%
Indonésie
100%
Indonésie
100%
Irak
100%
Irak
100%
Irak
100%
Irak
100%
Irak
100%
Irak
100%
Irak
100%
Irak
100%
Irak
100%
Irak
100%
Irak
100%
Irak
100%
Irak
100%
Irak
100%
Irak
100%
Irak
100%
Irak
100%
Irak
100%
Irak
100%
Irak
100%
Irak
100%
Irak
100%
Irak
100%
Irak
100%
Irak
100%
Irak
100%
Irak
100%
Irak
100%
Irak
100%
Irak
100%
Irak
100%
Irlande
100%
Irlande
100%
Irlande
100%
Irlande
100%
Irlande
100%
Irlande
100%
Irlande
100%
Irlande
100%
Irlande
100%
Irlande
100%
Irlande
100%
Irlande
100%
Irlande
100%
Irlande
100%
Irlande
100%
Irlande
100%
Irlande
100%
Irlande
100%
Irlande
100%
Irlande
100%
Irlande
100%
Irlande
100%
Irlande
100%
Irlande
100%
Irlande
100%
Irlande
100%
Irlande
100%
Irlande
100%
Irlande
100%
Irlande
100%
Irlande
100%
Irlande
100%
Irlande
100%
Irlande
100%
Irlande
100%
Irlande
100%
Irlande
100%
Irlande
100%
Irlande
100%
Irlande
100%
Irlande
100%
Irlande
100%
Irlande
100%
Irlande
100%
Irlande
100%
Irlande
100%
Irlande
100%
Irlande
100%
Islande
100%
Islande
100%
Islande
100%
Islande
100%
Islande
100%
Islande
100%
Islande
100%
Islande
100%
Islande
100%
Islande
100%
Islande
100%
Islande
100%
Islande
100%
Islande
100%
Islande
100%
Islande
100%
Islande
100%
Islande
100%
Islande
100%
Islande
100%
Islande
100%
Islande
100%
Islande
100%
Islande
100%
Islande
100%
Islande
100%
Islande
100%
Islande
100%
Islande
100%
Islande
100%
Islande
100%
Islande
100%
Islande
100%
Islande
100%
Israël
100%
Israël
100%
Israël
100%
Israël
100%
Israël
100%
Israël
100%
Israël
100%
Israël
100%
Israël
100%
Israël
100%
Israël
100%
Israël
100%
Israël
100%
Israël
100%
Israël
100%
Israël
100%
Israël
100%
Israël
100%
Israël
100%
Israël
100%
Israël
100%
Israël
100%
Israël
100%
Israël
100%
Israël
100%
Israël
100%
Israël
100%
Israël
100%
Israël
100%
Israël
100%
Israël
100%
Israël
100%
Israël
100%
Israël
100%
Israël
100%
Israël
100%
Israël
100%
Israël
100%
Israël
100%
Israël
100%
Israël
100%
Israël
100%
Israël
100%
Israël
100%
Israël
100%
Israël
100%
Israël
100%
Israël
100%
Israël
100%
Israël
100%
Israël
100%
Italie
100%
Italie
100%
Italie
100%
Italie
100%
Italie
100%
Italie
100%
Italie
100%
Italie
100%
Italie
100%
Italie
100%
Italie
100%
Italie
100%
Italie
100%
Italie
100%
Italie
100%
Italie
100%
Italie
100%
Italie
100%
Italie
100%
Italie
100%
Italie
100%
Italie
100%
Italie
100%
Italie
100%
Italie
100%
Italie
100%
Italie
100%
Italie
100%
Italie
100%
Italie
100%
Italie
100%
Italie
100%
Italie
100%
Italie
100%
Italie
100%
Italie
100%
Italie
100%
Italie
100%
Jamaïque
100%
Jamaïque
100%
Jamaïque
100%
Jamaïque
100%
Jamaïque
100%
Jamaïque
100%
Jamaïque
100%
Jamaïque
100%
Jamaïque
100%
Jamaïque
100%
Jamaïque
100%
Jamaïque
100%
Jamaïque
100%
Jamaïque
100%
Jamaïque
100%
Jamaïque
100%
Jamaïque
100%
Jamaïque
100%
Jamaïque
100%
Jamaïque
100%
Jamaïque
100%
Jamaïque
100%
Jamaïque
100%
Jamaïque
100%
Jamaïque
100%
Jamaïque
100%
Jamaïque
100%
Jamaïque
100%
Jamaïque
100%
Jamaïque
100%
Jamaïque
100%
Jamaïque
100%
Jamaïque
100%
Jamaïque
100%
Jamaïque
100%
Jamaïque
100%
Jamaïque
100%
Jamaïque
100%
Jamaïque
100%
Jamaïque
100%
Jamaïque
100%
Jamaïque
100%
Jamaïque
100%
Japon
100%
Japon
100%
Japon
100%
Japon
100%
Japon
100%
Japon
100%
Japon
100%
Japon
100%
Japon
100%
Japon
100%
Japon
100%
Japon
100%
Japon
100%
Japon
100%
Japon
100%
Japon
100%
Japon
100%
Japon
100%
Japon
100%
Japon
100%
Japon
100%
Japon
100%
Japon
100%
Japon
100%
Japon
100%
Japon
100%
Japon
100%
Japon
100%
Japon
100%
Japon
100%
Japon
100%
Japon
100%
Japon
100%
Japon
100%
Japon
100%
Japon
100%
Japon
100%
Japon
100%
Japon
100%
Jordanie
100%
Jordanie
100%
Jordanie
100%
Jordanie
100%
Jordanie
100%
Jordanie
100%
Jordanie
100%
Jordanie
100%
Jordanie
100%
Jordanie
100%
Jordanie
100%
Jordanie
100%
Kenya
100%
Kenya
100%
Kenya
100%
Kenya
100%
Kenya
100%
Kenya
100%
Kenya
100%
Kenya
100%
Kenya
100%
Kenya
100%
Kenya
100%
Kenya
100%
Kenya
100%
Kenya
100%
Kenya
100%
Kenya
100%
Kenya
100%
Kenya
100%
Kenya
100%
Kenya
100%
Kenya
100%
Kenya
100%
Kenya
100%
Kenya
100%
Kenya
100%
Kenya
100%
Kenya
100%
Kenya
100%
Kenya
100%
Kenya
100%
Kenya
100%
Kenya
100%
Kenya
100%
Kenya
100%
Kenya
100%
Kenya
100%
Kenya
100%
Kenya
100%
Kenya
100%
Kenya
100%
Kenya
100%
Kenya
100%
Kenya
100%
Kenya
100%
Kenya
100%
Kenya
100%
Kenya
100%
Kenya
100%
Kenya
100%
Kenya
100%
Kirghizistan
100%
Kirghizistan
100%
Kirghizistan
100%
Kirghizistan
100%
Kirghizistan
100%
Kirghizistan
100%
Kirghizistan
100%
Kirghizistan
100%
Kirghizistan
100%
Kirghizistan
100%
Kirghizistan
100%
Kirghizistan
100%
Kirghizistan
100%
Kirghizistan
100%
Kirghizistan
100%
Kirghizistan
100%
Kirghizistan
100%
Kosovo
100%
Kosovo
100%
Kosovo
100%
Kosovo
100%
Kosovo
100%
Kosovo
100%
Kosovo
100%
Kosovo
100%
Kosovo
100%
Kosovo
100%
Kosovo
100%
Kosovo
100%
Kosovo
100%
Kosovo
100%
Kosovo
100%
Kosovo
100%
Kosovo
100%
Kosovo
100%
Kosovo
100%
Kosovo
100%
Kosovo
100%
Kosovo
100%
Kosovo
100%
Kosovo
100%
Kosovo
100%
Kosovo
100%
Kosovo
100%
Kosovo
100%
Kosovo
100%
Kosovo
100%
Kosovo
100%
Kosovo
100%
Kosovo
100%
Kosovo
100%
Kosovo
100%
Kosovo
100%
Kosovo
100%
Kosovo
100%
Kosovo
100%
Koweït
100%
Koweït
100%
Koweït
100%
Koweït
100%
Koweït
100%
Koweït
100%
Koweït
100%
Koweït
100%
Koweït
100%
Koweït
100%
Koweït
100%
Koweït
100%
Laos
100%
Laos
100%
Laos
100%
Laos
100%
Laos
100%
Laos
100%
Laos
100%
Laos
100%
Laos
100%
Laos
100%
Laos
100%
Laos
100%
Laos
100%
Laos
100%
Laos
100%
Laos
100%
Laos
100%
Laos
100%
Laos
100%
Laos
100%
Laos
100%
Laos
100%
Laos
100%
Laos
100%
Laos
100%
Lesotho
100%
Lesotho
100%
Lesotho
100%
Lesotho
100%
Lesotho
100%
Lesotho
100%
Lesotho
100%
Lesotho
100%
Lesotho
100%
Lesotho
100%
Lesotho
100%
Lesotho
100%
Lesotho
100%
Lesotho
100%
Lesotho
100%
Lesotho
100%
Lesotho
100%
Lesotho
100%
Lesotho
100%
Lesotho
100%
Lesotho
100%
Lesotho
100%
Lettonie
100%
Lettonie
100%
Lettonie
100%
Lettonie
100%
Lettonie
100%
Lettonie
100%
Lettonie
100%
Lettonie
100%
Lettonie
100%
Lettonie
100%
Lettonie
100%
Lettonie
100%
Lettonie
100%
Lettonie
100%
Lettonie
100%
Lettonie
100%
Lettonie
100%
Lettonie
100%
Lettonie
100%
Lettonie
100%
Lettonie
100%
Lettonie
100%
Lettonie
100%
Lettonie
100%
Lettonie
100%
Lettonie
100%
Lettonie
100%
Lettonie
100%
Lettonie
100%
Lettonie
100%
Lettonie
100%
Lettonie
100%
Lettonie
100%
Lettonie
100%
Lettonie
100%
Lettonie
100%
Lettonie
100%
Lettonie
100%
Lettonie
100%
Liban
100%
Liban
100%
Liban
100%
Liban
100%
Liban
100%
Liban
100%
Liban
100%
Liban
100%
Liban
100%
Liban
100%
Liban
100%
Liban
100%
Liban
100%
Liban
100%
Liban
100%
Liban
100%
Liban
100%
Liban
100%
Liban
100%
Liban
100%
Liban
100%
Liban
100%
Liban
100%
Liban
100%
Liban
100%
Liban
100%
Liban
100%
Liban
100%
Liban
100%
Liban
100%
Liban
100%
Liban
100%
Liban
100%
Liban
100%
Liban
100%
Liban
100%
Liban
100%
Liban
100%
Liban
100%
Liban
100%
Liban
100%
Liban
100%
Liban
100%
Liberia
100%
Liberia
100%
Liberia
100%
Liberia
100%
Liberia
100%
Liberia
100%
Liberia
100%
Liberia
100%
Liberia
100%
Liberia
100%
Liberia
100%
Liberia
100%
Liberia
100%
Liberia
100%
Liberia
100%
Liberia
100%
Liberia
100%
Liberia
100%
Liberia
100%
Libye
100%
Libye
100%
Libye
100%
Libye
100%
Libye
100%
Libye
100%
Libye
100%
Libye
100%
Libye
100%
Libye
100%
Libye
100%
Libye
100%
Libye
100%
Libye
100%
Libye
100%
Libye
100%
Libye
100%
Libye
100%
Libye
100%
Libye
100%
Libye
100%
Libye
100%
Lituanie
100%
Lituanie
100%
Lituanie
100%
Lituanie
100%
Lituanie
100%
Lituanie
100%
Lituanie
100%
Lituanie
100%
Lituanie
100%
Lituanie
100%
Lituanie
100%
Lituanie
100%
Lituanie
100%
Lituanie
100%
Luxembourg
100%
Luxembourg
100%
Luxembourg
100%
Luxembourg
100%
Luxembourg
100%
Luxembourg
100%
Luxembourg
100%
Luxembourg
100%
Luxembourg
100%
Luxembourg
100%
Luxembourg
100%
Luxembourg
100%
Luxembourg
100%
Luxembourg
100%
Luxembourg
100%
Luxembourg
100%
Luxembourg
100%
Luxembourg
100%
Luxembourg
100%
Luxembourg
100%
Luxembourg
100%
Luxembourg
100%
Luxembourg
100%
Luxembourg
100%
Luxembourg
100%
Luxembourg
100%
Luxembourg
100%
Luxembourg
100%
Luxembourg
100%
Luxembourg
100%
Luxembourg
100%
Luxembourg
100%
Luxembourg
100%
Macédoine du Nord
100%
Macédoine du Nord
100%
Macédoine du Nord
100%
Macédoine du Nord
100%
Macédoine du Nord
100%
Macédoine du Nord
100%
Macédoine du Nord
100%
Macédoine du Nord
100%
Macédoine du Nord
100%
Macédoine du Nord
100%
Macédoine du Nord
100%
Macédoine du Nord
100%
Macédoine du Nord
100%
Macédoine du Nord
100%
Macédoine du Nord
100%
Macédoine du Nord
100%
Macédoine du Nord
100%
Macédoine du Nord
100%
Macédoine du Nord
100%
Macédoine du Nord
100%
Macédoine du Nord
100%
Macédoine du Nord
100%
Macédoine du Nord
100%
Macédoine du Nord
100%
Macédoine du Nord
100%
Macédoine du Nord
100%
Macédoine du Nord
100%
Macédoine du Nord
100%
Macédoine du Nord
100%
Macédoine du Nord
100%
Macédoine du Nord
100%
Macédoine du Nord
100%
Macédoine du Nord
100%
Macédoine du Nord
100%
Macédoine du Nord
100%
Macédoine du Nord
100%
Macédoine du Nord
100%
Macédoine du Nord
100%
Macédoine du Nord
100%
Macédoine du Nord
100%
Macédoine du Nord
100%
Macédoine du Nord
100%
Malaisie
100%
Malaisie
100%
Malaisie
100%
Malaisie
100%
Malaisie
100%
Malaisie
100%
Malaisie
100%
Malaisie
100%
Malaisie
100%
Malaisie
100%
Malaisie
100%
Malaisie
100%
Malaisie
100%
Malaisie
100%
Malaisie
100%
Malaisie
100%
Malaisie
100%
Malaisie
100%
Malaisie
100%
Malaisie
100%
Malaisie
100%
Malaisie
100%
Malaisie
100%
Malaisie
100%
Malaisie
100%
Malaisie
100%
Malaisie
100%
Malaisie
100%
Malawi
100%
Malawi
100%
Malawi
100%
Malawi
100%
Malawi
100%
Malawi
100%
Malawi
100%
Malawi
100%
Malawi
100%
Malawi
100%
Malawi
100%
Malawi
100%
Malawi
100%
Malawi
100%
Malawi
100%
Malawi
100%
Malawi
100%
Maldives
100%
Maldives
100%
Maldives
100%
Maldives
100%
Maldives
100%
Maldives
100%
Maldives
100%
Maldives
100%
Maldives
100%
Maldives
100%
Maldives
100%
Maldives
100%
Maldives
100%
Maldives
100%
Maldives
100%
Mali
100%
Mali
100%
Mali
100%
Mali
100%
Mali
100%
Mali
100%
Mali
100%
Mali
100%
Mali
100%
Mali
100%
Mali
100%
Mali
100%
Mali
100%
Mali
100%
Mali
100%
Mali
100%
Mali
100%
Mali
100%
Mali
100%
Mali
100%
Mali
100%
Mali
100%
Mali
100%
Mali
100%
Mali
100%
Mali
100%
Mali
100%
Mali
100%
Mali
100%
Maroc
100%
Maroc
100%
Maroc
100%
Maroc
100%
Maroc
100%
Maroc
100%
Maroc
100%
Maroc
100%
Maroc
100%
Maroc
100%
Maroc
100%
Maroc
100%
Maroc
100%
Maroc
100%
Maroc
100%
Maroc
100%
Maroc
100%
Maroc
100%
Maroc
100%
Maroc
100%
Maroc
100%
Maroc
100%
Maroc
100%
Maroc
100%
Maroc
100%
Maroc
100%
Maroc
100%
Maroc
100%
Maroc
100%
Maroc
100%
Maroc
100%
Maroc
100%
Maroc
100%
Maroc
100%
Maroc
100%
Maroc
100%
Maroc
100%
Maroc
100%
Maroc
100%
Maroc
100%
Maroc
100%
Maroc
100%
Maroc
100%
Maroc
100%
Maroc
100%
Maroc
100%
Maroc
100%
Maroc
100%
Maroc
100%
Maurice
100%
Maurice
100%
Maurice
100%
Maurice
100%
Maurice
100%
Maurice
100%
Maurice
100%
Maurice
100%
Mauritanie
100%
Mauritanie
100%
Mauritanie
100%
Mauritanie
100%
Mauritanie
100%
Mauritanie
100%
Mauritanie
100%
Mauritanie
100%
Mauritanie
100%
Mauritanie
100%
Mauritanie
100%
Mauritanie
100%
Mauritanie
100%
Mauritanie
100%
Mauritanie
100%
Mauritanie
100%
Mauritanie
100%
Mauritanie
100%
Mauritanie
100%
Mauritanie
100%
Mauritanie
100%
Mauritanie
100%
Mauritanie
100%
Mauritanie
100%
Mauritanie
100%
Monaco
100%
Monaco
100%
Monaco
100%
Monaco
100%
Monaco
100%
Monaco
100%
Monaco
100%
Monaco
100%
Monaco
100%
Monaco
100%
Monaco
100%
Monaco
100%
Monaco
100%
Monaco
100%
Monaco
100%
Monaco
100%
Monaco
100%
Monaco
100%
Monaco
100%
Monaco
100%
Monaco
100%
Monaco
100%
Monaco
100%
Monaco
100%
Monaco
100%
Monaco
100%
Monaco
100%
Namibie
100%
Namibie
100%
Namibie
100%
Namibie
100%
Namibie
100%
Namibie
100%
Namibie
100%
Namibie
100%
Namibie
100%
Namibie
100%
Namibie
100%
Namibie
100%
Namibie
100%
Namibie
100%
Namibie
100%
Namibie
100%
Namibie
100%
Namibie
100%
Namibie
100%
Nauru
100%
Nauru
100%
Nauru
100%
Nauru
100%
Nauru
100%
Nauru
100%
Nauru
100%
Nauru
100%
Nauru
100%
Nauru
100%
Nauru
100%
Nauru
100%
Nauru
100%
Niger
100%
Niger
100%
Niger
100%
Niger
100%
Niger
100%
Niger
100%
Niger
100%
Niger
100%
Niger
100%
Niger
100%
Niger
100%
Niger
100%
Niger
100%
Niger
100%
Niger
100%
Niger
100%
Niger
100%
Niger
100%
Niger
100%
Niger
100%
Niger
100%
Niger
100%
Niger
100%
Niger
100%
Niger
100%
Niger
100%
Niger
100%
Nigeria
100%
Nigeria
100%
Nigeria
100%
Nigeria
100%
Nigeria
100%
Nigeria
100%
Nigeria
100%
Nigeria
100%
Nigeria
100%
Nigeria
100%
Nigeria
100%
Nigeria
100%
Nigeria
100%
Nigeria
100%
Nigeria
100%
Nigeria
100%
Nigeria
100%
Nigeria
100%
Nigeria
100%
Nigeria
100%
Nigeria
100%
Nigeria
100%
Nigeria
100%
Nigeria
100%
Nigeria
100%
Nigeria
100%
Nigeria
100%
Nigeria
100%
Nigeria
100%
Nigeria
100%
Nigeria
100%
Norvège
100%
Norvège
100%
Norvège
100%
Norvège
100%
Norvège
100%
Norvège
100%
Norvège
100%
Norvège
100%
Norvège
100%
Norvège
100%
Norvège
100%
Norvège
100%
Norvège
100%
Norvège
100%
Norvège
100%
Norvège
100%
Norvège
100%
Norvège
100%
Norvège
100%
Norvège
100%
Norvège
100%
Norvège
100%
Norvège
100%
Norvège
100%
Norvège
100%
Norvège
100%
Norvège
100%
Norvège
100%
Norvège
100%
Norvège
100%
Norvège
100%
Norvège
100%
Norvège
100%
Norvège
100%
Norvège
100%
Norvège
100%
Norvège
100%
Norvège
100%
Norvège
100%
Norvège
100%
Norvège
100%
Norvège
100%
Norvège
100%
Norvège
100%
Norvège
100%
Norvège
100%
Ouzbékistan
100%
Ouzbékistan
100%
Ouzbékistan
100%
Ouzbékistan
100%
Ouzbékistan
100%
Ouzbékistan
100%
Ouzbékistan
100%
Ouzbékistan
100%
Ouzbékistan
100%
Ouzbékistan
100%
Ouzbékistan
100%
Ouzbékistan
100%
Ouzbékistan
100%
Ouzbékistan
100%
Ouzbékistan
100%
Ouzbékistan
100%
Ouzbékistan
100%
Ouzbékistan
100%
Ouzbékistan
100%
Ouzbékistan
100%
Ouzbékistan
100%
Ouzbékistan
100%
Ouzbékistan
100%
Ouzbékistan
100%
Ouzbékistan
100%
Ouzbékistan
100%
Pakistan
100%
Pakistan
100%
Pakistan
100%
Pakistan
100%
Pakistan
100%
Pakistan
100%
Pakistan
100%
Pakistan
100%
Pakistan
100%
Pakistan
100%
Pakistan
100%
Pakistan
100%
Pakistan
100%
Pakistan
100%
Pakistan
100%
Pakistan
100%
Pakistan
100%
Pakistan
100%
Pakistan
100%
Pakistan
100%
Pakistan
100%
Pakistan
100%
Pakistan
100%
Pakistan
100%
Pakistan
100%
Pakistan
100%
Pakistan
100%
Pakistan
100%
Pakistan
100%
Pakistan
100%
Pakistan
100%
Pakistan
100%
Pakistan
100%
Pakistan
100%
Pakistan
100%
Pakistan
100%
Pakistan
100%
Pakistan
100%
Pakistan
100%
Pakistan
100%
Pakistan
100%
Pakistan
100%
Palaos
100%
Palaos
100%
Palaos
100%
Palaos
100%
Palaos
100%
Palaos
100%
Palaos
100%
Palaos
100%
Palaos
100%
Palaos
100%
Palaos
100%
Palaos
100%
Palaos
100%
Palaos
100%
Palaos
100%
Palaos
100%
Palaos
100%
Palaos
100%
Palaos
100%
Palaos
100%
Palaos
100%
Panama
100%
Panama
100%
Panama
100%
Panama
100%
Panama
100%
Panama
100%
Panama
100%
Panama
100%
Panama
100%
Panama
100%
Panama
100%
Panama
100%
Panama
100%
Panama
100%
Panama
100%
Panama
100%
Panama
100%
Panama
100%
Panama
100%
Panama
100%
Panama
100%
Panama
100%
Panama
100%
Panama
100%
Panama
100%
Panama
100%
Panama
100%
Panama
100%
Panama
100%
Panama
100%
Panama
100%
Panama
100%
Panama
100%
Panama
100%
Panama
100%
Panama
100%
Panama
100%
Panama
100%
Panama
100%
Panama
100%
Panama
100%
Panama
100%
Panama
100%
Panama
100%
Panama
100%
Panama
100%
Papouasie-Nouvelle-Guinée
100%
Papouasie-Nouvelle-Guinée
100%
Papouasie-Nouvelle-Guinée
100%
Papouasie-Nouvelle-Guinée
100%
Papouasie-Nouvelle-Guinée
100%
Papouasie-Nouvelle-Guinée
100%
Papouasie-Nouvelle-Guinée
100%
Papouasie-Nouvelle-Guinée
100%
Papouasie-Nouvelle-Guinée
100%
Papouasie-Nouvelle-Guinée
100%
Papouasie-Nouvelle-Guinée
100%
Papouasie-Nouvelle-Guinée
100%
Papouasie-Nouvelle-Guinée
100%
Papouasie-Nouvelle-Guinée
100%
Papouasie-Nouvelle-Guinée
100%
Papouasie-Nouvelle-Guinée
100%
Papouasie-Nouvelle-Guinée
100%
Papouasie-Nouvelle-Guinée
100%
Papouasie-Nouvelle-Guinée
100%
Papouasie-Nouvelle-Guinée
100%
Papouasie-Nouvelle-Guinée
100%
Papouasie-Nouvelle-Guinée
100%
Papouasie-Nouvelle-Guinée
100%
Papouasie-Nouvelle-Guinée
100%
Papouasie-Nouvelle-Guinée
100%
Papouasie-Nouvelle-Guinée
100%
Papouasie-Nouvelle-Guinée
100%
Papouasie-Nouvelle-Guinée
100%
Papouasie-Nouvelle-Guinée
100%
Papouasie-Nouvelle-Guinée
100%
Papouasie-Nouvelle-Guinée
100%
Pays-Bas
100%
Pays-Bas
100%
Pays-Bas
100%
Pays-Bas
100%
Pays-Bas
100%
Pays-Bas
100%
Pays-Bas
100%
Pays-Bas
100%
Pays-Bas
100%
Pays-Bas
100%
Pays-Bas
100%
Pays-Bas
100%
Pays-Bas
100%
Pays-Bas
100%
Pays-Bas
100%
Pays-Bas
100%
Pays-Bas
100%
Pays-Bas
100%
Pays-Bas
100%
Pays-Bas
100%
Pays-Bas
100%
Pays-Bas
100%
Pays-Bas
100%
Pays-Bas
100%
Pays-Bas
100%
Pays-Bas
100%
Pays-Bas
100%
Pays-Bas
100%
Pays-Bas
100%
Pays-Bas
100%
Pays-Bas
100%
Pays-Bas
100%
Pays-Bas
100%
Pays-Bas
100%
Pays-Bas
100%
Pays-Bas
100%
Pays-Bas
100%
Pays-Bas
100%
Pays-Bas
100%
Pays-Bas
100%
Pays-Bas
100%
Pays-Bas
100%
Pays-Bas
100%
Pays-Bas
100%
Pays-Bas
100%
Pays-Bas
100%
Pays-Bas
100%
Pays-Bas
100%
Pays-Bas
100%
Pérou
100%
Pérou
100%
Pérou
100%
Pérou
100%
Pérou
100%
Pérou
100%
Pérou
100%
Pérou
100%
Pérou
100%
Pérou
100%
Pérou
100%
Pérou
100%
Pérou
100%
Pérou
100%
Pérou
100%
Pérou
100%
Pérou
100%
Pérou
100%
Pérou
100%
Pérou
100%
Pérou
100%
Pérou
100%
Pérou
100%
Pérou
100%
Pérou
100%
Pérou
100%
Pérou
100%
Pérou
100%
Pérou
100%
Philippines
100%
Philippines
100%
Philippines
100%
Philippines
100%
Philippines
100%
Philippines
100%
Philippines
100%
Philippines
100%
Philippines
100%
Philippines
100%
Philippines
100%
Philippines
100%
Philippines
100%
Philippines
100%
Philippines
100%
Pologne
100%
Pologne
100%
Pologne
100%
Pologne
100%
Pologne
100%
Pologne
100%
Pologne
100%
Pologne
100%
Pologne
100%
Pologne
100%
Pologne
100%
Pologne
100%
Pologne
100%
Pologne
100%
Pologne
100%
Pologne
100%
Pologne
100%
Pologne
100%
Pologne
100%
Pologne
100%
Pologne
100%
Pologne
100%
Pologne
100%
Pologne
100%
Pologne
100%
Pologne
100%
Pologne
100%
Pologne
100%
Pologne
100%
Pologne
100%
Pologne
100%
Pologne
100%
Pologne
100%
Pologne
100%
Pologne
100%
Pologne
100%
Pologne
100%
Pologne
100%
Pologne
100%
Pologne
100%
Pologne
100%
Pologne
100%
Pologne
100%
Qatar
100%
Qatar
100%
Qatar
100%
Qatar
100%
Qatar
100%
Qatar
100%
Qatar
100%
Qatar
100%
Qatar
100%
Qatar
100%
Qatar
100%
Qatar
100%
Qatar
100%
Qatar
100%
Qatar
100%
Qatar
100%
Qatar
100%
Qatar
100%
Qatar
100%
Qatar
100%
Qatar
100%
Qatar
100%
Qatar
100%
Qatar
100%
Qatar
100%
Qatar
100%
Qatar
100%
Qatar
100%
Qatar
100%
Qatar
100%
Qatar
100%
Qatar
100%
Qatar
100%
Qatar
100%
Qatar
100%
Qatar
100%
République Centrafricaine
100%
République Centrafricaine
100%
République Centrafricaine
100%
République Centrafricaine
100%
République Centrafricaine
100%
République Centrafricaine
100%
République Centrafricaine
100%
République Centrafricaine
100%
République Centrafricaine
100%
République Centrafricaine
100%
République Centrafricaine
100%
République Centrafricaine
100%
République Centrafricaine
100%
République Centrafricaine
100%
République Centrafricaine
100%
République Centrafricaine
100%
République Centrafricaine
100%
République Centrafricaine
100%
République Centrafricaine
100%
République Démocratique du Congo
100%
République Démocratique du Congo
100%
République Démocratique du Congo
100%
République Démocratique du Congo
100%
République Démocratique du Congo
100%
République Démocratique du Congo
100%
République Démocratique du Congo
100%
République Démocratique du Congo
100%
République Démocratique du Congo
100%
République Démocratique du Congo
100%
République Démocratique du Congo
100%
République Démocratique du Congo
100%
République Démocratique du Congo
100%
République Démocratique du Congo
100%
République Démocratique du Congo
100%
République Démocratique du Congo
100%
République Démocratique du Congo
100%
République Démocratique du Congo
100%
République Démocratique du Congo
100%
République Démocratique du Congo
100%
République Démocratique du Congo
100%
République Démocratique du Congo
100%
République Démocratique du Congo
100%
République Démocratique du Congo
100%
République Démocratique du Congo
100%
République Démocratique du Congo
100%
République Démocratique du Congo
100%
République Démocratique du Congo
100%
République Démocratique du Congo
100%
République du Congo
100%
République du Congo
100%
République du Congo
100%
République du Congo
100%
République du Congo
100%
République du Congo
100%
République du Congo
100%
République du Congo
100%
République du Congo
100%
République du Congo
100%
République du Congo
100%
République du Congo
100%
République du Congo
100%
République du Congo
100%
République du Congo
100%
République Tchèque
100%
République Tchèque
100%
République Tchèque
100%
République Tchèque
100%
République Tchèque
100%
République Tchèque
100%
République Tchèque
100%
République Tchèque
100%
République Tchèque
100%
République Tchèque
100%
République Tchèque
100%
République Tchèque
100%
République Tchèque
100%
République Tchèque
100%
République Tchèque
100%
République Tchèque
100%
République Tchèque
100%
République Tchèque
100%
République Tchèque
100%
République Tchèque
100%
République Tchèque
100%
République Tchèque
100%
République Tchèque
100%
République Tchèque
100%
République Tchèque
100%
République Tchèque
100%
République Tchèque
100%
République Tchèque
100%
République Tchèque
100%
République Tchèque
100%
République Tchèque
100%
République Tchèque
100%
République Tchèque
100%
République Tchèque
100%
République Tchèque
100%
République Tchèque
100%
République Tchèque
100%
République Tchèque
100%
République Tchèque
100%
République Tchèque
100%
République Tchèque
100%
République Tchèque
100%
République Tchèque
100%
République Tchèque
100%
Royaume-Uni
100%
Royaume-Uni
100%
Royaume-Uni
100%
Royaume-Uni
100%
Royaume-Uni
100%
Royaume-Uni
100%
Royaume-Uni
100%
Royaume-Uni
100%
Royaume-Uni
100%
Royaume-Uni
100%
Royaume-Uni
100%
Royaume-Uni
100%
Royaume-Uni
100%
Royaume-Uni
100%
Royaume-Uni
100%
Royaume-Uni
100%
Royaume-Uni
100%
Royaume-Uni
100%
Royaume-Uni
100%
Royaume-Uni
100%
Royaume-Uni
100%
Royaume-Uni
100%
Royaume-Uni
100%
Royaume-Uni
100%
Royaume-Uni
100%
Royaume-Uni
100%
Royaume-Uni
100%
Royaume-Uni
100%
Royaume-Uni
100%
Royaume-Uni
100%
Royaume-Uni
100%
Royaume-Uni
100%
Royaume-Uni
100%
Royaume-Uni
100%
Royaume-Uni
100%
Royaume-Uni
100%
Royaume-Uni
100%
Royaume-Uni
100%
Royaume-Uni
100%
Royaume-Uni
100%
Royaume-Uni
100%
Royaume-Uni
100%
Royaume-Uni
100%
Russie
100%
Russie
100%
Russie
100%
Russie
100%
Russie
100%
Russie
100%
Russie
100%
Russie
100%
Russie
100%
Russie
100%
Russie
100%
Russie
100%
Russie
100%
Russie
100%
Russie
100%
Russie
100%
Russie
100%
Russie
100%
Russie
100%
Russie
100%
Russie
100%
Russie
100%
Russie
100%
Russie
100%
Russie
100%
Russie
100%
Russie
100%
Russie
100%
Russie
100%
Russie
100%
Russie
100%
Russie
100%
Russie
100%
Russie
100%
Russie
100%
Russie
100%
Russie
100%
Russie
100%
Russie
100%
Russie
100%
Russie
100%
Russie
100%
Russie
100%
Russie
100%
Russie
100%
Russie
100%
Russie
100%
Russie
100%
Rwanda
100%
Rwanda
100%
Rwanda
100%
Rwanda
100%
Rwanda
100%
Rwanda
100%
Rwanda
100%
Rwanda
100%
Rwanda
100%
Rwanda
100%
Rwanda
100%
Rwanda
100%
Rwanda
100%
Saint-Christophe- et-Niévès
100%
Saint-Christophe- et-Niévès
100%
Saint-Christophe- et-Niévès
100%
Saint-Christophe- et-Niévès
100%
Saint-Christophe- et-Niévès
100%
Saint-Christophe- et-Niévès
100%
Sainte-Lucie
100%
Sainte-Lucie
100%
Sainte-Lucie
100%
Sainte-Lucie
100%
Sainte-Lucie
100%
Sainte-Lucie
100%
Sainte-Lucie
100%
Sainte-Lucie
100%
Sainte-Lucie
100%
Sainte-Lucie
100%
Sainte-Lucie
100%
Sainte-Lucie
100%
Sainte-Lucie
100%
Sainte-Lucie
100%
Sainte-Lucie
100%
Sainte-Lucie
100%
Sainte-Lucie
100%
Sainte-Lucie
100%
Sainte-Lucie
100%
Sainte-Lucie
100%
Sainte-Lucie
100%
Sainte-Lucie
100%
Saint-Vincent-et-les-Grenadines
100%
Saint-Vincent-et-les-Grenadines
100%
Saint-Vincent-et-les-Grenadines
100%
Saint-Vincent-et-les-Grenadines
100%
Saint-Vincent-et-les-Grenadines
100%
Saint-Vincent-et-les-Grenadines
100%
Saint-Vincent-et-les-Grenadines
100%
Saint-Vincent-et-les-Grenadines
100%
Saint-Vincent-et-les-Grenadines
100%
Saint-Vincent-et-les-Grenadines
100%
Saint-Vincent-et-les-Grenadines
100%
Saint-Vincent-et-les-Grenadines
100%
Saint-Vincent-et-les-Grenadines
100%
Saint-Vincent-et-les-Grenadines
100%
Saint-Vincent-et-les-Grenadines
100%
Samoa
100%
Samoa
100%
Samoa
100%
Samoa
100%
Samoa
100%
Samoa
100%
Samoa
100%
Samoa
100%
Samoa
100%
Sénégal
100%
Sénégal
100%
Sénégal
100%
Sénégal
100%
Sénégal
100%
Sénégal
100%
Sénégal
100%
Sénégal
100%
Sénégal
100%
Sénégal
100%
Sénégal
100%
Sénégal
100%
Sénégal
100%
Sénégal
100%
Sénégal
100%
Sénégal
100%
Sénégal
100%
Sénégal
100%
Sénégal
100%
Sénégal
100%
Sénégal
100%
Sénégal
100%
Sénégal
100%
Sénégal
100%
Sénégal
100%
Sénégal
100%
Sénégal
100%
Sénégal
100%
Sénégal
100%
Sénégal
100%
Sénégal
100%
Sénégal
100%
Sénégal
100%
Sénégal
100%
Sénégal
100%
Sénégal
100%
Seychelles
100%
Seychelles
100%
Seychelles
100%
Seychelles
100%
Seychelles
100%
Seychelles
100%
Seychelles
100%
Seychelles
100%
Seychelles
100%
Seychelles
100%
Seychelles
100%
Seychelles
100%
Seychelles
100%
Seychelles
100%
Seychelles
100%
Seychelles
100%
Seychelles
100%
Seychelles
100%
Seychelles
100%
Seychelles
100%
Seychelles
100%
Seychelles
100%
Seychelles
100%
Seychelles
100%
Seychelles
100%
Sierra Leone
100%
Sierra Leone
100%
Sierra Leone
100%
Sierra Leone
100%
Sierra Leone
100%
Sierra Leone
100%
Sierra Leone
100%
Sierra Leone
100%
Sierra Leone
100%
Sierra Leone
100%
Sierra Leone
100%
Sierra Leone
100%
Sierra Leone
100%
Sierra Leone
100%
Sierra Leone
100%
Sierra Leone
100%
Singapour
100%
Singapour
100%
Singapour
100%
Singapour
100%
Singapour
100%
Singapour
100%
Singapour
100%
Singapour
100%
Singapour
100%
Singapour
100%
Singapour
100%
Singapour
100%
Singapour
100%
Singapour
100%
Singapour
100%
Singapour
100%
Singapour
100%
Singapour
100%
Singapour
100%
Singapour
100%
Singapour
100%
Singapour
100%
Singapour
100%
Singapour
100%
Singapour
100%
Singapour
100%
Singapour
100%
Singapour
100%
Singapour
100%
Singapour
100%
Singapour
100%
Singapour
100%
Singapour
100%
Singapour
100%
Slovaquie
100%
Slovaquie
100%
Slovaquie
100%
Slovaquie
100%
Slovaquie
100%
Slovaquie
100%
Slovaquie
100%
Slovaquie
100%
Slovaquie
100%
Slovaquie
100%
Slovaquie
100%
Slovaquie
100%
Slovaquie
100%
Slovaquie
100%
Slovaquie
100%
Slovaquie
100%
Slovaquie
100%
Slovaquie
100%
Slovaquie
100%
Slovaquie
100%
Slovaquie
100%
Slovaquie
100%
Slovaquie
100%
Slovaquie
100%
Slovaquie
100%
Slovaquie
100%
Slovaquie
100%
Slovaquie
100%
Slovaquie
100%
Slovénie
100%
Slovénie
100%
Slovénie
100%
Slovénie
100%
Slovénie
100%
Slovénie
100%
Slovénie
100%
Slovénie
100%
Slovénie
100%
Slovénie
100%
Slovénie
100%
Slovénie
100%
Slovénie
100%
Slovénie
100%
Slovénie
100%
Slovénie
100%
Slovénie
100%
Slovénie
100%
Slovénie
100%
Slovénie
100%
Slovénie
100%
Slovénie
100%
Slovénie
100%
Slovénie
100%
Slovénie
100%
Slovénie
100%
Slovénie
100%
Slovénie
100%
Slovénie
100%
Slovénie
100%
Slovénie
100%
Slovénie
100%
Slovénie
100%
Slovénie
100%
Slovénie
100%
Slovénie
100%
Slovénie
100%
Somalie
100%
Somalie
100%
Somalie
100%
Somalie
100%
Somalie
100%
Somalie
100%
Somalie
100%
Somalie
100%
Somalie
100%
Somalie
100%
Somalie
100%
Somalie
100%
Somalie
100%
Somalie
100%
Somalie
100%
Somalie
100%
Somalie
100%
Somalie
100%
Somalie
100%
Somalie
100%
Somalie
100%
Somalie
100%
Somalie
100%
Somalie
100%
Somalie
100%
Somalie
100%
Soudan
100%
Soudan
100%
Soudan
100%
Soudan
100%
Soudan
100%
Soudan
100%
Soudan
100%
Soudan du Sud
100%
Soudan du Sud
100%
Soudan du Sud
100%
Soudan du Sud
100%
Soudan du Sud
100%
Soudan du Sud
100%
Soudan du Sud
100%
Soudan du Sud
100%
Soudan du Sud
100%
Soudan du Sud
100%
Soudan du Sud
100%
Soudan du Sud
100%
Soudan du Sud
100%
Soudan du Sud
100%
Soudan du Sud
100%
Soudan du Sud
100%
Suède
100%
Suède
100%
Suède
100%
Suède
100%
Suède
100%
Suède
100%
Suède
100%
Suède
100%
Suède
100%
Suède
100%
Suède
100%
Suède
100%
Suède
100%
Suède
100%
Suède
100%
Suède
100%
Suède
100%
Suède
100%
Suède
100%
Suède
100%
Suède
100%
Suède
100%
Suède
100%
Suède
100%
Suède
100%
Suède
100%
Suède
100%
Suède
100%
Suède
100%
Suède
100%
Suède
100%
Suède
100%
Suisse
100%
Suisse
100%
Suisse
100%
Suisse
100%
Suisse
100%
Suisse
100%
Suisse
100%
Suisse
100%
Suisse
100%
Suisse
100%
Suisse
100%
Suisse
100%
Suisse
100%
Suisse
100%
Suisse
100%
Suisse
100%
Suisse
100%
Suisse
100%
Suisse
100%
Suisse
100%
Suisse
100%
Suisse
100%
Suisse
100%
Suisse
100%
Suisse
100%
Suisse
100%
Suisse
100%
Suisse
100%
Suisse
100%
Suisse
100%
Suisse
100%
Suisse
100%
Suisse
100%
Suisse
100%
Suisse
100%
Suisse
100%
Suisse
100%
Suisse
100%
Suisse
100%
Suisse
100%
Suisse
100%
Suisse
100%
Suisse
100%
Suisse
100%
Suisse
100%
Suisse
100%
Suisse
100%
Suisse
100%
Suisse
100%
Suisse
100%
Suisse
100%
Suisse
100%
Suisse
100%
Suisse
100%
Suisse
100%
Suisse
100%
Suisse
100%
Suisse
100%
Suisse
100%
Suriname
100%
Suriname
100%
Suriname
100%
Suriname
100%
Suriname
100%
Suriname
100%
Suriname
100%
Suriname
100%
Suriname
100%
Suriname
100%
Suriname
100%
Suriname
100%
Suriname
100%
Suriname
100%
Syrie
100%
Syrie
100%
Syrie
100%
Syrie
100%
Syrie
100%
Syrie
100%
Syrie
100%
Syrie
100%
Syrie
100%
Syrie
100%
Syrie
100%
Syrie
100%
Syrie
100%
Syrie
100%
Syrie
100%
Syrie
100%
Syrie
100%
Syrie
100%
Syrie
100%
Syrie
100%
Syrie
100%
Syrie
100%
Syrie
100%
Syrie
100%
Syrie
100%
Tadjikistan
100%
Tadjikistan
100%
Tadjikistan
100%
Tadjikistan
100%
Tadjikistan
100%
Tadjikistan
100%
Tadjikistan
100%
Tadjikistan
100%
Tadjikistan
100%
Tadjikistan
100%
Tadjikistan
100%
Tadjikistan
100%
Tadjikistan
100%
Tadjikistan
100%
Tadjikistan
100%
Tadjikistan
100%
Taïwan
100%
Taïwan
100%
Taïwan
100%
Taïwan
100%
Taïwan
100%
Taïwan
100%
Taïwan
100%
Taïwan
100%
Taïwan
100%
Taïwan
100%
Taïwan
100%
Taïwan
100%
Taïwan
100%
Taïwan
100%
Taïwan
100%
Taïwan
100%
Taïwan
100%
Taïwan
100%
Taïwan
100%
Taïwan
100%
Taïwan
100%
Taïwan
100%
Taïwan
100%
Taïwan
100%
Taïwan
100%
Taïwan
100%
Taïwan
100%
Taïwan
100%
Taïwan
100%
Taïwan
100%
Taïwan
100%
Taïwan
100%
Taïwan
100%
Taïwan
100%
Tanzanie
100%
Tanzanie
100%
Tanzanie
100%
Tanzanie
100%
Tanzanie
100%
Tanzanie
100%
Tanzanie
100%
Tanzanie
100%
Tanzanie
100%
Tanzanie
100%
Tanzanie
100%
Tanzanie
100%
Tanzanie
100%
Tanzanie
100%
Tanzanie
100%
Tanzanie
100%
Tanzanie
100%
Tanzanie
100%
Tanzanie
100%
Tanzanie
100%
Tanzanie
100%
Tanzanie
100%
Tanzanie
100%
Tanzanie
100%
Tanzanie
100%
Tanzanie
100%
Tanzanie
100%
Thaïlande
100%
Thaïlande
100%
Thaïlande
100%
Thaïlande
100%
Thaïlande
100%
Thaïlande
100%
Thaïlande
100%
Thaïlande
100%
Thaïlande
100%
Thaïlande
100%
Thaïlande
100%
Thaïlande
100%
Thaïlande
100%
Thaïlande
100%
Thaïlande
100%
Thaïlande
100%
Thaïlande
100%
Thaïlande
100%
Thaïlande
100%
Thaïlande
100%
Thaïlande
100%
Thaïlande
100%
Thaïlande
100%
Thaïlande
100%
Timor Oriental
100%
Timor Oriental
100%
Timor Oriental
100%
Timor Oriental
100%
Timor Oriental
100%
Timor Oriental
100%
Timor Oriental
100%
Timor Oriental
100%
Timor Oriental
100%
Timor Oriental
100%
Timor Oriental
100%
Timor Oriental
100%
Togo
100%
Togo
100%
Togo
100%
Togo
100%
Togo
100%
Togo
100%
Togo
100%
Togo
100%
Togo
100%
Togo
100%
Togo
100%
Togo
100%
Togo
100%
Togo
100%
Togo
100%
Togo
100%
Togo
100%
Togo
100%
Togo
100%
Togo
100%
Tonga
100%
Tonga
100%
Tonga
100%
Tonga
100%
Tonga
100%
Tonga
100%
Tonga
100%
Tonga
100%
Tonga
100%
Tonga
100%
Tonga
100%
Tonga
100%
Tonga
100%
Tonga
100%
Tonga
100%
Tonga
100%
Tonga
100%
Tonga
100%
Tonga
100%
Tonga
100%
Tonga
100%
Tonga
100%
Tonga
100%
Trinité-et-Tobago
100%
Trinité-et-Tobago
100%
Trinité-et-Tobago
100%
Trinité-et-Tobago
100%
Trinité-et-Tobago
100%
Trinité-et-Tobago
100%
Trinité-et-Tobago
100%
Trinité-et-Tobago
100%
Trinité-et-Tobago
100%
Trinité-et-Tobago
100%
Trinité-et-Tobago
100%
Trinité-et-Tobago
100%
Trinité-et-Tobago
100%
Trinité-et-Tobago
100%
Trinité-et-Tobago
100%
Trinité-et-Tobago
100%
Trinité-et-Tobago
100%
Trinité-et-Tobago
100%
Trinité-et-Tobago
100%
Trinité-et-Tobago
100%
Trinité-et-Tobago
100%
Trinité-et-Tobago
100%
Trinité-et-Tobago
100%
Trinité-et-Tobago
100%
Tunisie
100%
Tunisie
100%
Tunisie
100%
Tunisie
100%
Tunisie
100%
Tunisie
100%
Tunisie
100%
Tunisie
100%
Tunisie
100%
Tunisie
100%
Tunisie
100%
Tunisie
100%
Tunisie
100%
Tunisie
100%
Tunisie
100%
Tunisie
100%
Tunisie
100%
Tunisie
100%
Tunisie
100%
Tunisie
100%
Tunisie
100%
Tunisie
100%
Tunisie
100%
Tunisie
100%
Tunisie
100%
Tunisie
100%
Tunisie
100%
Tunisie
100%
Tunisie
100%
Tunisie
100%
Tunisie
100%
Tunisie
100%
Tunisie
100%
Tunisie
100%
Tunisie
100%
Tunisie
100%
Tunisie
100%
Tunisie
100%
Tunisie
100%
Tunisie
100%
Tunisie
100%
Tunisie
100%
Tunisie
100%
Tunisie
100%
Tunisie
100%
Tunisie
100%
Tunisie
100%
Tunisie
100%
Tunisie
100%
Tunisie
100%
Tunisie
100%
Turquie
100%
Turquie
100%
Turquie
100%
Turquie
100%
Turquie
100%
Turquie
100%
Turquie
100%
Turquie
100%
Turquie
100%
Turquie
100%
Turquie
100%
Turquie
100%
Turquie
100%
Turquie
100%
Turquie
100%
Turquie
100%
Turquie
100%
Turquie
100%
Turquie
100%
Turquie
100%
Turquie
100%
Turquie
100%
Turquie
100%
Turquie
100%
Turquie
100%
Turquie
100%
Turquie
100%
Turquie
100%
Turquie
100%
Turquie
100%
Turquie
100%
Turquie
100%
Turquie
100%
Turquie
100%
Turquie
100%
Turquie
100%
Turquie
100%
Turquie
100%
Turquie
100%
Turquie
100%
Turquie
100%
Turquie
100%
Turquie
100%
Turquie
100%
Turquie
100%
Turquie
100%
Turquie
100%
Ukraine
100%
Ukraine
100%
Ukraine
100%
Ukraine
100%
Ukraine
100%
Ukraine
100%
Ukraine
100%
Ukraine
100%
Ukraine
100%
Ukraine
100%
Ukraine
100%
Ukraine
100%
Ukraine
100%
Ukraine
100%
Ukraine
100%
Ukraine
100%
Ukraine
100%
Ukraine
100%
Ukraine
100%
Ukraine
100%
Ukraine
100%
Ukraine
100%
Ukraine
100%
Ukraine
100%
Ukraine
100%
Ukraine
100%
Ukraine
100%
Ukraine
100%
Ukraine
100%
Ukraine
100%
Ukraine
100%
Ukraine
100%
Ukraine
100%
Ukraine
100%
Ukraine
100%
Ukraine
100%
Ukraine
100%
Ukraine
100%
Ukraine
100%
Ukraine
100%
Ukraine
100%
Ukraine
100%
Ukraine
100%
Ukraine
100%
Ukraine
100%
Ukraine
100%
Ukraine
100%
Venezuela
100%
Venezuela
100%
Venezuela
100%
Venezuela
100%
Venezuela
100%
Venezuela
100%
Venezuela
100%
Venezuela
100%
Venezuela
100%
Venezuela
100%
Venezuela
100%
Venezuela
100%
Venezuela
100%
Venezuela
100%
Venezuela
100%
Venezuela
100%
Venezuela
100%
Venezuela
100%
Venezuela
100%
Venezuela
100%
Venezuela
100%
Venezuela
100%
Venezuela
100%
Venezuela
100%
Venezuela
100%
Venezuela
100%
Venezuela
100%
Venezuela
100%
Venezuela
100%
Venezuela
100%
Venezuela
100%
Venezuela
100%
Venezuela
100%
Venezuela
100%
Venezuela
100%
Venezuela
100%
Venezuela
100%
Venezuela
100%
Venezuela
100%
Venezuela
100%
Viêt Nam
100%
Viêt Nam
100%
Viêt Nam
100%
Viêt Nam
100%
Viêt Nam
100%
Viêt Nam
100%
Viêt Nam
100%
Viêt Nam
100%
Viêt Nam
100%
Viêt Nam
100%
Viêt Nam
100%
Viêt Nam
100%
Viêt Nam
100%
Viêt Nam
100%
Viêt Nam
100%
Viêt Nam
100%
Viêt Nam
100%
Viêt Nam
100%
Viêt Nam
100%
Viêt Nam
100%
Viêt Nam
100%
Viêt Nam
100%
Viêt Nam
100%
Viêt Nam
100%
Viêt Nam
100%
Viêt Nam
100%
Viêt Nam
100%
Viêt Nam
100%
Viêt Nam
100%
Viêt Nam
100%
Viêt Nam
100%
Viêt Nam
100%
Viêt Nam
100%
Viêt Nam
100%
Viêt Nam
100%
Viêt Nam
100%
Yémen
100%
Yémen
100%
Yémen
100%
Yémen
100%
Yémen
100%
Yémen
100%
Yémen
100%
Yémen
100%
Yémen
100%
Yémen
100%
Yémen
100%
Yémen
100%
Yémen
100%
Yémen
100%
Yémen
100%
Yémen
100%
Hongrie
86%
Kenya
86%
Mali
86%
Pologne
86%
Algérie
83%
Bosnie-Herzégovine
83%
Cap-Vert
83%
Cap-Vert
83%
Chine
83%
Corée du Nord
83%
Géorgie
83%
Japon
83%
Lituanie
83%
Maroc
83%
Mauritanie
83%
Niger
83%
Philippines
83%
Sainte-Lucie
83%
Slovaquie
83%
Slovaquie
83%
Tanzanie
83%
Thaïlande
83%
Tonga
83%
Ukraine
83%
Afrique du Sud
80%
Autriche
80%
Autriche
80%
Bahreïn
80%
Barbade
80%
Belgique
80%
Bosnie-Herzégovine
80%
Bosnie-Herzégovine
80%
Bulgarie
80%
Bulgarie
80%
Cameroun
80%
Canada
80%
Colombie
80%
Corée du Nord
80%
Costa Rica
80%
Danemark
80%
Danemark
80%
Estonie
80%
Ghana
80%
Jordanie
80%
Lettonie
80%
Libye
80%
Luxembourg
80%
Maroc
80%
Maroc
80%
Mauritanie
80%
Mauritanie
80%
Niger
80%
Nigeria
80%
Norvège
80%
Ouzbékistan
80%
Panama
80%
Pologne
80%
République Tchèque
80%
République Tchèque
80%
République Tchèque
80%
Russie
80%
Sénégal
80%
Seychelles
80%
Slovénie
80%
Suède
80%
Syrie
80%
Taïwan
80%
Ukraine
80%
Venezuela
80%
Yémen
80%
Afrique du Sud
75%
Afrique du Sud
75%
Afrique du Sud
75%
Albanie
75%
Albanie
75%
Algérie
75%
Allemagne
75%
Allemagne
75%
Arménie
75%
Arménie
75%
Arménie
75%
Arménie
75%
Arménie
75%
Autriche
75%
Autriche
75%
Autriche
75%
Autriche
75%
Azerbaïdjan
75%
Azerbaïdjan
75%
Azerbaïdjan
75%
Bahreïn
75%
Bahreïn
75%
Bangladesh
75%
Bangladesh
75%
Bangladesh
75%
Bangladesh
75%
Barbade
75%
Barbade
75%
Barbade
75%
Barbade
75%
Barbade
75%
Belgique
75%
Birmanie
75%
Birmanie
75%
Birmanie
75%
Bolivie
75%
Bolivie
75%
Bosnie-Herzégovine
75%
Bulgarie
75%
Bulgarie
75%
Burkina Faso
75%
Burkina Faso
75%
Burkina Faso
75%
Burundi
75%
Burundi
75%
Cameroun
75%
Cameroun
75%
Canada
75%
Canada
75%
Cap-Vert
75%
Chili
75%
Chili
75%
Chine
75%
Chypre
75%
Chypre
75%
Chypre
75%
Colombie
75%
Colombie
75%
Comores
75%
Corée du Nord
75%
Corée du Nord
75%
Corée du Nord
75%
Corée du Sud
75%
Costa Rica
75%
Côte d'Ivoire
75%
Côte d'Ivoire
75%
Côte d'Ivoire
75%
Côte d'Ivoire
75%
Cuba
75%
Cuba
75%
Danemark
75%
Émirats Arabes Unis
75%
Émirats Arabes Unis
75%
Estonie
75%
Estonie
75%
Estonie
75%
États Fédérés de Micronésie
75%
Éthiopie
75%
Éthiopie
75%
Éthiopie
75%
Éthiopie
75%
Finlande
75%
Gabon
75%
Gabon
75%
Gambie
75%
Ghana
75%
Ghana
75%
Grèce
75%
Grenade
75%
Honduras
75%
Honduras
75%
Hongrie
75%
Hongrie
75%
Hongrie
75%
Hongrie
75%
Îles Salomon
75%
Îles Salomon
75%
Indonésie
75%
Indonésie
75%
Irlande
75%
Irlande
75%
Islande
75%
Israël
75%
Israël
75%
Israël
75%
Italie
75%
Italie
75%
Italie
75%
Italie
75%
Jamaïque
75%
Jamaïque
75%
Japon
75%
Jordanie
75%
Jordanie
75%
Kenya
75%
Kenya
75%
Kirghizistan
75%
Kosovo
75%
Kosovo
75%
Kosovo
75%
Kosovo
75%
Koweït
75%
Laos
75%
Lesotho
75%
Lettonie
75%
Liban
75%
Liberia
75%
Liberia
75%
Libye
75%
Lituanie
75%
Luxembourg
75%
Luxembourg
75%
Luxembourg
75%
Malaisie
75%
Maldives
75%
Mali
75%
Mali
75%
Maroc
75%
Maroc
75%
Maroc
75%
Maurice
75%
Mauritanie
75%
Mauritanie
75%
Monaco
75%
Namibie
75%
Nauru
75%
Nauru
75%
Nauru
75%
Nigeria
75%
Nigeria
75%
Nigeria
75%
Nigeria
75%
Nigeria
75%
Nigeria
75%
Norvège
75%
Ouzbékistan
75%
Pakistan
75%
Pakistan
75%
Pakistan
75%
Pakistan
75%
Palaos
75%
Palaos
75%
Palaos
75%
Panama
75%
Papouasie-Nouvelle-Guinée
75%
Pays-Bas
75%
Pérou
75%
Pérou
75%
Pérou
75%
Philippines
75%
Philippines
75%
Pologne
75%
Pologne
75%
Qatar
75%
Qatar
75%
Qatar
75%
République Centrafricaine
75%
République Démocratique du Congo
75%
République Démocratique du Congo
75%
République Démocratique du Congo
75%
République du Congo
75%
République Tchèque
75%
République Tchèque
75%
Royaume-Uni
75%
Royaume-Uni
75%
Rwanda
75%
Saint-Christophe- et-Niévès
75%
Saint-Christophe- et-Niévès
75%
Sainte-Lucie
75%
Samoa
75%
Sénégal
75%
Sénégal
75%
Seychelles
75%
Singapour
75%
Singapour
75%
Slovaquie
75%
Slovaquie
75%
Slovénie
75%
Slovénie
75%
Slovénie
75%
Somalie
75%
Somalie
75%
Soudan
75%
Soudan
75%
Soudan
75%
Soudan du Sud
75%
Soudan du Sud
75%
Suède
75%
Suriname
75%
Syrie
75%
Syrie
75%
Taïwan
75%
Taïwan
75%
Tanzanie
75%
Tanzanie
75%
Tanzanie
75%
Tanzanie
75%
Tanzanie
75%
Thaïlande
75%
Thaïlande
75%
Thaïlande
75%
Thaïlande
75%
Timor Oriental
75%
Togo
75%
Togo
75%
Togo
75%
Tonga
75%
Tunisie
75%
Turquie
75%
Ukraine
75%
Ukraine
75%
Ukraine
75%
Venezuela
75%
Yémen
75%
Yémen
75%
Norvège
71%
Thaïlande
71%
Afrique du Sud
67%
Afrique du Sud
67%
Afrique du Sud
67%
Albanie
67%
Albanie
67%
Albanie
67%
Algérie
67%
Algérie
67%
Allemagne
67%
Allemagne
67%
Allemagne
67%
Allemagne
67%
Allemagne
67%
Allemagne
67%
Antigua-et-Barbuda
67%
Antigua-et-Barbuda
67%
Antigua-et-Barbuda
67%
Antigua-et-Barbuda
67%
Antigua-et-Barbuda
67%
Arménie
67%
Autriche
67%
Autriche
67%
Autriche
67%
Azerbaïdjan
67%
Azerbaïdjan
67%
Azerbaïdjan
67%
Azerbaïdjan
67%
Azerbaïdjan
67%
Azerbaïdjan
67%
Azerbaïdjan
67%
Azerbaïdjan
67%
Azerbaïdjan
67%
Bahamas
67%
Bahamas
67%
Bahamas
67%
Bahamas
67%
Bahamas
67%
Bahamas
67%
Bahreïn
67%
Bahreïn
67%
Bahreïn
67%
Bahreïn
67%
Bahreïn
67%
Bahreïn
67%
Bahreïn
67%
Bahreïn
67%
Bahreïn
67%
Bahreïn
67%
Bangladesh
67%
Bangladesh
67%
Bangladesh
67%
Bangladesh
67%
Bangladesh
67%
Barbade
67%
Barbade
67%
Barbade
67%
Barbade
67%
Barbade
67%
Barbade
67%
Belgique
67%
Belgique
67%
Belgique
67%
Birmanie
67%
Birmanie
67%
Bolivie
67%
Bolivie
67%
Bolivie
67%
Bosnie-Herzégovine
67%
Botswana
67%
Botswana
67%
Botswana
67%
Botswana
67%
Bulgarie
67%
Bulgarie
67%
Bulgarie
67%
Burkina Faso
67%
Burkina Faso
67%
Burkina Faso
67%
Burkina Faso
67%
Burkina Faso
67%
Burkina Faso
67%
Burkina Faso
67%
Burkina Faso
67%
Burundi
67%
Burundi
67%
Burundi
67%
Burundi
67%
Cameroun
67%
Cameroun
67%
Cameroun
67%
Cameroun
67%
Cameroun
67%
Cameroun
67%
Cameroun
67%
Cameroun
67%
Canada
67%
Canada
67%
Canada
67%
Cap-Vert
67%
Cap-Vert
67%
Cap-Vert
67%
Cap-Vert
67%
Cap-Vert
67%
Cap-Vert
67%
Cap-Vert
67%
Cap-Vert
67%
Chili
67%
Chili
67%
Chili
67%
Chine
67%
Chine
67%
Chine
67%
Chine
67%
Chine
67%
Chypre
67%
Chypre
67%
Colombie
67%
Colombie
67%
Colombie
67%
Colombie
67%
Colombie
67%
Colombie
67%
Comores
67%
Comores
67%
Comores
67%
Comores
67%
Comores
67%
Comores
67%
Comores
67%
Corée du Nord
67%
Corée du Nord
67%
Corée du Nord
67%
Corée du Sud
67%
Corée du Sud
67%
Corée du Sud
67%
Corée du Sud
67%
Corée du Sud
67%
Corée du Sud
67%
Costa Rica
67%
Costa Rica
67%
Costa Rica
67%
Costa Rica
67%
Costa Rica
67%
Costa Rica
67%
Costa Rica
67%
Côte d'Ivoire
67%
Côte d'Ivoire
67%
Côte d'Ivoire
67%
Cuba
67%
Cuba
67%
Cuba
67%
Cuba
67%
Danemark
67%
Danemark
67%
Danemark
67%
Danemark
67%
Danemark
67%
Danemark
67%
Danemark
67%
Djibouti
67%
Djibouti
67%
Djibouti
67%
Djibouti
67%
Djibouti
67%
Djibouti
67%
Émirats Arabes Unis
67%
Émirats Arabes Unis
67%
Émirats Arabes Unis
67%
Émirats Arabes Unis
67%
Émirats Arabes Unis
67%
Émirats Arabes Unis
67%
Émirats Arabes Unis
67%
Émirats Arabes Unis
67%
Estonie
67%
Estonie
67%
Estonie
67%
États Fédérés de Micronésie
67%
États Fédérés de Micronésie
67%
États-Unis
67%
États-Unis
67%
États-Unis
67%
Éthiopie
67%
Éthiopie
67%
Éthiopie
67%
Éthiopie
67%
Éthiopie
67%
Éthiopie
67%
Finlande
67%
Finlande
67%
Finlande
67%
Finlande
67%
Finlande
67%
Finlande
67%
Finlande
67%
France
67%
France
67%
Gabon
67%
Gabon
67%
Gabon
67%
Gabon
67%
Gabon
67%
Gambie
67%
Gambie
67%
Géorgie
67%
Géorgie
67%
Géorgie
67%
Géorgie
67%
Ghana
67%
Ghana
67%
Ghana
67%
Ghana
67%
Grèce
67%
Grèce
67%
Grèce
67%
Grèce
67%
Grèce
67%
Grèce
67%
Grenade
67%
Grenade
67%
Grenade
67%
Grenade
67%
Guinée
67%
Guinée
67%
Guinée
67%
Honduras
67%
Honduras
67%
Honduras
67%
Hongrie
67%
Hongrie
67%
Hongrie
67%
Hongrie
67%
Hongrie
67%
Hongrie
67%
Hongrie
67%
Hongrie
67%
Hongrie
67%
Hongrie
67%
Hongrie
67%
Îles Marshall
67%
Îles Marshall
67%
Îles Marshall
67%
Îles Marshall
67%
Îles Marshall
67%
Îles Marshall
67%
Îles Salomon
67%
Îles Salomon
67%
Îles Salomon
67%
Îles Salomon
67%
Indonésie
67%
Indonésie
67%
Indonésie
67%
Indonésie
67%
Indonésie
67%
Irak
67%
Irak
67%
Irak
67%
Irak
67%
Irak
67%
Irlande
67%
Irlande
67%
Irlande
67%
Islande
67%
Islande
67%
Islande
67%
Israël
67%
Israël
67%
Israël
67%
Italie
67%
Italie
67%
Italie
67%
Jamaïque
67%
Jamaïque
67%
Jamaïque
67%
Jamaïque
67%
Japon
67%
Japon
67%
Japon
67%
Jordanie
67%
Jordanie
67%
Jordanie
67%
Jordanie
67%
Kenya
67%
Kenya
67%
Kenya
67%
Kirghizistan
67%
Kirghizistan
67%
Kosovo
67%
Kosovo
67%
Kosovo
67%
Kosovo
67%
Kosovo
67%
Koweït
67%
Koweït
67%
Koweït
67%
Koweït
67%
Laos
67%
Laos
67%
Laos
67%
Laos
67%
Laos
67%
Laos
67%
Laos
67%
Laos
67%
Lesotho
67%
Lesotho
67%
Lesotho
67%
Lesotho
67%
Lesotho
67%
Lettonie
67%
Lettonie
67%
Lettonie
67%
Liban
67%
Liban
67%
Liban
67%
Liberia
67%
Liberia
67%
Liberia
67%
Liberia
67%
Libye
67%
Libye
67%
Lituanie
67%
Lituanie
67%
Lituanie
67%
Lituanie
67%
Luxembourg
67%
Luxembourg
67%
Luxembourg
67%
Luxembourg
67%
Macédoine du Nord
67%
Macédoine du Nord
67%
Macédoine du Nord
67%
Macédoine du Nord
67%
Malaisie
67%
Malaisie
67%
Malaisie
67%
Malaisie
67%
Malaisie
67%
Malaisie
67%
Malawi
67%
Malawi
67%
Malawi
67%
Maldives
67%
Maldives
67%
Maldives
67%
Maldives
67%
Mali
67%
Mali
67%
Mali
67%
Mali
67%
Mali
67%
Mali
67%
Mali
67%
Mali
67%
Mali
67%
Mali
67%
Maroc
67%
Maroc
67%
Maroc
67%
Maurice
67%
Mauritanie
67%
Mauritanie
67%
Monaco
67%
Monaco
67%
Namibie
67%
Namibie
67%
Namibie
67%
Namibie
67%
Niger
67%
Niger
67%
Niger
67%
Niger
67%
Niger
67%
Nigeria
67%
Nigeria
67%
Nigeria
67%
Nigeria
67%
Norvège
67%
Norvège
67%
Norvège
67%
Norvège
67%
Norvège
67%
Norvège
67%
Ouzbékistan
67%
Ouzbékistan
67%
Ouzbékistan
67%
Ouzbékistan
67%
Ouzbékistan
67%
Ouzbékistan
67%
Pakistan
67%
Palaos
67%
Palaos
67%
Panama
67%
Panama
67%
Panama
67%
Panama
67%
Panama
67%
Papouasie-Nouvelle-Guinée
67%
Papouasie-Nouvelle-Guinée
67%
Papouasie-Nouvelle-Guinée
67%
Papouasie-Nouvelle-Guinée
67%
Papouasie-Nouvelle-Guinée
67%
Papouasie-Nouvelle-Guinée
67%
Pays-Bas
67%
Pays-Bas
67%
Pays-Bas
67%
Pays-Bas
67%
Pays-Bas
67%
Pays-Bas
67%
Pays-Bas
67%
Pays-Bas
67%
Pérou
67%
Pérou
67%
Pérou
67%
Pérou
67%
Pérou
67%
Pérou
67%
Philippines
67%
Philippines
67%
Philippines
67%
Philippines
67%
Philippines
67%
Philippines
67%
Philippines
67%
Pologne
67%
Pologne
67%
Pologne
67%
Pologne
67%
Pologne
67%
Pologne
67%
Pologne
67%
Pologne
67%
Qatar
67%
Qatar
67%
République Centrafricaine
67%
République Centrafricaine
67%
République Centrafricaine
67%
République Centrafricaine
67%
République Centrafricaine
67%
République Démocratique du Congo
67%
République Démocratique du Congo
67%
République du Congo
67%
République du Congo
67%
République du Congo
67%
République du Congo
67%
République du Congo
67%
République du Congo
67%
République Tchèque
67%
République Tchèque
67%
République Tchèque
67%
Royaume-Uni
67%
Royaume-Uni
67%
Royaume-Uni
67%
Royaume-Uni
67%
Royaume-Uni
67%
Russie
67%
Russie
67%
Russie
67%
Russie
67%
Russie
67%
Russie
67%
Russie
67%
Russie
67%
Rwanda
67%
Rwanda
67%
Saint-Christophe- et-Niévès
67%
Saint-Christophe- et-Niévès
67%
Sainte-Lucie
67%
Sainte-Lucie
67%
Sainte-Lucie
67%
Sainte-Lucie
67%
Sainte-Lucie
67%
Sainte-Lucie
67%
Saint-Vincent-et-les-Grenadines
67%
Saint-Vincent-et-les-Grenadines
67%
Saint-Vincent-et-les-Grenadines
67%
Samoa
67%
Samoa
67%
Samoa
67%
Samoa
67%
Samoa
67%
Samoa
67%
Samoa
67%
Samoa
67%
Sénégal
67%
Sénégal
67%
Sénégal
67%
Sénégal
67%
Sénégal
67%
Sénégal
67%
Sénégal
67%
Sénégal
67%
Seychelles
67%
Seychelles
67%
Seychelles
67%
Seychelles
67%
Seychelles
67%
Seychelles
67%
Seychelles
67%
Seychelles
67%
Seychelles
67%
Sierra Leone
67%
Sierra Leone
67%
Sierra Leone
67%
Sierra Leone
67%
Singapour
67%
Singapour
67%
Singapour
67%
Singapour
67%
Singapour
67%
Singapour
67%
Singapour
67%
Singapour
67%
Singapour
67%
Slovaquie
67%
Slovaquie
67%
Slovaquie
67%
Slovaquie
67%
Slovénie
67%
Slovénie
67%
Somalie
67%
Somalie
67%
Somalie
67%
Somalie
67%
Somalie
67%
Somalie
67%
Soudan
67%
Soudan
67%
Soudan
67%
Soudan
67%
Soudan du Sud
67%
Soudan du Sud
67%
Soudan du Sud
67%
Soudan du Sud
67%
Suède
67%
Suède
67%
Suède
67%
Suriname
67%
Suriname
67%
Suriname
67%
Syrie
67%
Syrie
67%
Syrie
67%
Syrie
67%
Tadjikistan
67%
Tadjikistan
67%
Tadjikistan
67%
Tadjikistan
67%
Taïwan
67%
Taïwan
67%
Taïwan
67%
Taïwan
67%
Taïwan
67%
Taïwan
67%
Taïwan
67%
Tanzanie
67%
Tanzanie
67%
Tanzanie
67%
Tanzanie
67%
Thaïlande
67%
Thaïlande
67%
Thaïlande
67%
Thaïlande
67%
Timor Oriental
67%
Timor Oriental
67%
Timor Oriental
67%
Timor Oriental
67%
Timor Oriental
67%
Togo
67%
Togo
67%
Togo
67%
Togo
67%
Togo
67%
Togo
67%
Tonga
67%
Tonga
67%
Tonga
67%
Tonga
67%
Tonga
67%
Trinité-et-Tobago
67%
Trinité-et-Tobago
67%
Trinité-et-Tobago
67%
Trinité-et-Tobago
67%
Trinité-et-Tobago
67%
Tunisie
67%
Tunisie
67%
Tunisie
67%
Tunisie
67%
Turquie
67%
Turquie
67%
Ukraine
67%
Ukraine
67%
Ukraine
67%
Ukraine
67%
Ukraine
67%
Ukraine
67%
Ukraine
67%
Ukraine
67%
Ukraine
67%
Ukraine
67%
Venezuela
67%
Venezuela
67%
Venezuela
67%
Viêt Nam
67%
Viêt Nam
67%
Viêt Nam
67%
Viêt Nam
67%
Yémen
67%
Yémen
67%
Yémen
67%
Yémen
67%
Albanie
60%
Bangladesh
60%
Bangladesh
60%
Bolivie
60%
Bolivie
60%
Bulgarie
60%
Colombie
60%
Comores
60%
Corée du Nord
60%
Costa Rica
60%
Côte d'Ivoire
60%
Cuba
60%
Gabon
60%
Grenade
60%
Guinée
60%
Honduras
60%
Îles Marshall
60%
Îles Marshall
60%
Jamaïque
60%
Laos
60%
Lesotho
60%
Lettonie
60%
Liberia
60%
Liberia
60%
Lituanie
60%
Luxembourg
60%
Malaisie
60%
Maldives
60%
Mali
60%
Mali
60%
Mali
60%
Maurice
60%
Monaco
60%
Monaco
60%
Namibie
60%
Nigeria
60%
Norvège
60%
Norvège
60%
Philippines
60%
Philippines
60%
République Centrafricaine
60%
République du Congo
60%
République du Congo
60%
République du Congo
60%
Sainte-Lucie
60%
Singapour
60%
Suriname
60%
Tadjikistan
60%
Thaïlande
60%
Togo
60%
Tunisie
60%
Tunisie
60%
Viêt Nam
60%
Yémen
60%
Yémen
60%
Botswana
57%
Bulgarie
57%
Bulgarie
57%
Grenade
57%
Laos
57%
Namibie
57%
République du Congo
57%
Afrique du Sud
50%
Afrique du Sud
50%
Afrique du Sud
50%
Afrique du Sud
50%
Albanie
50%
Albanie
50%
Albanie
50%
Albanie
50%
Albanie
50%
Albanie
50%
Algérie
50%
Algérie
50%
Algérie
50%
Allemagne
50%
Allemagne
50%
Allemagne
50%
Antigua-et-Barbuda
50%
Antigua-et-Barbuda
50%
Antigua-et-Barbuda
50%
Antigua-et-Barbuda
50%
Antigua-et-Barbuda
50%
Antigua-et-Barbuda
50%
Antigua-et-Barbuda
50%
Antigua-et-Barbuda
50%
Antigua-et-Barbuda
50%
Antigua-et-Barbuda
50%
Antigua-et-Barbuda
50%
Antigua-et-Barbuda
50%
Antigua-et-Barbuda
50%
Antigua-et-Barbuda
50%
Antigua-et-Barbuda
50%
Arménie
50%
Arménie
50%
Arménie
50%
Arménie
50%
Arménie
50%
Arménie
50%
Arménie
50%
Arménie
50%
Arménie
50%
Arménie
50%
Arménie
50%
Arménie
50%
Arménie
50%
Arménie
50%
Arménie
50%
Autriche
50%
Autriche
50%
Autriche
50%
Autriche
50%
Autriche
50%
Autriche
50%
Autriche
50%
Autriche
50%
Autriche
50%
Autriche
50%
Autriche
50%
Autriche
50%
Azerbaïdjan
50%
Azerbaïdjan
50%
Azerbaïdjan
50%
Azerbaïdjan
50%
Azerbaïdjan
50%
Azerbaïdjan
50%
Azerbaïdjan
50%
Azerbaïdjan
50%
Azerbaïdjan
50%
Azerbaïdjan
50%
Bahamas
50%
Bahamas
50%
Bahamas
50%
Bahamas
50%
Bahamas
50%
Bahamas
50%
Bahamas
50%
Bahamas
50%
Bahamas
50%
Bahamas
50%
Bahamas
50%
Bahamas
50%
Bahamas
50%
Bahamas
50%
Bahreïn
50%
Bahreïn
50%
Bahreïn
50%
Bahreïn
50%
Bahreïn
50%
Bahreïn
50%
Bahreïn
50%
Bahreïn
50%
Bahreïn
50%
Bahreïn
50%
Bahreïn
50%
Bahreïn
50%
Bahreïn
50%
Bahreïn
50%
Bahreïn
50%
Bangladesh
50%
Barbade
50%
Barbade
50%
Barbade
50%
Barbade
50%
Barbade
50%
Barbade
50%
Barbade
50%
Barbade
50%
Barbade
50%
Belgique
50%
Belgique
50%
Belgique
50%
Belgique
50%
Belgique
50%
Belgique
50%
Belgique
50%
Belgique
50%
Birmanie
50%
Birmanie
50%
Birmanie
50%
Birmanie
50%
Birmanie
50%
Birmanie
50%
Birmanie
50%
Birmanie
50%
Birmanie
50%
Bolivie
50%
Bolivie
50%
Bolivie
50%
Bolivie
50%
Bolivie
50%
Bolivie
50%
Bolivie
50%
Bolivie
50%
Bolivie
50%
Bolivie
50%
Bolivie
50%
Bosnie-Herzégovine
50%
Bosnie-Herzégovine
50%
Bosnie-Herzégovine
50%
Bosnie-Herzégovine
50%
Bosnie-Herzégovine
50%
Bosnie-Herzégovine
50%
Botswana
50%
Botswana
50%
Botswana
50%
Botswana
50%
Botswana
50%
Botswana
50%
Botswana
50%
Botswana
50%
Botswana
50%
Botswana
50%
Botswana
50%
Botswana
50%
Bulgarie
50%
Bulgarie
50%
Bulgarie
50%
Bulgarie
50%
Bulgarie
50%
Bulgarie
50%
Bulgarie
50%
Bulgarie
50%
Bulgarie
50%
Bulgarie
50%
Bulgarie
50%
Burkina Faso
50%
Burkina Faso
50%
Burkina Faso
50%
Burkina Faso
50%
Burkina Faso
50%
Burkina Faso
50%
Burkina Faso
50%
Burkina Faso
50%
Burkina Faso
50%
Burkina Faso
50%
Burundi
50%
Burundi
50%
Burundi
50%
Burundi
50%
Burundi
50%
Burundi
50%
Burundi
50%
Burundi
50%
Burundi
50%
Burundi
50%
Burundi
50%
Burundi
50%
Burundi
50%
Burundi
50%
Burundi
50%
Burundi
50%
Burundi
50%
Burundi
50%
Cameroun
50%
Cameroun
50%
Cameroun
50%
Cameroun
50%
Cameroun
50%
Cameroun
50%
Cameroun
50%
Cameroun
50%
Cameroun
50%
Cameroun
50%
Cameroun
50%
Canada
50%
Canada
50%
Canada
50%
Canada
50%
Canada
50%
Canada
50%
Canada
50%
Cap-Vert
50%
Cap-Vert
50%
Cap-Vert
50%
Cap-Vert
50%
Cap-Vert
50%
Cap-Vert
50%
Cap-Vert
50%
Cap-Vert
50%
Cap-Vert
50%
Cap-Vert
50%
Cap-Vert
50%
Cap-Vert
50%
Chili
50%
Chili
50%
Chili
50%
Chili
50%
Chili
50%
Chili
50%
Chili
50%
Chine
50%
Chine
50%
Chypre
50%
Colombie
50%
Colombie
50%
Colombie
50%
Colombie
50%
Colombie
50%
Colombie
50%
Colombie
50%
Colombie
50%
Colombie
50%
Comores
50%
Comores
50%
Comores
50%
Comores
50%
Comores
50%
Comores
50%
Comores
50%
Comores
50%
Comores
50%
Corée du Nord
50%
Corée du Nord
50%
Corée du Nord
50%
Corée du Nord
50%
Corée du Nord
50%
Corée du Nord
50%
Corée du Nord
50%
Corée du Sud
50%
Corée du Sud
50%
Corée du Sud
50%
Corée du Sud
50%
Costa Rica
50%
Costa Rica
50%
Costa Rica
50%
Costa Rica
50%
Costa Rica
50%
Costa Rica
50%
Costa Rica
50%
Costa Rica
50%
Costa Rica
50%
Costa Rica
50%
Costa Rica
50%
Côte d'Ivoire
50%
Côte d'Ivoire
50%
Côte d'Ivoire
50%
Côte d'Ivoire
50%
Côte d'Ivoire
50%
Côte d'Ivoire
50%
Côte d'Ivoire
50%
Côte d'Ivoire
50%
Côte d'Ivoire
50%
Cuba
50%
Cuba
50%
Cuba
50%
Cuba
50%
Cuba
50%
Cuba
50%
Cuba
50%
Danemark
50%
Danemark
50%
Danemark
50%
Danemark
50%
Danemark
50%
Danemark
50%
Danemark
50%
Danemark
50%
Djibouti
50%
Djibouti
50%
Djibouti
50%
Djibouti
50%
Djibouti
50%
Djibouti
50%
Djibouti
50%
Djibouti
50%
Djibouti
50%
Djibouti
50%
Djibouti
50%
Djibouti
50%
Émirats Arabes Unis
50%
Émirats Arabes Unis
50%
Émirats Arabes Unis
50%
Émirats Arabes Unis
50%
Émirats Arabes Unis
50%
Émirats Arabes Unis
50%
Estonie
50%
Estonie
50%
Estonie
50%
Estonie
50%
Estonie
50%
Estonie
50%
Estonie
50%
États Fédérés de Micronésie
50%
États Fédérés de Micronésie
50%
États Fédérés de Micronésie
50%
États Fédérés de Micronésie
50%
États Fédérés de Micronésie
50%
États Fédérés de Micronésie
50%
États Fédérés de Micronésie
50%
États Fédérés de Micronésie
50%
États Fédérés de Micronésie
50%
États Fédérés de Micronésie
50%
États Fédérés de Micronésie
50%
États Fédérés de Micronésie
50%
États Fédérés de Micronésie
50%
États-Unis
50%
États-Unis
50%
États-Unis
50%
États-Unis
50%
États-Unis
50%
États-Unis
50%
Éthiopie
50%
Éthiopie
50%
Éthiopie
50%
Éthiopie
50%
Finlande
50%
Finlande
50%
Finlande
50%
Finlande
50%
Finlande
50%
Finlande
50%
Finlande
50%
Finlande
50%
Finlande
50%
Finlande
50%
France
50%
France
50%
France
50%
France
50%
France
50%
France
50%
Gabon
50%
Gabon
50%
Gabon
50%
Gabon
50%
Gabon
50%
Gabon
50%
Gabon
50%
Gabon
50%
Gabon
50%
Gabon
50%
Gambie
50%
Gambie
50%
Gambie
50%
Gambie
50%
Gambie
50%
Gambie
50%
Gambie
50%
Gambie
50%
Gambie
50%
Gambie
50%
Gambie
50%
Gambie
50%
Gambie
50%
Géorgie
50%
Géorgie
50%
Géorgie
50%
Géorgie
50%
Géorgie
50%
Géorgie
50%
Géorgie
50%
Ghana
50%
Ghana
50%
Ghana
50%
Ghana
50%
Ghana
50%
Ghana
50%
Ghana
50%
Grèce
50%
Grèce
50%
Grèce
50%
Grèce
50%
Grenade
50%
Grenade
50%
Grenade
50%
Grenade
50%
Grenade
50%
Grenade
50%
Grenade
50%
Grenade
50%
Grenade
50%
Grenade
50%
Grenade
50%
Grenade
50%
Grenade
50%
Guinée
50%
Guinée
50%
Guinée
50%
Guinée
50%
Guinée
50%
Guinée
50%
Guinée
50%
Guinée
50%
Guinée
50%
Guinée
50%
Guinée
50%
Guinée
50%
Guinée
50%
Guinée
50%
Guinée
50%
Guinée
50%
Honduras
50%
Honduras
50%
Honduras
50%
Honduras
50%
Honduras
50%
Honduras
50%
Honduras
50%
Hongrie
50%
Hongrie
50%
Hongrie
50%
Hongrie
50%
Hongrie
50%
Hongrie
50%
Hongrie
50%
Hongrie
50%
Hongrie
50%
Hongrie
50%
Îles Marshall
50%
Îles Marshall
50%
Îles Marshall
50%
Îles Marshall
50%
Îles Marshall
50%
Îles Marshall
50%
Îles Marshall
50%
Îles Marshall
50%
Îles Marshall
50%
Îles Marshall
50%
Îles Salomon
50%
Îles Salomon
50%
Îles Salomon
50%
Îles Salomon
50%
Îles Salomon
50%
Îles Salomon
50%
Indonésie
50%
Indonésie
50%
Indonésie
50%
Indonésie
50%
Indonésie
50%
Indonésie
50%
Indonésie
50%
Indonésie
50%
Indonésie
50%
Indonésie
50%
Indonésie
50%
Indonésie
50%
Indonésie
50%
Indonésie
50%
Indonésie
50%
Indonésie
50%
Irak
50%
Irak
50%
Irak
50%
Irak
50%
Irak
50%
Irak
50%
Irak
50%
Irak
50%
Irak
50%
Irak
50%
Irak
50%
Irak
50%
Irlande
50%
Irlande
50%
Irlande
50%
Irlande
50%
Irlande
50%
Irlande
50%
Irlande
50%
Irlande
50%
Irlande
50%
Islande
50%
Islande
50%
Islande
50%
Islande
50%
Islande
50%
Islande
50%
Islande
50%
Islande
50%
Italie
50%
Italie
50%
Italie
50%
Italie
50%
Italie
50%
Jamaïque
50%
Jamaïque
50%
Japon
50%
Japon
50%
Japon
50%
Japon
50%
Japon
50%
Japon
50%
Jordanie
50%
Jordanie
50%
Jordanie
50%
Jordanie
50%
Jordanie
50%
Jordanie
50%
Jordanie
50%
Jordanie
50%
Jordanie
50%
Jordanie
50%
Jordanie
50%
Kenya
50%
Kenya
50%
Kenya
50%
Kenya
50%
Kenya
50%
Kenya
50%
Kenya
50%
Kenya
50%
Kenya
50%
Kenya
50%
Kenya
50%
Kirghizistan
50%
Kirghizistan
50%
Kirghizistan
50%
Kirghizistan
50%
Kirghizistan
50%
Kirghizistan
50%
Kirghizistan
50%
Kirghizistan
50%
Kirghizistan
50%
Kirghizistan
50%
Kirghizistan
50%
Kirghizistan
50%
Kirghizistan
50%
Kirghizistan
50%
Kosovo
50%
Kosovo
50%
Kosovo
50%
Kosovo
50%
Kosovo
50%
Kosovo
50%
Kosovo
50%
Kosovo
50%
Kosovo
50%
Koweït
50%
Koweït
50%
Koweït
50%
Koweït
50%
Koweït
50%
Koweït
50%
Koweït
50%
Koweït
50%
Koweït
50%
Koweït
50%
Koweït
50%
Koweït
50%
Laos
50%
Laos
50%
Laos
50%
Laos
50%
Laos
50%
Laos
50%
Laos
50%
Laos
50%
Laos
50%
Laos
50%
Laos
50%
Laos
50%
Lesotho
50%
Lesotho
50%
Lesotho
50%
Lesotho
50%
Lesotho
50%
Lesotho
50%
Lesotho
50%
Lesotho
50%
Lesotho
50%
Lettonie
50%
Lettonie
50%
Lettonie
50%
Lettonie
50%
Lettonie
50%
Lettonie
50%
Lettonie
50%
Lettonie
50%
Lettonie
50%
Lettonie
50%
Lettonie
50%
Lettonie
50%
Lettonie
50%
Liban
50%
Liban
50%
Liban
50%
Liban
50%
Liban
50%
Liban
50%
Liban
50%
Liberia
50%
Liberia
50%
Liberia
50%
Liberia
50%
Liberia
50%
Liberia
50%
Liberia
50%
Liberia
50%
Liberia
50%
Libye
50%
Libye
50%
Libye
50%
Libye
50%
Libye
50%
Libye
50%
Libye
50%
Libye
50%
Libye
50%
Libye
50%
Libye
50%
Libye
50%
Libye
50%
Libye
50%
Libye
50%
Libye
50%
Libye
50%
Lituanie
50%
Lituanie
50%
Lituanie
50%
Lituanie
50%
Lituanie
50%
Lituanie
50%
Lituanie
50%
Luxembourg
50%
Luxembourg
50%
Luxembourg
50%
Luxembourg
50%
Luxembourg
50%
Luxembourg
50%
Luxembourg
50%
Luxembourg
50%
Luxembourg
50%
Macédoine du Nord
50%
Macédoine du Nord
50%
Macédoine du Nord
50%
Macédoine du Nord
50%
Macédoine du Nord
50%
Macédoine du Nord
50%
Macédoine du Nord
50%
Macédoine du Nord
50%
Macédoine du Nord
50%
Macédoine du Nord
50%
Malaisie
50%
Malaisie
50%
Malaisie
50%
Malaisie
50%
Malaisie
50%
Malaisie
50%
Malaisie
50%
Malaisie
50%
Malaisie
50%
Malaisie
50%
Malaisie
50%
Malawi
50%
Malawi
50%
Malawi
50%
Malawi
50%
Malawi
50%
Malawi
50%
Malawi
50%
Malawi
50%
Maldives
50%
Maldives
50%
Maldives
50%
Maldives
50%
Maldives
50%
Maldives
50%
Maldives
50%
Maldives
50%
Maldives
50%
Maldives
50%
Maldives
50%
Maldives
50%
Maldives
50%
Mali
50%
Mali
50%
Mali
50%
Mali
50%
Mali
50%
Mali
50%
Mali
50%
Mali
50%
Mali
50%
Mali
50%
Mali
50%
Mali
50%
Mali
50%
Mali
50%
Maroc
50%
Maurice
50%
Maurice
50%
Maurice
50%
Maurice
50%
Maurice
50%
Maurice
50%
Maurice
50%
Maurice
50%
Maurice
50%
Maurice
50%
Maurice
50%
Mauritanie
50%
Mauritanie
50%
Mauritanie
50%
Mauritanie
50%
Mauritanie
50%
Monaco
50%
Monaco
50%
Monaco
50%
Monaco
50%
Monaco
50%
Monaco
50%
Namibie
50%
Namibie
50%
Namibie
50%
Namibie
50%
Namibie
50%
Namibie
50%
Namibie
50%
Namibie
50%
Namibie
50%
Namibie
50%
Namibie
50%
Namibie
50%
Nauru
50%
Nauru
50%
Nauru
50%
Nauru
50%
Nauru
50%
Nauru
50%
Nauru
50%
Nauru
50%
Nauru
50%
Nauru
50%
Nauru
50%
Nauru
50%
Nauru
50%
Nauru
50%
Nauru
50%
Nauru
50%
Nauru
50%
Niger
50%
Niger
50%
Niger
50%
Niger
50%
Niger
50%
Niger
50%
Niger
50%
Niger
50%
Niger
50%
Nigeria
50%
Nigeria
50%
Nigeria
50%
Nigeria
50%
Nigeria
50%
Nigeria
50%
Nigeria
50%
Nigeria
50%
Nigeria
50%
Nigeria
50%
Norvège
50%
Norvège
50%
Norvège
50%
Norvège
50%
Ouzbékistan
50%
Ouzbékistan
50%
Ouzbékistan
50%
Ouzbékistan
50%
Ouzbékistan
50%
Ouzbékistan
50%
Ouzbékistan
50%
Ouzbékistan
50%
Ouzbékistan
50%
Ouzbékistan
50%
Ouzbékistan
50%
Ouzbékistan
50%
Pakistan
50%
Pakistan
50%
Pakistan
50%
Pakistan
50%
Pakistan
50%
Pakistan
50%
Pakistan
50%
Pakistan
50%
Pakistan
50%
Palaos
50%
Palaos
50%
Palaos
50%
Palaos
50%
Palaos
50%
Palaos
50%
Palaos
50%
Palaos
50%
Palaos
50%
Palaos
50%
Panama
50%
Panama
50%
Panama
50%
Panama
50%
Papouasie-Nouvelle-Guinée
50%
Papouasie-Nouvelle-Guinée
50%
Papouasie-Nouvelle-Guinée
50%
Papouasie-Nouvelle-Guinée
50%
Papouasie-Nouvelle-Guinée
50%
Papouasie-Nouvelle-Guinée
50%
Papouasie-Nouvelle-Guinée
50%
Papouasie-Nouvelle-Guinée
50%
Papouasie-Nouvelle-Guinée
50%
Papouasie-Nouvelle-Guinée
50%
Pays-Bas
50%
Pays-Bas
50%
Pays-Bas
50%
Pays-Bas
50%
Pays-Bas
50%
Pays-Bas
50%
Pérou
50%
Pérou
50%
Pérou
50%
Pérou
50%
Philippines
50%
Philippines
50%
Philippines
50%
Philippines
50%
Philippines
50%
Philippines
50%
Pologne
50%
Pologne
50%
Pologne
50%
Pologne
50%
Pologne
50%
Pologne
50%
Pologne
50%
Pologne
50%
Pologne
50%
Qatar
50%
Qatar
50%
Qatar
50%
Qatar
50%
Qatar
50%
Qatar
50%
Qatar
50%
République Centrafricaine
50%
République Centrafricaine
50%
République Centrafricaine
50%
République Centrafricaine
50%
République Centrafricaine
50%
République Centrafricaine
50%
République Centrafricaine
50%
République Centrafricaine
50%
République Centrafricaine
50%
République Centrafricaine
50%
République Centrafricaine
50%
République Centrafricaine
50%
République Centrafricaine
50%
République Centrafricaine
50%
République Centrafricaine
50%
République Centrafricaine
50%
République Centrafricaine
50%
République Centrafricaine
50%
République Centrafricaine
50%
République Démocratique du Congo
50%
République Démocratique du Congo
50%
République Démocratique du Congo
50%
République Démocratique du Congo
50%
République Démocratique du Congo
50%
République Démocratique du Congo
50%
République Démocratique du Congo
50%
République Démocratique du Congo
50%
République Démocratique du Congo
50%
République Démocratique du Congo
50%
République Démocratique du Congo
50%
République Démocratique du Congo
50%
République Démocratique du Congo
50%
République Démocratique du Congo
50%
République Démocratique du Congo
50%
République Démocratique du Congo
50%
République du Congo
50%
République du Congo
50%
République du Congo
50%
République du Congo
50%
République du Congo
50%
République du Congo
50%
République du Congo
50%
République du Congo
50%
République du Congo
50%
République du Congo
50%
République du Congo
50%
République du Congo
50%
République du Congo
50%
République du Congo
50%
République du Congo
50%
République Tchèque
50%
République Tchèque
50%
République Tchèque
50%
République Tchèque
50%
République Tchèque
50%
République Tchèque
50%
République Tchèque
50%
République Tchèque
50%
République Tchèque
50%
République Tchèque
50%
République Tchèque
50%
Royaume-Uni
50%
Russie
50%
Russie
50%
Russie
50%
Rwanda
50%
Rwanda
50%
Rwanda
50%
Rwanda
50%
Rwanda
50%
Rwanda
50%
Rwanda
50%
Rwanda
50%
Rwanda
50%
Rwanda
50%
Rwanda
50%
Rwanda
50%
Rwanda
50%
Rwanda
50%
Rwanda
50%
Rwanda
50%
Rwanda
50%
Saint-Christophe- et-Niévès
50%
Saint-Christophe- et-Niévès
50%
Saint-Christophe- et-Niévès
50%
Saint-Christophe- et-Niévès
50%
Saint-Christophe- et-Niévès
50%
Saint-Christophe- et-Niévès
50%
Saint-Christophe- et-Niévès
50%
Sainte-Lucie
50%
Sainte-Lucie
50%
Sainte-Lucie
50%
Sainte-Lucie
50%
Sainte-Lucie
50%
Saint-Vincent-et-les-Grenadines
50%
Saint-Vincent-et-les-Grenadines
50%
Saint-Vincent-et-les-Grenadines
50%
Saint-Vincent-et-les-Grenadines
50%
Saint-Vincent-et-les-Grenadines
50%
Saint-Vincent-et-les-Grenadines
50%
Saint-Vincent-et-les-Grenadines
50%
Saint-Vincent-et-les-Grenadines
50%
Saint-Vincent-et-les-Grenadines
50%
Saint-Vincent-et-les-Grenadines
50%
Saint-Vincent-et-les-Grenadines
50%
Saint-Vincent-et-les-Grenadines
50%
Samoa
50%
Samoa
50%
Samoa
50%
Samoa
50%
Samoa
50%
Samoa
50%
Samoa
50%
Samoa
50%
Samoa
50%
Samoa
50%
Samoa
50%
Samoa
50%
Samoa
50%
Samoa
50%
Sénégal
50%
Sénégal
50%
Sénégal
50%
Sénégal
50%
Sénégal
50%
Sénégal
50%
Sénégal
50%
Sénégal
50%
Sénégal
50%
Sénégal
50%
Sénégal
50%
Sénégal
50%
Sénégal
50%
Seychelles
50%
Seychelles
50%
Seychelles
50%
Seychelles
50%
Seychelles
50%
Seychelles
50%
Seychelles
50%
Sierra Leone
50%
Sierra Leone
50%
Sierra Leone
50%
Sierra Leone
50%
Sierra Leone
50%
Sierra Leone
50%
Sierra Leone
50%
Sierra Leone
50%
Sierra Leone
50%
Sierra Leone
50%
Sierra Leone
50%
Sierra Leone
50%
Sierra Leone
50%
Sierra Leone
50%
Sierra Leone
50%
Singapour
50%
Singapour
50%
Singapour
50%
Singapour
50%
Singapour
50%
Singapour
50%
Singapour
50%
Singapour
50%
Singapour
50%
Slovaquie
50%
Slovaquie
50%
Slovaquie
50%
Slovaquie
50%
Slovaquie
50%
Slovaquie
50%
Slovaquie
50%
Slovaquie
50%
Slovaquie
50%
Slovaquie
50%
Slovaquie
50%
Slovénie
50%
Slovénie
50%
Slovénie
50%
Slovénie
50%
Slovénie
50%
Slovénie
50%
Slovénie
50%
Slovénie
50%
Slovénie
50%
Somalie
50%
Somalie
50%
Somalie
50%
Somalie
50%
Somalie
50%
Somalie
50%
Soudan
50%
Soudan
50%
Soudan
50%
Soudan
50%
Soudan
50%
Soudan
50%
Soudan
50%
Soudan
50%
Soudan
50%
Soudan
50%
Soudan
50%
Soudan
50%
Soudan
50%
Soudan
50%
Soudan
50%
Soudan
50%
Soudan
50%
Soudan
50%
Soudan
50%
Soudan
50%
Soudan du Sud
50%
Soudan du Sud
50%
Soudan du Sud
50%
Soudan du Sud
50%
Soudan du Sud
50%
Soudan du Sud
50%
Soudan du Sud
50%
Soudan du Sud
50%
Suède
50%
Suède
50%
Suède
50%
Suède
50%
Suède
50%
Suède
50%
Suède
50%
Suisse
50%
Suisse
50%
Suriname
50%
Suriname
50%
Suriname
50%
Suriname
50%
Suriname
50%
Suriname
50%
Suriname
50%
Suriname
50%
Suriname
50%
Suriname
50%
Suriname
50%
Suriname
50%
Suriname
50%
Syrie
50%
Syrie
50%
Syrie
50%
Syrie
50%
Syrie
50%
Syrie
50%
Syrie
50%
Syrie
50%
Syrie
50%
Syrie
50%
Syrie
50%
Syrie
50%
Syrie
50%
Syrie
50%
Syrie
50%
Syrie
50%
Syrie
50%
Syrie
50%
Syrie
50%
Syrie
50%
Syrie
50%
Syrie
50%
Tadjikistan
50%
Tadjikistan
50%
Tadjikistan
50%
Tadjikistan
50%
Tadjikistan
50%
Tadjikistan
50%
Tadjikistan
50%
Tadjikistan
50%
Tadjikistan
50%
Tadjikistan
50%
Tadjikistan
50%
Tadjikistan
50%
Tadjikistan
50%
Tadjikistan
50%
Tadjikistan
50%
Tadjikistan
50%
Tadjikistan
50%
Tadjikistan
50%
Tadjikistan
50%
Taïwan
50%
Taïwan
50%
Taïwan
50%
Taïwan
50%
Tanzanie
50%
Tanzanie
50%
Tanzanie
50%
Tanzanie
50%
Tanzanie
50%
Tanzanie
50%
Tanzanie
50%
Tanzanie
50%
Tanzanie
50%
Tanzanie
50%
Thaïlande
50%
Thaïlande
50%
Thaïlande
50%
Thaïlande
50%
Thaïlande
50%
Thaïlande
50%
Thaïlande
50%
Timor Oriental
50%
Timor Oriental
50%
Timor Oriental
50%
Timor Oriental
50%
Timor Oriental
50%
Timor Oriental
50%
Timor Oriental
50%
Timor Oriental
50%
Togo
50%
Togo
50%
Togo
50%
Togo
50%
Togo
50%
Togo
50%
Togo
50%
Togo
50%
Togo
50%
Togo
50%
Togo
50%
Tonga
50%
Tonga
50%
Tonga
50%
Tonga
50%
Tonga
50%
Tonga
50%
Tonga
50%
Trinité-et-Tobago
50%
Trinité-et-Tobago
50%
Trinité-et-Tobago
50%
Trinité-et-Tobago
50%
Trinité-et-Tobago
50%
Trinité-et-Tobago
50%
Trinité-et-Tobago
50%
Trinité-et-Tobago
50%
Trinité-et-Tobago
50%
Trinité-et-Tobago
50%
Trinité-et-Tobago
50%
Trinité-et-Tobago
50%
Trinité-et-Tobago
50%
Tunisie
50%
Tunisie
50%
Tunisie
50%
Tunisie
50%
Tunisie
50%
Tunisie
50%
Tunisie
50%
Turquie
50%
Turquie
50%
Ukraine
50%
Ukraine
50%
Venezuela
50%
Venezuela
50%
Venezuela
50%
Venezuela
50%
Venezuela
50%
Venezuela
50%
Venezuela
50%
Venezuela
50%
Viêt Nam
50%
Viêt Nam
50%
Viêt Nam
50%
Viêt Nam
50%
Viêt Nam
50%
Viêt Nam
50%
Viêt Nam
50%
Viêt Nam
50%
Viêt Nam
50%
Yémen
50%
Yémen
50%
Yémen
50%
Yémen
50%
Yémen
50%
Yémen
50%
Yémen
50%
Yémen
50%
Yémen
50%
Yémen
50%
Yémen
50%
Yémen
50%
Bolivie
43%
Mauritanie
43%
Soudan
43%
Antigua-et-Barbuda
40%
Arménie
40%
Azerbaïdjan
40%
Bahamas
40%
Bahreïn
40%
Bangladesh
40%
Botswana
40%
Burkina Faso
40%
Burundi
40%
Côte d'Ivoire
40%
Cuba
40%
Éthiopie
40%
Grenade
40%
Îles Marshall
40%
Indonésie
40%
Irlande
40%
Lesotho
40%
Luxembourg
40%
Malawi
40%
Niger
40%
Palaos
40%
Palaos
40%
République Centrafricaine
40%
République du Congo
40%
Rwanda
40%
Sainte-Lucie
40%
Sainte-Lucie
40%
Slovaquie
40%
Soudan
40%
Afrique du Sud
33%
Afrique du Sud
33%
Albanie
33%
Antigua-et-Barbuda
33%
Antigua-et-Barbuda
33%
Antigua-et-Barbuda
33%
Antigua-et-Barbuda
33%
Antigua-et-Barbuda
33%
Antigua-et-Barbuda
33%
Arménie
33%
Arménie
33%
Arménie
33%
Autriche
33%
Azerbaïdjan
33%
Azerbaïdjan
33%
Azerbaïdjan
33%
Bahamas
33%
Bahamas
33%
Bahreïn
33%
Bangladesh
33%
Birmanie
33%
Birmanie
33%
Birmanie
33%
Birmanie
33%
Birmanie
33%
Bolivie
33%
Bolivie
33%
Bolivie
33%
Bolivie
33%
Bolivie
33%
Bolivie
33%
Bosnie-Herzégovine
33%
Bosnie-Herzégovine
33%
Botswana
33%
Botswana
33%
Botswana
33%
Botswana
33%
Botswana
33%
Bulgarie
33%
Bulgarie
33%
Bulgarie
33%
Burundi
33%
Cameroun
33%
Cameroun
33%
Cameroun
33%
Cap-Vert
33%
Comores
33%
Comores
33%
Comores
33%
Corée du Sud
33%
Corée du Sud
33%
Costa Rica
33%
Costa Rica
33%
Côte d'Ivoire
33%
Cuba
33%
Cuba
33%
Danemark
33%
Djibouti
33%
Djibouti
33%
Djibouti
33%
Djibouti
33%
Émirats Arabes Unis
33%
Émirats Arabes Unis
33%
Émirats Arabes Unis
33%
Estonie
33%
États Fédérés de Micronésie
33%
États Fédérés de Micronésie
33%
États Fédérés de Micronésie
33%
États Fédérés de Micronésie
33%
États Fédérés de Micronésie
33%
États Fédérés de Micronésie
33%
États-Unis
33%
Éthiopie
33%
Éthiopie
33%
Éthiopie
33%
Éthiopie
33%
Gabon
33%
Gabon
33%
Gabon
33%
Gambie
33%
Gambie
33%
Gambie
33%
Gambie
33%
Gambie
33%
Gambie
33%
Gambie
33%
Gambie
33%
Gambie
33%
Gambie
33%
Gambie
33%
Grenade
33%
Grenade
33%
Grenade
33%
Guinée
33%
Guinée
33%
Guinée
33%
Guinée
33%
Guinée
33%
Guinée
33%
Honduras
33%
Honduras
33%
Honduras
33%
Honduras
33%
Honduras
33%
Hongrie
33%
Hongrie
33%
Hongrie
33%
Hongrie
33%
Îles Marshall
33%
Îles Marshall
33%
Îles Salomon
33%
Îles Salomon
33%
Îles Salomon
33%
Îles Salomon
33%
Îles Salomon
33%
Îles Salomon
33%
Îles Salomon
33%
Îles Salomon
33%
Indonésie
33%
Indonésie
33%
Indonésie
33%
Indonésie
33%
Indonésie
33%
Indonésie
33%
Indonésie
33%
Irak
33%
Irak
33%
Irak
33%
Irlande
33%
Islande
33%
Islande
33%
Islande
33%
Italie
33%
Jamaïque
33%
Jordanie
33%
Jordanie
33%
Jordanie
33%
Jordanie
33%
Jordanie
33%
Kirghizistan
33%
Kirghizistan
33%
Kirghizistan
33%
Kirghizistan
33%
Kirghizistan
33%
Kirghizistan
33%
Kirghizistan
33%
Kirghizistan
33%
Kirghizistan
33%
Kosovo
33%
Koweït
33%
Koweït
33%
Koweït
33%
Laos
33%
Laos
33%
Laos
33%
Laos
33%
Lettonie
33%
Lettonie
33%
Lettonie
33%
Libye
33%
Libye
33%
Libye
33%
Lituanie
33%
Lituanie
33%
Luxembourg
33%
Malawi
33%
Malawi
33%
Malawi
33%
Malawi
33%
Malawi
33%
Malawi
33%
Maldives
33%
Maldives
33%
Maldives
33%
Maldives
33%
Maldives
33%
Maldives
33%
Maldives
33%
Maldives
33%
Maldives
33%
Maldives
33%
Mali
33%
Mali
33%
Mali
33%
Mali
33%
Maurice
33%
Mauritanie
33%
Mauritanie
33%
Namibie
33%
Namibie
33%
Namibie
33%
Namibie
33%
Nauru
33%
Nauru
33%
Nauru
33%
Nauru
33%
Nauru
33%
Niger
33%
Niger
33%
Niger
33%
Nigeria
33%
Nigeria
33%
Nigeria
33%
Norvège
33%
Ouzbékistan
33%
Ouzbékistan
33%
Ouzbékistan
33%
Pakistan
33%
Pakistan
33%
Palaos
33%
Palaos
33%
Palaos
33%
Palaos
33%
Palaos
33%
Palaos
33%
Palaos
33%
Palaos
33%
Panama
33%
Papouasie-Nouvelle-Guinée
33%
Papouasie-Nouvelle-Guinée
33%
Pays-Bas
33%
Pérou
33%
Philippines
33%
Qatar
33%
Qatar
33%
République Centrafricaine
33%
République Centrafricaine
33%
République Centrafricaine
33%
République Centrafricaine
33%
République Centrafricaine
33%
République Centrafricaine
33%
République Centrafricaine
33%
République Démocratique du Congo
33%
République du Congo
33%
République du Congo
33%
République du Congo
33%
République du Congo
33%
République du Congo
33%
République Tchèque
33%
Rwanda
33%
Rwanda
33%
Rwanda
33%
Rwanda
33%
Rwanda
33%
Rwanda
33%
Rwanda
33%
Saint-Christophe- et-Niévès
33%
Saint-Christophe- et-Niévès
33%
Saint-Christophe- et-Niévès
33%
Saint-Christophe- et-Niévès
33%
Saint-Christophe- et-Niévès
33%
Saint-Christophe- et-Niévès
33%
Sainte-Lucie
33%
Sainte-Lucie
33%
Sainte-Lucie
33%
Saint-Vincent-et-les-Grenadines
33%
Saint-Vincent-et-les-Grenadines
33%
Saint-Vincent-et-les-Grenadines
33%
Saint-Vincent-et-les-Grenadines
33%
Saint-Vincent-et-les-Grenadines
33%
Samoa
33%
Samoa
33%
Sénégal
33%
Seychelles
33%
Seychelles
33%
Seychelles
33%
Sierra Leone
33%
Sierra Leone
33%
Sierra Leone
33%
Sierra Leone
33%
Sierra Leone
33%
Singapour
33%
Slovaquie
33%
Slovénie
33%
Somalie
33%
Somalie
33%
Somalie
33%
Somalie
33%
Somalie
33%
Soudan
33%
Soudan
33%
Soudan
33%
Soudan
33%
Soudan
33%
Soudan du Sud
33%
Soudan du Sud
33%
Soudan du Sud
33%
Soudan du Sud
33%
Soudan du Sud
33%
Soudan du Sud
33%
Soudan du Sud
33%
Soudan du Sud
33%
Soudan du Sud
33%
Suriname
33%
Suriname
33%
Suriname
33%
Syrie
33%
Syrie
33%
Syrie
33%
Syrie
33%
Tadjikistan
33%
Tadjikistan
33%
Tadjikistan
33%
Tadjikistan
33%
Taïwan
33%
Taïwan
33%
Taïwan
33%
Taïwan
33%
Tanzanie
33%
Thaïlande
33%
Thaïlande
33%
Thaïlande
33%
Thaïlande
33%
Timor Oriental
33%
Timor Oriental
33%
Timor Oriental
33%
Togo
33%
Togo
33%
Togo
33%
Togo
33%
Togo
33%
Togo
33%
Togo
33%
Togo
33%
Togo
33%
Togo
33%
Tonga
33%
Tonga
33%
Tonga
33%
Tonga
33%
Trinité-et-Tobago
33%
Trinité-et-Tobago
33%
Trinité-et-Tobago
33%
Trinité-et-Tobago
33%
Yémen
33%
Yémen
33%
Yémen
33%
Samoa
29%
Antigua-et-Barbuda
25%
Arménie
25%
Bahamas
25%
Bahamas
25%
Bangladesh
25%
Bangladesh
25%
Birmanie
25%
Birmanie
25%
Birmanie
25%
Botswana
25%
Bulgarie
25%
Bulgarie
25%
Comores
25%
Comores
25%
Côte d'Ivoire
25%
Danemark
25%
Djibouti
25%
Djibouti
25%
Émirats Arabes Unis
25%
États Fédérés de Micronésie
25%
Éthiopie
25%
Gambie
25%
Gambie
25%
Ghana
25%
Grenade
25%
Îles Marshall
25%
Îles Marshall
25%
Jordanie
25%
Kenya
25%
Koweït
25%
Koweït
25%
Koweït
25%
Koweït
25%
Lesotho
25%
Libye
25%
Libye
25%
Lituanie
25%
Malawi
25%
Malawi
25%
Maldives
25%
Mauritanie
25%
Namibie
25%
Nauru
25%
Niger
25%
Ouzbékistan
25%
Pakistan
25%
Palaos
25%
Palaos
25%
Philippines
25%
Philippines
25%
République Centrafricaine
25%
République du Congo
25%
République du Congo
25%
Rwanda
25%
Rwanda
25%
Saint-Christophe- et-Niévès
25%
Saint-Christophe- et-Niévès
25%
Saint-Christophe- et-Niévès
25%
Sainte-Lucie
25%
Saint-Vincent-et-les-Grenadines
25%
Saint-Vincent-et-les-Grenadines
25%
Samoa
25%
Samoa
25%
Samoa
25%
Samoa
25%
Sierra Leone
25%
Sierra Leone
25%
Sierra Leone
25%
Soudan
25%
Soudan du Sud
25%
Suriname
25%
Suriname
25%
Suriname
25%
Syrie
25%
Tadjikistan
25%
Tadjikistan
25%
Tadjikistan
25%
Tanzanie
25%
Tanzanie
25%
Timor Oriental
25%
Togo
25%
Togo
25%
Tonga
25%
Trinité-et-Tobago
25%
Trinité-et-Tobago
25%
Venezuela
25%
Venezuela
25%
Birmanie
20%
Bolivie
20%
Cameroun
20%
Émirats Arabes Unis
20%
Gabon
20%
Gambie
20%
Monaco
20%
Namibie
20%
Soudan du Sud
20%
Syrie
20%
Timor Oriental
20%
Gambie
17%
Koweït
17%
Samoa
17%
Trinité-et-Tobago
17%
Afrique du Sud
0%
Afrique du Sud
0%
Afrique du Sud
0%
Afrique du Sud
0%
Afrique du Sud
0%
Afrique du Sud
0%
Afrique du Sud
0%
Afrique du Sud
0%
Afrique du Sud
0%
Afrique du Sud
0%
Afrique du Sud
0%
Afrique du Sud
0%
Afrique du Sud
0%
Afrique du Sud
0%
Albanie
0%
Albanie
0%
Albanie
0%
Albanie
0%
Albanie
0%
Albanie
0%
Albanie
0%
Albanie
0%
Albanie
0%
Albanie
0%
Albanie
0%
Algérie
0%
Algérie
0%
Algérie
0%
Algérie
0%
Algérie
0%
Algérie
0%
Algérie
0%
Algérie
0%
Algérie
0%
Algérie
0%
Algérie
0%
Algérie
0%
Algérie
0%
Algérie
0%
Algérie
0%
Algérie
0%
Algérie
0%
Algérie
0%
Algérie
0%
Allemagne
0%
Allemagne
0%
Allemagne
0%
Allemagne
0%
Allemagne
0%
Allemagne
0%
Allemagne
0%
Allemagne
0%
Allemagne
0%
Allemagne
0%
Allemagne
0%
Allemagne
0%
Allemagne
0%
Allemagne
0%
Allemagne
0%
Allemagne
0%
Allemagne
0%
Allemagne
0%
Antigua-et-Barbuda
0%
Antigua-et-Barbuda
0%
Antigua-et-Barbuda
0%
Antigua-et-Barbuda
0%
Antigua-et-Barbuda
0%
Antigua-et-Barbuda
0%
Antigua-et-Barbuda
0%
Antigua-et-Barbuda
0%
Antigua-et-Barbuda
0%
Antigua-et-Barbuda
0%
Antigua-et-Barbuda
0%
Antigua-et-Barbuda
0%
Antigua-et-Barbuda
0%
Antigua-et-Barbuda
0%
Antigua-et-Barbuda
0%
Antigua-et-Barbuda
0%
Antigua-et-Barbuda
0%
Antigua-et-Barbuda
0%
Antigua-et-Barbuda
0%
Antigua-et-Barbuda
0%
Antigua-et-Barbuda
0%
Antigua-et-Barbuda
0%
Antigua-et-Barbuda
0%
Antigua-et-Barbuda
0%
Antigua-et-Barbuda
0%
Antigua-et-Barbuda
0%
Antigua-et-Barbuda
0%
Antigua-et-Barbuda
0%
Antigua-et-Barbuda
0%
Antigua-et-Barbuda
0%
Antigua-et-Barbuda
0%
Antigua-et-Barbuda
0%
Antigua-et-Barbuda
0%
Arménie
0%
Arménie
0%
Arménie
0%
Arménie
0%
Arménie
0%
Arménie
0%
Arménie
0%
Arménie
0%
Arménie
0%
Arménie
0%
Arménie
0%
Arménie
0%
Arménie
0%
Arménie
0%
Arménie
0%
Arménie
0%
Arménie
0%
Arménie
0%
Arménie
0%
Arménie
0%
Autriche
0%
Autriche
0%
Autriche
0%
Autriche
0%
Autriche
0%
Autriche
0%
Autriche
0%
Autriche
0%
Autriche
0%
Autriche
0%
Autriche
0%
Autriche
0%
Autriche
0%
Autriche
0%
Autriche
0%
Autriche
0%
Autriche
0%
Azerbaïdjan
0%
Azerbaïdjan
0%
Azerbaïdjan
0%
Azerbaïdjan
0%
Azerbaïdjan
0%
Azerbaïdjan
0%
Azerbaïdjan
0%
Azerbaïdjan
0%
Azerbaïdjan
0%
Azerbaïdjan
0%
Azerbaïdjan
0%
Azerbaïdjan
0%
Azerbaïdjan
0%
Azerbaïdjan
0%
Azerbaïdjan
0%
Azerbaïdjan
0%
Azerbaïdjan
0%
Azerbaïdjan
0%
Azerbaïdjan
0%
Azerbaïdjan
0%
Azerbaïdjan
0%
Azerbaïdjan
0%
Azerbaïdjan
0%
Azerbaïdjan
0%
Azerbaïdjan
0%
Azerbaïdjan
0%
Azerbaïdjan
0%
Azerbaïdjan
0%
Azerbaïdjan
0%
Azerbaïdjan
0%
Azerbaïdjan
0%
Azerbaïdjan
0%
Bahamas
0%
Bahamas
0%
Bahamas
0%
Bahamas
0%
Bahamas
0%
Bahamas
0%
Bahamas
0%
Bahamas
0%
Bahamas
0%
Bahamas
0%
Bahamas
0%
Bahamas
0%
Bahamas
0%
Bahamas
0%
Bahamas
0%
Bahamas
0%
Bahamas
0%
Bahamas
0%
Bahamas
0%
Bahamas
0%
Bahamas
0%
Bahamas
0%
Bahamas
0%
Bahamas
0%
Bahamas
0%
Bahamas
0%
Bahamas
0%
Bahamas
0%
Bahamas
0%
Bahamas
0%
Bahamas
0%
Bahamas
0%
Bahreïn
0%
Bahreïn
0%
Bahreïn
0%
Bahreïn
0%
Bahreïn
0%
Bahreïn
0%
Bahreïn
0%
Bahreïn
0%
Bahreïn
0%
Bahreïn
0%
Bahreïn
0%
Bahreïn
0%
Bahreïn
0%
Bahreïn
0%
Bahreïn
0%
Bahreïn
0%
Bahreïn
0%
Bahreïn
0%
Bahreïn
0%
Bahreïn
0%
Bahreïn
0%
Bahreïn
0%
Bangladesh
0%
Bangladesh
0%
Bangladesh
0%
Bangladesh
0%
Bangladesh
0%
Bangladesh
0%
Bangladesh
0%
Bangladesh
0%
Bangladesh
0%
Bangladesh
0%
Bangladesh
0%
Bangladesh
0%
Bangladesh
0%
Bangladesh
0%
Bangladesh
0%
Bangladesh
0%
Bangladesh
0%
Bangladesh
0%
Bangladesh
0%
Bangladesh
0%
Barbade
0%
Barbade
0%
Barbade
0%
Barbade
0%
Barbade
0%
Barbade
0%
Barbade
0%
Barbade
0%
Barbade
0%
Barbade
0%
Barbade
0%
Barbade
0%
Barbade
0%
Barbade
0%
Barbade
0%
Barbade
0%
Barbade
0%
Barbade
0%
Barbade
0%
Barbade
0%
Barbade
0%
Barbade
0%
Barbade
0%
Barbade
0%
Barbade
0%
Barbade
0%
Barbade
0%
Belgique
0%
Belgique
0%
Belgique
0%
Belgique
0%
Belgique
0%
Belgique
0%
Belgique
0%
Belgique
0%
Belgique
0%
Belgique
0%
Belgique
0%
Belgique
0%
Belgique
0%
Belgique
0%
Belgique
0%
Belgique
0%
Belgique
0%
Birmanie
0%
Birmanie
0%
Birmanie
0%
Birmanie
0%
Birmanie
0%
Birmanie
0%
Birmanie
0%
Birmanie
0%
Birmanie
0%
Birmanie
0%
Birmanie
0%
Birmanie
0%
Birmanie
0%
Birmanie
0%
Birmanie
0%
Birmanie
0%
Birmanie
0%
Birmanie
0%
Birmanie
0%
Birmanie
0%
Birmanie
0%
Birmanie
0%
Birmanie
0%
Birmanie
0%
Birmanie
0%
Birmanie
0%
Birmanie
0%
Birmanie
0%
Birmanie
0%
Birmanie
0%
Birmanie
0%
Birmanie
0%
Birmanie
0%
Bolivie
0%
Bolivie
0%
Bolivie
0%
Bolivie
0%
Bolivie
0%
Bolivie
0%
Bolivie
0%
Bolivie
0%
Bolivie
0%
Bolivie
0%
Bolivie
0%
Bolivie
0%
Bolivie
0%
Bolivie
0%
Bolivie
0%
Bolivie
0%
Bolivie
0%
Bolivie
0%
Bolivie
0%
Bolivie
0%
Bolivie
0%
Bolivie
0%
Bolivie
0%
Bolivie
0%
Bolivie
0%
Bolivie
0%
Bolivie
0%
Bolivie
0%
Bolivie
0%
Bolivie
0%
Bolivie
0%
Bolivie
0%
Bosnie-Herzégovine
0%
Bosnie-Herzégovine
0%
Bosnie-Herzégovine
0%
Bosnie-Herzégovine
0%
Bosnie-Herzégovine
0%
Bosnie-Herzégovine
0%
Bosnie-Herzégovine
0%
Bosnie-Herzégovine
0%
Bosnie-Herzégovine
0%
Bosnie-Herzégovine
0%
Bosnie-Herzégovine
0%
Bosnie-Herzégovine
0%
Bosnie-Herzégovine
0%
Bosnie-Herzégovine
0%
Bosnie-Herzégovine
0%
Bosnie-Herzégovine
0%
Bosnie-Herzégovine
0%
Bosnie-Herzégovine
0%
Bosnie-Herzégovine
0%
Bosnie-Herzégovine
0%
Bosnie-Herzégovine
0%
Bosnie-Herzégovine
0%
Bosnie-Herzégovine
0%
Bosnie-Herzégovine
0%
Botswana
0%
Botswana
0%
Botswana
0%
Botswana
0%
Botswana
0%
Botswana
0%
Botswana
0%
Botswana
0%
Botswana
0%
Botswana
0%
Botswana
0%
Botswana
0%
Botswana
0%
Botswana
0%
Botswana
0%
Botswana
0%
Botswana
0%
Botswana
0%
Botswana
0%
Botswana
0%
Botswana
0%
Botswana
0%
Botswana
0%
Botswana
0%
Botswana
0%
Botswana
0%
Botswana
0%
Botswana
0%
Botswana
0%
Botswana
0%
Botswana
0%
Botswana
0%
Botswana
0%
Bulgarie
0%
Bulgarie
0%
Bulgarie
0%
Bulgarie
0%
Bulgarie
0%
Bulgarie
0%
Bulgarie
0%
Bulgarie
0%
Bulgarie
0%
Bulgarie
0%
Bulgarie
0%
Bulgarie
0%
Bulgarie
0%
Bulgarie
0%
Bulgarie
0%
Bulgarie
0%
Bulgarie
0%
Bulgarie
0%
Bulgarie
0%
Bulgarie
0%
Bulgarie
0%
Bulgarie
0%
Bulgarie
0%
Bulgarie
0%
Burkina Faso
0%
Burkina Faso
0%
Burkina Faso
0%
Burkina Faso
0%
Burkina Faso
0%
Burkina Faso
0%
Burkina Faso
0%
Burkina Faso
0%
Burkina Faso
0%
Burkina Faso
0%
Burkina Faso
0%
Burkina Faso
0%
Burkina Faso
0%
Burkina Faso
0%
Burkina Faso
0%
Burkina Faso
0%
Burkina Faso
0%
Burkina Faso
0%
Burkina Faso
0%
Burkina Faso
0%
Burkina Faso
0%
Burkina Faso
0%
Burkina Faso
0%
Burkina Faso
0%
Burkina Faso
0%
Burkina Faso
0%
Burkina Faso
0%
Burkina Faso
0%
Burkina Faso
0%
Burkina Faso
0%
Burkina Faso
0%
Burkina Faso
0%
Burundi
0%
Burundi
0%
Burundi
0%
Burundi
0%
Burundi
0%
Burundi
0%
Burundi
0%
Burundi
0%
Burundi
0%
Burundi
0%
Burundi
0%
Burundi
0%
Burundi
0%
Burundi
0%
Burundi
0%
Burundi
0%
Burundi
0%
Burundi
0%
Burundi
0%
Burundi
0%
Burundi
0%
Burundi
0%
Burundi
0%
Burundi
0%
Burundi
0%
Burundi
0%
Burundi
0%
Burundi
0%
Burundi
0%
Burundi
0%
Burundi
0%
Burundi
0%
Burundi
0%
Burundi
0%
Burundi
0%
Cameroun
0%
Cameroun
0%
Cameroun
0%
Cameroun
0%
Cameroun
0%
Cameroun
0%
Cameroun
0%
Cameroun
0%
Cameroun
0%
Cameroun
0%
Cameroun
0%
Cameroun
0%
Cameroun
0%
Cameroun
0%
Cameroun
0%
Cameroun
0%
Cameroun
0%
Cameroun
0%
Cameroun
0%
Cameroun
0%
Cameroun
0%
Cameroun
0%
Cameroun
0%
Cameroun
0%
Cameroun
0%
Cameroun
0%
Cameroun
0%
Canada
0%
Canada
0%
Canada
0%
Canada
0%
Canada
0%
Canada
0%
Canada
0%
Canada
0%
Canada
0%
Canada
0%
Canada
0%
Canada
0%
Canada
0%
Canada
0%
Cap-Vert
0%
Cap-Vert
0%
Cap-Vert
0%
Cap-Vert
0%
Cap-Vert
0%
Cap-Vert
0%
Cap-Vert
0%
Cap-Vert
0%
Cap-Vert
0%
Cap-Vert
0%
Cap-Vert
0%
Cap-Vert
0%
Cap-Vert
0%
Cap-Vert
0%
Cap-Vert
0%
Cap-Vert
0%
Cap-Vert
0%
Chili
0%
Chili
0%
Chili
0%
Chili
0%
Chili
0%
Chili
0%
Chili
0%
Chili
0%
Chili
0%
Chili
0%
Chili
0%
Chili
0%
Chili
0%
Chili
0%
Chine
0%
Chine
0%
Chine
0%
Chine
0%
Chine
0%
Chine
0%
Chine
0%
Chine
0%
Chine
0%
Chine
0%
Chine
0%
Chine
0%
Chine
0%
Chine
0%
Chine
0%
Chine
0%
Chine
0%
Chine
0%
Chypre
0%
Chypre
0%
Chypre
0%
Chypre
0%
Chypre
0%
Chypre
0%
Chypre
0%
Chypre
0%
Chypre
0%
Chypre
0%
Chypre
0%
Chypre
0%
Colombie
0%
Colombie
0%
Colombie
0%
Colombie
0%
Colombie
0%
Colombie
0%
Colombie
0%
Colombie
0%
Colombie
0%
Colombie
0%
Colombie
0%
Colombie
0%
Colombie
0%
Colombie
0%
Colombie
0%
Colombie
0%
Colombie
0%
Colombie
0%
Colombie
0%
Colombie
0%
Colombie
0%
Colombie
0%
Comores
0%
Comores
0%
Comores
0%
Comores
0%
Comores
0%
Comores
0%
Comores
0%
Comores
0%
Comores
0%
Comores
0%
Comores
0%
Comores
0%
Comores
0%
Comores
0%
Comores
0%
Comores
0%
Comores
0%
Comores
0%
Comores
0%
Comores
0%
Comores
0%
Comores
0%
Comores
0%
Comores
0%
Comores
0%
Comores
0%
Comores
0%
Corée du Nord
0%
Corée du Nord
0%
Corée du Nord
0%
Corée du Nord
0%
Corée du Nord
0%
Corée du Nord
0%
Corée du Nord
0%
Corée du Nord
0%
Corée du Nord
0%
Corée du Nord
0%
Corée du Nord
0%
Corée du Nord
0%
Corée du Nord
0%
Corée du Nord
0%
Corée du Nord
0%
Corée du Nord
0%
Corée du Nord
0%
Corée du Nord
0%
Corée du Nord
0%
Corée du Sud
0%
Corée du Sud
0%
Corée du Sud
0%
Corée du Sud
0%
Corée du Sud
0%
Corée du Sud
0%
Corée du Sud
0%
Corée du Sud
0%
Corée du Sud
0%
Corée du Sud
0%
Corée du Sud
0%
Corée du Sud
0%
Corée du Sud
0%
Corée du Sud
0%
Costa Rica
0%
Costa Rica
0%
Costa Rica
0%
Costa Rica
0%
Costa Rica
0%
Costa Rica
0%
Costa Rica
0%
Costa Rica
0%
Costa Rica
0%
Costa Rica
0%
Costa Rica
0%
Costa Rica
0%
Costa Rica
0%
Costa Rica
0%
Costa Rica
0%
Costa Rica
0%
Costa Rica
0%
Costa Rica
0%
Costa Rica
0%
Costa Rica
0%
Costa Rica
0%
Costa Rica
0%
Costa Rica
0%
Côte d'Ivoire
0%
Côte d'Ivoire
0%
Côte d'Ivoire
0%
Côte d'Ivoire
0%
Côte d'Ivoire
0%
Côte d'Ivoire
0%
Côte d'Ivoire
0%
Côte d'Ivoire
0%
Côte d'Ivoire
0%
Côte d'Ivoire
0%
Côte d'Ivoire
0%
Côte d'Ivoire
0%
Côte d'Ivoire
0%
Côte d'Ivoire
0%
Côte d'Ivoire
0%
Côte d'Ivoire
0%
Cuba
0%
Cuba
0%
Cuba
0%
Cuba
0%
Cuba
0%
Cuba
0%
Cuba
0%
Cuba
0%
Cuba
0%
Cuba
0%
Cuba
0%
Cuba
0%
Cuba
0%
Danemark
0%
Danemark
0%
Danemark
0%
Danemark
0%
Danemark
0%
Danemark
0%
Danemark
0%
Danemark
0%
Danemark
0%
Danemark
0%
Danemark
0%
Danemark
0%
Danemark
0%
Danemark
0%
Danemark
0%
Danemark
0%
Danemark
0%
Djibouti
0%
Djibouti
0%
Djibouti
0%
Djibouti
0%
Djibouti
0%
Djibouti
0%
Djibouti
0%
Djibouti
0%
Djibouti
0%
Djibouti
0%
Djibouti
0%
Djibouti
0%
Djibouti
0%
Djibouti
0%
Djibouti
0%
Djibouti
0%
Djibouti
0%
Djibouti
0%
Djibouti
0%
Djibouti
0%
Djibouti
0%
Djibouti
0%
Djibouti
0%
Djibouti
0%
Djibouti
0%
Djibouti
0%
Djibouti
0%
Djibouti
0%
Djibouti
0%
Djibouti
0%
Djibouti
0%
Djibouti
0%
Djibouti
0%
Djibouti
0%
Djibouti
0%
Djibouti
0%
Émirats Arabes Unis
0%
Émirats Arabes Unis
0%
Émirats Arabes Unis
0%
Émirats Arabes Unis
0%
Émirats Arabes Unis
0%
Émirats Arabes Unis
0%
Émirats Arabes Unis
0%
Émirats Arabes Unis
0%
Émirats Arabes Unis
0%
Émirats Arabes Unis
0%
Émirats Arabes Unis
0%
Émirats Arabes Unis
0%
Émirats Arabes Unis
0%
Émirats Arabes Unis
0%
Émirats Arabes Unis
0%
Émirats Arabes Unis
0%
Émirats Arabes Unis
0%
Émirats Arabes Unis
0%
Émirats Arabes Unis
0%
Émirats Arabes Unis
0%
Émirats Arabes Unis
0%
Émirats Arabes Unis
0%
Émirats Arabes Unis
0%
Émirats Arabes Unis
0%
Émirats Arabes Unis
0%
Émirats Arabes Unis
0%
Émirats Arabes Unis
0%
Émirats Arabes Unis
0%
Émirats Arabes Unis
0%
Émirats Arabes Unis
0%
Émirats Arabes Unis
0%
Émirats Arabes Unis
0%
Émirats Arabes Unis
0%
Émirats Arabes Unis
0%
Estonie
0%
Estonie
0%
Estonie
0%
Estonie
0%
Estonie
0%
Estonie
0%
Estonie
0%
Estonie
0%
Estonie
0%
Estonie
0%
Estonie
0%
Estonie
0%
Estonie
0%
Estonie
0%
Estonie
0%
États Fédérés de Micronésie
0%
États Fédérés de Micronésie
0%
États Fédérés de Micronésie
0%
États Fédérés de Micronésie
0%
États Fédérés de Micronésie
0%
États Fédérés de Micronésie
0%
États Fédérés de Micronésie
0%
États Fédérés de Micronésie
0%
États Fédérés de Micronésie
0%
États Fédérés de Micronésie
0%
États Fédérés de Micronésie
0%
États Fédérés de Micronésie
0%
États Fédérés de Micronésie
0%
États Fédérés de Micronésie
0%
États Fédérés de Micronésie
0%
États Fédérés de Micronésie
0%
États Fédérés de Micronésie
0%
États Fédérés de Micronésie
0%
États Fédérés de Micronésie
0%
États Fédérés de Micronésie
0%
États Fédérés de Micronésie
0%
États Fédérés de Micronésie
0%
États Fédérés de Micronésie
0%
États Fédérés de Micronésie
0%
États-Unis
0%
États-Unis
0%
États-Unis
0%
États-Unis
0%
États-Unis
0%
États-Unis
0%
États-Unis
0%
États-Unis
0%
États-Unis
0%
États-Unis
0%
États-Unis
0%
États-Unis
0%
États-Unis
0%
États-Unis
0%
États-Unis
0%
États-Unis
0%
États-Unis
0%
Éthiopie
0%
Éthiopie
0%
Éthiopie
0%
Éthiopie
0%
Éthiopie
0%
Éthiopie
0%
Éthiopie
0%
Éthiopie
0%
Éthiopie
0%
Éthiopie
0%
Éthiopie
0%
Éthiopie
0%
Éthiopie
0%
Éthiopie
0%
Éthiopie
0%
Éthiopie
0%
Éthiopie
0%
Éthiopie
0%
Éthiopie
0%
Éthiopie
0%
Finlande
0%
Finlande
0%
Finlande
0%
Finlande
0%
Finlande
0%
Finlande
0%
Finlande
0%
Finlande
0%
Finlande
0%
Finlande
0%
Finlande
0%
Finlande
0%
Finlande
0%
Finlande
0%
Finlande
0%
Finlande
0%
Finlande
0%
Finlande
0%
Finlande
0%
Finlande
0%
France
0%
France
0%
France
0%
France
0%
France
0%
France
0%
France
0%
France
0%
France
0%
France
0%
France
0%
France
0%
France
0%
France
0%
France
0%
France
0%
France
0%
Gabon
0%
Gabon
0%
Gabon
0%
Gabon
0%
Gabon
0%
Gabon
0%
Gabon
0%
Gabon
0%
Gabon
0%
Gabon
0%
Gabon
0%
Gabon
0%
Gabon
0%
Gabon
0%
Gabon
0%
Gabon
0%
Gabon
0%
Gabon
0%
Gabon
0%
Gabon
0%
Gabon
0%
Gabon
0%
Gabon
0%
Gabon
0%
Gabon
0%
Gabon
0%
Gabon
0%
Gabon
0%
Gabon
0%
Gabon
0%
Gabon
0%
Gabon
0%
Gabon
0%
Gabon
0%
Gabon
0%
Gambie
0%
Gambie
0%
Gambie
0%
Gambie
0%
Gambie
0%
Gambie
0%
Gambie
0%
Gambie
0%
Gambie
0%
Gambie
0%
Gambie
0%
Gambie
0%
Gambie
0%
Gambie
0%
Gambie
0%
Gambie
0%
Gambie
0%
Gambie
0%
Gambie
0%
Gambie
0%
Gambie
0%
Gambie
0%
Gambie
0%
Gambie
0%
Gambie
0%
Gambie
0%
Gambie
0%
Gambie
0%
Gambie
0%
Gambie
0%
Gambie
0%
Gambie
0%
Gambie
0%
Gambie
0%
Gambie
0%
Gambie
0%
Gambie
0%
Gambie
0%
Gambie
0%
Géorgie
0%
Géorgie
0%
Géorgie
0%
Géorgie
0%
Géorgie
0%
Géorgie
0%
Géorgie
0%
Géorgie
0%
Géorgie
0%
Géorgie
0%
Géorgie
0%
Géorgie
0%
Géorgie
0%
Géorgie
0%
Géorgie
0%
Géorgie
0%
Ghana
0%
Ghana
0%
Ghana
0%
Ghana
0%
Ghana
0%
Ghana
0%
Ghana
0%
Ghana
0%
Ghana
0%
Ghana
0%
Ghana
0%
Ghana
0%
Ghana
0%
Ghana
0%
Ghana
0%
Ghana
0%
Ghana
0%
Ghana
0%
Ghana
0%
Ghana
0%
Ghana
0%
Ghana
0%
Ghana
0%
Ghana
0%
Ghana
0%
Ghana
0%
Ghana
0%
Ghana
0%
Ghana
0%
Ghana
0%
Grèce
0%
Grèce
0%
Grèce
0%
Grèce
0%
Grèce
0%
Grèce
0%
Grèce
0%
Grèce
0%
Grèce
0%
Grèce
0%
Grèce
0%
Grèce
0%
Grenade
0%
Grenade
0%
Grenade
0%
Grenade
0%
Grenade
0%
Grenade
0%
Grenade
0%
Grenade
0%
Grenade
0%
Grenade
0%
Grenade
0%
Grenade
0%
Grenade
0%
Grenade
0%
Grenade
0%
Grenade
0%
Grenade
0%
Grenade
0%
Grenade
0%
Grenade
0%
Grenade
0%
Grenade
0%
Grenade
0%
Grenade
0%
Grenade
0%
Grenade
0%
Grenade
0%
Guinée
0%
Guinée
0%
Guinée
0%
Guinée
0%
Guinée
0%
Guinée
0%
Guinée
0%
Guinée
0%
Guinée
0%
Guinée
0%
Guinée
0%
Guinée
0%
Guinée
0%
Guinée
0%
Guinée
0%
Guinée
0%
Guinée
0%
Guinée
0%
Guinée
0%
Guinée
0%
Guinée
0%
Guinée
0%
Guinée
0%
Guinée
0%
Guinée
0%
Guinée
0%
Guinée
0%
Guinée
0%
Guinée
0%
Guinée
0%
Guinée
0%
Guinée
0%
Guinée
0%
Guinée
0%
Guinée
0%
Guinée
0%
Guinée
0%
Guinée
0%
Guinée
0%
Guinée
0%
Honduras
0%
Honduras
0%
Honduras
0%
Honduras
0%
Honduras
0%
Honduras
0%
Honduras
0%
Honduras
0%
Honduras
0%
Honduras
0%
Honduras
0%
Honduras
0%
Honduras
0%
Honduras
0%
Honduras
0%
Hongrie
0%
Hongrie
0%
Hongrie
0%
Hongrie
0%
Hongrie
0%
Hongrie
0%
Hongrie
0%
Hongrie
0%
Hongrie
0%
Hongrie
0%
Hongrie
0%
Hongrie
0%
Hongrie
0%
Hongrie
0%
Îles Marshall
0%
Îles Marshall
0%
Îles Marshall
0%
Îles Marshall
0%
Îles Marshall
0%
Îles Marshall
0%
Îles Marshall
0%
Îles Marshall
0%
Îles Marshall
0%
Îles Marshall
0%
Îles Marshall
0%
Îles Marshall
0%
Îles Marshall
0%
Îles Marshall
0%
Îles Marshall
0%
Îles Marshall
0%
Îles Marshall
0%
Îles Marshall
0%
Îles Marshall
0%
Îles Marshall
0%
Îles Marshall
0%
Îles Marshall
0%
Îles Marshall
0%
Îles Marshall
0%
Îles Marshall
0%
Îles Marshall
0%
Îles Marshall
0%
Îles Marshall
0%
Îles Salomon
0%
Îles Salomon
0%
Îles Salomon
0%
Îles Salomon
0%
Îles Salomon
0%
Îles Salomon
0%
Îles Salomon
0%
Îles Salomon
0%
Îles Salomon
0%
Îles Salomon
0%
Îles Salomon
0%
Îles Salomon
0%
Îles Salomon
0%
Îles Salomon
0%
Îles Salomon
0%
Îles Salomon
0%
Îles Salomon
0%
Îles Salomon
0%
Îles Salomon
0%
Îles Salomon
0%
Îles Salomon
0%
Îles Salomon
0%
Îles Salomon
0%
Îles Salomon
0%
Îles Salomon
0%
Îles Salomon
0%
Îles Salomon
0%
Îles Salomon
0%
Îles Salomon
0%
Îles Salomon
0%
Îles Salomon
0%
Îles Salomon
0%
Îles Salomon
0%
Îles Salomon
0%
Îles Salomon
0%
Îles Salomon
0%
Îles Salomon
0%
Îles Salomon
0%
Îles Salomon
0%
Îles Salomon
0%
Îles Salomon
0%
Îles Salomon
0%
Îles Salomon
0%
Îles Salomon
0%
Îles Salomon
0%
Îles Salomon
0%
Indonésie
0%
Indonésie
0%
Indonésie
0%
Indonésie
0%
Indonésie
0%
Indonésie
0%
Indonésie
0%
Indonésie
0%
Indonésie
0%
Indonésie
0%
Indonésie
0%
Indonésie
0%
Indonésie
0%
Indonésie
0%
Indonésie
0%
Indonésie
0%
Indonésie
0%
Irak
0%
Irak
0%
Irak
0%
Irak
0%
Irak
0%
Irak
0%
Irak
0%
Irak
0%
Irak
0%
Irak
0%
Irak
0%
Irak
0%
Irak
0%
Irak
0%
Irak
0%
Irak
0%
Irak
0%
Irak
0%
Irak
0%
Irak
0%
Irak
0%
Irak
0%
Irak
0%
Irlande
0%
Irlande
0%
Irlande
0%
Irlande
0%
Irlande
0%
Irlande
0%
Irlande
0%
Irlande
0%
Irlande
0%
Irlande
0%
Irlande
0%
Irlande
0%
Irlande
0%
Irlande
0%
Irlande
0%
Irlande
0%
Irlande
0%
Irlande
0%
Irlande
0%
Irlande
0%
Islande
0%
Islande
0%
Islande
0%
Islande
0%
Islande
0%
Islande
0%
Islande
0%
Islande
0%
Islande
0%
Islande
0%
Islande
0%
Islande
0%
Islande
0%
Islande
0%
Islande
0%
Israël
0%
Israël
0%
Israël
0%
Israël
0%
Israël
0%
Israël
0%
Israël
0%
Israël
0%
Israël
0%
Israël
0%
Israël
0%
Italie
0%
Italie
0%
Italie
0%
Italie
0%
Italie
0%
Italie
0%
Italie
0%
Italie
0%
Italie
0%
Italie
0%
Italie
0%
Italie
0%
Jamaïque
0%
Jamaïque
0%
Jamaïque
0%
Jamaïque
0%
Jamaïque
0%
Jamaïque
0%
Jamaïque
0%
Jamaïque
0%
Jamaïque
0%
Jamaïque
0%
Jamaïque
0%
Jamaïque
0%
Japon
0%
Japon
0%
Japon
0%
Japon
0%
Japon
0%
Japon
0%
Japon
0%
Japon
0%
Japon
0%
Japon
0%
Japon
0%
Japon
0%
Jordanie
0%
Jordanie
0%
Jordanie
0%
Jordanie
0%
Jordanie
0%
Jordanie
0%
Jordanie
0%
Jordanie
0%
Jordanie
0%
Jordanie
0%
Jordanie
0%
Jordanie
0%
Jordanie
0%
Jordanie
0%
Jordanie
0%
Jordanie
0%
Jordanie
0%
Jordanie
0%
Jordanie
0%
Jordanie
0%
Jordanie
0%
Jordanie
0%
Jordanie
0%
Jordanie
0%
Jordanie
0%
Jordanie
0%
Jordanie
0%
Jordanie
0%
Jordanie
0%
Kenya
0%
Kenya
0%
Kenya
0%
Kenya
0%
Kenya
0%
Kenya
0%
Kenya
0%
Kenya
0%
Kenya
0%
Kenya
0%
Kenya
0%
Kenya
0%
Kirghizistan
0%
Kirghizistan
0%
Kirghizistan
0%
Kirghizistan
0%
Kirghizistan
0%
Kirghizistan
0%
Kirghizistan
0%
Kirghizistan
0%
Kirghizistan
0%
Kirghizistan
0%
Kirghizistan
0%
Kirghizistan
0%
Kirghizistan
0%
Kirghizistan
0%
Kirghizistan
0%
Kirghizistan
0%
Kirghizistan
0%
Kirghizistan
0%
Kirghizistan
0%
Kirghizistan
0%
Kirghizistan
0%
Kirghizistan
0%
Kirghizistan
0%
Kirghizistan
0%
Kirghizistan
0%
Kirghizistan
0%
Kirghizistan
0%
Kirghizistan
0%
Kirghizistan
0%
Kirghizistan
0%
Kosovo
0%
Kosovo
0%
Kosovo
0%
Kosovo
0%
Kosovo
0%
Kosovo
0%
Kosovo
0%
Kosovo
0%
Kosovo
0%
Kosovo
0%
Kosovo
0%
Kosovo
0%
Kosovo
0%
Koweït
0%
Koweït
0%
Koweït
0%
Koweït
0%
Koweït
0%
Koweït
0%
Koweït
0%
Koweït
0%
Koweït
0%
Koweït
0%
Koweït
0%
Koweït
0%
Koweït
0%
Koweït
0%
Koweït
0%
Koweït
0%
Koweït
0%
Koweït
0%
Koweït
0%
Koweït
0%
Koweït
0%
Koweït
0%
Koweït
0%
Koweït
0%
Koweït
0%
Koweït
0%
Koweït
0%
Koweït
0%
Koweït
0%
Koweït
0%
Koweït
0%
Koweït
0%
Koweït
0%
Koweït
0%
Koweït
0%
Koweït
0%
Koweït
0%
Koweït
0%
Koweït
0%
Koweït
0%
Koweït
0%
Koweït
0%
Koweït
0%
Koweït
0%
Koweït
0%
Laos
0%
Laos
0%
Laos
0%
Laos
0%
Laos
0%
Laos
0%
Laos
0%
Laos
0%
Laos
0%
Laos
0%
Laos
0%
Laos
0%
Laos
0%
Laos
0%
Laos
0%
Laos
0%
Laos
0%
Laos
0%
Laos
0%
Laos
0%
Laos
0%
Laos
0%
Laos
0%
Lesotho
0%
Lesotho
0%
Lesotho
0%
Lesotho
0%
Lesotho
0%
Lesotho
0%
Lesotho
0%
Lesotho
0%
Lesotho
0%
Lesotho
0%
Lesotho
0%
Lesotho
0%
Lesotho
0%
Lesotho
0%
Lesotho
0%
Lesotho
0%
Lesotho
0%
Lesotho
0%
Lesotho
0%
Lesotho
0%
Lesotho
0%
Lesotho
0%
Lettonie
0%
Lettonie
0%
Lettonie
0%
Lettonie
0%
Lettonie
0%
Lettonie
0%
Lettonie
0%
Lettonie
0%
Lettonie
0%
Lettonie
0%
Lettonie
0%
Lettonie
0%
Lettonie
0%
Lettonie
0%
Lettonie
0%
Lettonie
0%
Lettonie
0%
Lettonie
0%
Lettonie
0%
Lettonie
0%
Liban
0%
Liban
0%
Liban
0%
Liban
0%
Liban
0%
Liban
0%
Liban
0%
Liban
0%
Liban
0%
Liban
0%
Liban
0%
Liban
0%
Liban
0%
Liban
0%
Liban
0%
Liban
0%
Liban
0%
Liban
0%
Liberia
0%
Liberia
0%
Liberia
0%
Liberia
0%
Liberia
0%
Liberia
0%
Liberia
0%
Liberia
0%
Liberia
0%
Liberia
0%
Liberia
0%
Liberia
0%
Liberia
0%
Liberia
0%
Liberia
0%
Liberia
0%
Liberia
0%
Liberia
0%
Liberia
0%
Liberia
0%
Liberia
0%
Liberia
0%
Liberia
0%
Liberia
0%
Liberia
0%
Liberia
0%
Liberia
0%
Liberia
0%
Liberia
0%
Liberia
0%
Liberia
0%
Liberia
0%
Libye
0%
Libye
0%
Libye
0%
Libye
0%
Libye
0%
Libye
0%
Libye
0%
Libye
0%
Libye
0%
Libye
0%
Libye
0%
Libye
0%
Libye
0%
Libye
0%
Libye
0%
Libye
0%
Libye
0%
Libye
0%
Libye
0%
Libye
0%
Libye
0%
Libye
0%
Libye
0%
Libye
0%
Libye
0%
Libye
0%
Libye
0%
Libye
0%
Libye
0%
Libye
0%
Libye
0%
Libye
0%
Lituanie
0%
Lituanie
0%
Lituanie
0%
Lituanie
0%
Lituanie
0%
Lituanie
0%
Lituanie
0%
Lituanie
0%
Lituanie
0%
Lituanie
0%
Lituanie
0%
Lituanie
0%
Lituanie
0%
Lituanie
0%
Lituanie
0%
Lituanie
0%
Lituanie
0%
Lituanie
0%
Lituanie
0%
Lituanie
0%
Lituanie
0%
Lituanie
0%
Lituanie
0%
Lituanie
0%
Lituanie
0%
Lituanie
0%
Lituanie
0%
Lituanie
0%
Luxembourg
0%
Luxembourg
0%
Luxembourg
0%
Luxembourg
0%
Luxembourg
0%
Luxembourg
0%
Luxembourg
0%
Luxembourg
0%
Luxembourg
0%
Luxembourg
0%
Luxembourg
0%
Luxembourg
0%
Luxembourg
0%
Luxembourg
0%
Luxembourg
0%
Luxembourg
0%
Luxembourg
0%
Luxembourg
0%
Macédoine du Nord
0%
Macédoine du Nord
0%
Macédoine du Nord
0%
Macédoine du Nord
0%
Macédoine du Nord
0%
Macédoine du Nord
0%
Macédoine du Nord
0%
Macédoine du Nord
0%
Malaisie
0%
Malaisie
0%
Malaisie
0%
Malaisie
0%
Malaisie
0%
Malaisie
0%
Malaisie
0%
Malaisie
0%
Malaisie
0%
Malaisie
0%
Malaisie
0%
Malaisie
0%
Malaisie
0%
Malaisie
0%
Malawi
0%
Malawi
0%
Malawi
0%
Malawi
0%
Malawi
0%
Malawi
0%
Malawi
0%
Malawi
0%
Malawi
0%
Malawi
0%
Malawi
0%
Malawi
0%
Malawi
0%
Malawi
0%
Malawi
0%
Malawi
0%
Malawi
0%
Malawi
0%
Malawi
0%
Malawi
0%
Malawi
0%
Malawi
0%
Malawi
0%
Maldives
0%
Maldives
0%
Maldives
0%
Maldives
0%
Maldives
0%
Maldives
0%
Maldives
0%
Maldives
0%
Maldives
0%
Maldives
0%
Maldives
0%
Maldives
0%
Maldives
0%
Maldives
0%
Maldives
0%
Maldives
0%
Maldives
0%
Maldives
0%
Maldives
0%
Maldives
0%
Maldives
0%
Maldives
0%
Maldives
0%
Maldives
0%
Maldives
0%
Maldives
0%
Maldives
0%
Maldives
0%
Maldives
0%
Maldives
0%
Maldives
0%
Maldives
0%
Maldives
0%
Maldives
0%
Maldives
0%
Mali
0%
Mali
0%
Mali
0%
Mali
0%
Mali
0%
Mali
0%
Mali
0%
Mali
0%
Mali
0%
Mali
0%
Mali
0%
Mali
0%
Mali
0%
Mali
0%
Mali
0%
Mali
0%
Mali
0%
Mali
0%
Mali
0%
Mali
0%
Mali
0%
Mali
0%
Mali
0%
Mali
0%
Mali
0%
Mali
0%
Mali
0%
Mali
0%
Mali
0%
Mali
0%
Mali
0%
Mali
0%
Mali
0%
Maroc
0%
Maroc
0%
Maroc
0%
Maroc
0%
Maroc
0%
Maroc
0%
Maroc
0%
Maroc
0%
Maroc
0%
Maroc
0%
Maroc
0%
Maroc
0%
Maroc
0%
Maroc
0%
Maurice
0%
Maurice
0%
Maurice
0%
Maurice
0%
Maurice
0%
Maurice
0%
Maurice
0%
Maurice
0%
Maurice
0%
Maurice
0%
Maurice
0%
Maurice
0%
Maurice
0%
Maurice
0%
Maurice
0%
Maurice
0%
Maurice
0%
Maurice
0%
Maurice
0%
Maurice
0%
Maurice
0%
Maurice
0%
Maurice
0%
Maurice
0%
Maurice
0%
Maurice
0%
Maurice
0%
Maurice
0%
Maurice
0%
Maurice
0%
Maurice
0%
Maurice
0%
Maurice
0%
Maurice
0%
Maurice
0%
Maurice
0%
Maurice
0%
Maurice
0%
Maurice
0%
Maurice
0%
Maurice
0%
Maurice
0%
Maurice
0%
Maurice
0%
Maurice
0%
Maurice
0%
Maurice
0%
Maurice
0%
Maurice
0%
Maurice
0%
Mauritanie
0%
Mauritanie
0%
Mauritanie
0%
Mauritanie
0%
Mauritanie
0%
Mauritanie
0%
Mauritanie
0%
Mauritanie
0%
Mauritanie
0%
Mauritanie
0%
Mauritanie
0%
Mauritanie
0%
Mauritanie
0%
Mauritanie
0%
Mauritanie
0%
Mauritanie
0%
Mauritanie
0%
Mauritanie
0%
Mauritanie
0%
Mauritanie
0%
Mauritanie
0%
Mauritanie
0%
Mauritanie
0%
Mauritanie
0%
Mauritanie
0%
Mauritanie
0%
Mauritanie
0%
Monaco
0%
Monaco
0%
Monaco
0%
Monaco
0%
Monaco
0%
Monaco
0%
Monaco
0%
Monaco
0%
Monaco
0%
Monaco
0%
Monaco
0%
Monaco
0%
Monaco
0%
Monaco
0%
Monaco
0%
Monaco
0%
Monaco
0%
Monaco
0%
Monaco
0%
Namibie
0%
Namibie
0%
Namibie
0%
Namibie
0%
Namibie
0%
Namibie
0%
Namibie
0%
Namibie
0%
Namibie
0%
Namibie
0%
Namibie
0%
Namibie
0%
Namibie
0%
Namibie
0%
Namibie
0%
Namibie
0%
Namibie
0%
Namibie
0%
Namibie
0%
Namibie
0%
Namibie
0%
Namibie
0%
Namibie
0%
Namibie
0%
Namibie
0%
Namibie
0%
Namibie
0%
Namibie
0%
Namibie
0%
Namibie
0%
Namibie
0%
Namibie
0%
Namibie
0%
Nauru
0%
Nauru
0%
Nauru
0%
Nauru
0%
Nauru
0%
Nauru
0%
Nauru
0%
Nauru
0%
Nauru
0%
Nauru
0%
Nauru
0%
Nauru
0%
Nauru
0%
Nauru
0%
Nauru
0%
Nauru
0%
Nauru
0%
Nauru
0%
Nauru
0%
Nauru
0%
Nauru
0%
Nauru
0%
Nauru
0%
Nauru
0%
Nauru
0%
Nauru
0%
Nauru
0%
Nauru
0%
Nauru
0%
Nauru
0%
Nauru
0%
Nauru
0%
Nauru
0%
Nauru
0%
Nauru
0%
Nauru
0%
Nauru
0%
Nauru
0%
Nauru
0%
Nauru
0%
Nauru
0%
Nauru
0%
Nauru
0%
Niger
0%
Niger
0%
Niger
0%
Niger
0%
Niger
0%
Niger
0%
Niger
0%
Niger
0%
Niger
0%
Niger
0%
Niger
0%
Niger
0%
Niger
0%
Niger
0%
Niger
0%
Niger
0%
Niger
0%
Niger
0%
Niger
0%
Niger
0%
Niger
0%
Niger
0%
Niger
0%
Niger
0%
Niger
0%
Niger
0%
Niger
0%
Niger
0%
Niger
0%
Niger
0%
Niger
0%
Nigeria
0%
Nigeria
0%
Nigeria
0%
Nigeria
0%
Nigeria
0%
Nigeria
0%
Nigeria
0%
Nigeria
0%
Nigeria
0%
Nigeria
0%
Nigeria
0%
Nigeria
0%
Nigeria
0%
Nigeria
0%
Norvège
0%
Norvège
0%
Norvège
0%
Norvège
0%
Norvège
0%
Norvège
0%
Norvège
0%
Norvège
0%
Norvège
0%
Norvège
0%
Norvège
0%
Norvège
0%
Norvège
0%
Norvège
0%
Norvège
0%
Norvège
0%
Norvège
0%
Norvège
0%
Norvège
0%
Norvège
0%
Norvège
0%
Norvège
0%
Norvège
0%
Ouzbékistan
0%
Ouzbékistan
0%
Ouzbékistan
0%
Ouzbékistan
0%
Ouzbékistan
0%
Ouzbékistan
0%
Ouzbékistan
0%
Ouzbékistan
0%
Ouzbékistan
0%
Ouzbékistan
0%
Ouzbékistan
0%
Ouzbékistan
0%
Ouzbékistan
0%
Ouzbékistan
0%
Ouzbékistan
0%
Ouzbékistan
0%
Ouzbékistan
0%
Ouzbékistan
0%
Ouzbékistan
0%
Ouzbékistan
0%
Ouzbékistan
0%
Ouzbékistan
0%
Ouzbékistan
0%
Pakistan
0%
Pakistan
0%
Pakistan
0%
Pakistan
0%
Pakistan
0%
Pakistan
0%
Palaos
0%
Palaos
0%
Palaos
0%
Palaos
0%
Palaos
0%
Palaos
0%
Palaos
0%
Palaos
0%
Palaos
0%
Palaos
0%
Palaos
0%
Palaos
0%
Palaos
0%
Palaos
0%
Palaos
0%
Palaos
0%
Palaos
0%
Palaos
0%
Palaos
0%
Palaos
0%
Palaos
0%
Palaos
0%
Palaos
0%
Panama
0%
Panama
0%
Panama
0%
Panama
0%
Panama
0%
Panama
0%
Panama
0%
Panama
0%
Panama
0%
Panama
0%
Panama
0%
Panama
0%
Panama
0%
Panama
0%
Panama
0%
Panama
0%
Panama
0%
Panama
0%
Panama
0%
Panama
0%
Papouasie-Nouvelle-Guinée
0%
Papouasie-Nouvelle-Guinée
0%
Papouasie-Nouvelle-Guinée
0%
Papouasie-Nouvelle-Guinée
0%
Papouasie-Nouvelle-Guinée
0%
Papouasie-Nouvelle-Guinée
0%
Papouasie-Nouvelle-Guinée
0%
Papouasie-Nouvelle-Guinée
0%
Papouasie-Nouvelle-Guinée
0%
Papouasie-Nouvelle-Guinée
0%
Papouasie-Nouvelle-Guinée
0%
Papouasie-Nouvelle-Guinée
0%
Papouasie-Nouvelle-Guinée
0%
Papouasie-Nouvelle-Guinée
0%
Papouasie-Nouvelle-Guinée
0%
Papouasie-Nouvelle-Guinée
0%
Papouasie-Nouvelle-Guinée
0%
Papouasie-Nouvelle-Guinée
0%
Papouasie-Nouvelle-Guinée
0%
Papouasie-Nouvelle-Guinée
0%
Papouasie-Nouvelle-Guinée
0%
Papouasie-Nouvelle-Guinée
0%
Papouasie-Nouvelle-Guinée
0%
Papouasie-Nouvelle-Guinée
0%
Papouasie-Nouvelle-Guinée
0%
Pays-Bas
0%
Pays-Bas
0%
Pays-Bas
0%
Pays-Bas
0%
Pays-Bas
0%
Pays-Bas
0%
Pays-Bas
0%
Pays-Bas
0%
Pays-Bas
0%
Pays-Bas
0%
Pays-Bas
0%
Pays-Bas
0%
Pays-Bas
0%
Pays-Bas
0%
Pays-Bas
0%
Pays-Bas
0%
Pays-Bas
0%
Pays-Bas
0%
Pays-Bas
0%
Pays-Bas
0%
Pays-Bas
0%
Pays-Bas
0%
Pays-Bas
0%
Pérou
0%
Pérou
0%
Pérou
0%
Pérou
0%
Pérou
0%
Pérou
0%
Pérou
0%
Pérou
0%
Pérou
0%
Pérou
0%
Pérou
0%
Philippines
0%
Philippines
0%
Philippines
0%
Philippines
0%
Philippines
0%
Philippines
0%
Philippines
0%
Philippines
0%
Philippines
0%
Philippines
0%
Philippines
0%
Philippines
0%
Philippines
0%
Philippines
0%
Philippines
0%
Philippines
0%
Philippines
0%
Philippines
0%
Philippines
0%
Philippines
0%
Philippines
0%
Philippines
0%
Philippines
0%
Pologne
0%
Pologne
0%
Pologne
0%
Pologne
0%
Pologne
0%
Pologne
0%
Pologne
0%
Pologne
0%
Pologne
0%
Pologne
0%
Pologne
0%
Pologne
0%
Pologne
0%
Pologne
0%
Pologne
0%
Pologne
0%
Pologne
0%
Pologne
0%
Pologne
0%
Pologne
0%
Pologne
0%
Pologne
0%
Qatar
0%
Qatar
0%
Qatar
0%
Qatar
0%
Qatar
0%
Qatar
0%
Qatar
0%
Qatar
0%
Qatar
0%
Qatar
0%
Qatar
0%
Qatar
0%
Qatar
0%
Qatar
0%
Qatar
0%
Qatar
0%
Qatar
0%
Qatar
0%
Qatar
0%
Qatar
0%
Qatar
0%
Qatar
0%
Qatar
0%
Qatar
0%
Qatar
0%
Qatar
0%
Qatar
0%
Qatar
0%
République Centrafricaine
0%
République Centrafricaine
0%
République Centrafricaine
0%
République Centrafricaine
0%
République Centrafricaine
0%
République Centrafricaine
0%
République Centrafricaine
0%
République Centrafricaine
0%
République Centrafricaine
0%
République Centrafricaine
0%
République Centrafricaine
0%
République Centrafricaine
0%
République Centrafricaine
0%
République Centrafricaine
0%
République Centrafricaine
0%
République Centrafricaine
0%
République Centrafricaine
0%
République Centrafricaine
0%
République Centrafricaine
0%
République Centrafricaine
0%
République Centrafricaine
0%
République Centrafricaine
0%
République Centrafricaine
0%
République Centrafricaine
0%
République Centrafricaine
0%
République Centrafricaine
0%
République Centrafricaine
0%
République Centrafricaine
0%
République Centrafricaine
0%
République Centrafricaine
0%
République Centrafricaine
0%
République Centrafricaine
0%
République Démocratique du Congo
0%
République Démocratique du Congo
0%
République Démocratique du Congo
0%
République Démocratique du Congo
0%
République Démocratique du Congo
0%
République Démocratique du Congo
0%
République Démocratique du Congo
0%
République Démocratique du Congo
0%
République Démocratique du Congo
0%
République Démocratique du Congo
0%
République Démocratique du Congo
0%
République Démocratique du Congo
0%
République Démocratique du Congo
0%
République Démocratique du Congo
0%
République Démocratique du Congo
0%
République Démocratique du Congo
0%
République Démocratique du Congo
0%
République Démocratique du Congo
0%
République Démocratique du Congo
0%
République Démocratique du Congo
0%
République du Congo
0%
République du Congo
0%
République du Congo
0%
République du Congo
0%
République du Congo
0%
République du Congo
0%
République du Congo
0%
République du Congo
0%
République du Congo
0%
République du Congo
0%
République du Congo
0%
République du Congo
0%
République du Congo
0%
République du Congo
0%
République du Congo
0%
République du Congo
0%
République du Congo
0%
République du Congo
0%
République du Congo
0%
République du Congo
0%
République du Congo
0%
République du Congo
0%
République du Congo
0%
République du Congo
0%
République du Congo
0%
République du Congo
0%
République du Congo
0%
République du Congo
0%
République Tchèque
0%
République Tchèque
0%
République Tchèque
0%
République Tchèque
0%
République Tchèque
0%
République Tchèque
0%
République Tchèque
0%
République Tchèque
0%
République Tchèque
0%
République Tchèque
0%
Royaume-Uni
0%
Royaume-Uni
0%
Royaume-Uni
0%
Royaume-Uni
0%
Royaume-Uni
0%
Royaume-Uni
0%
Royaume-Uni
0%
Royaume-Uni
0%
Royaume-Uni
0%
Royaume-Uni
0%
Royaume-Uni
0%
Royaume-Uni
0%
Royaume-Uni
0%
Royaume-Uni
0%
Royaume-Uni
0%
Royaume-Uni
0%
Royaume-Uni
0%
Royaume-Uni
0%
Royaume-Uni
0%
Royaume-Uni
0%
Russie
0%
Russie
0%
Russie
0%
Russie
0%
Russie
0%
Russie
0%
Russie
0%
Russie
0%
Russie
0%
Russie
0%
Russie
0%
Russie
0%
Russie
0%
Russie
0%
Russie
0%
Russie
0%
Russie
0%
Russie
0%
Russie
0%
Russie
0%
Russie
0%
Rwanda
0%
Rwanda
0%
Rwanda
0%
Rwanda
0%
Rwanda
0%
Rwanda
0%
Rwanda
0%
Rwanda
0%
Rwanda
0%
Rwanda
0%
Rwanda
0%
Rwanda
0%
Rwanda
0%
Rwanda
0%
Rwanda
0%
Rwanda
0%
Rwanda
0%
Rwanda
0%
Rwanda
0%
Rwanda
0%
Rwanda
0%
Rwanda
0%
Rwanda
0%
Rwanda
0%
Rwanda
0%
Rwanda
0%
Rwanda
0%
Rwanda
0%
Rwanda
0%
Rwanda
0%
Saint-Christophe- et-Niévès
0%
Saint-Christophe- et-Niévès
0%
Saint-Christophe- et-Niévès
0%
Saint-Christophe- et-Niévès
0%
Saint-Christophe- et-Niévès
0%
Saint-Christophe- et-Niévès
0%
Saint-Christophe- et-Niévès
0%
Saint-Christophe- et-Niévès
0%
Saint-Christophe- et-Niévès
0%
Saint-Christophe- et-Niévès
0%
Saint-Christophe- et-Niévès
0%
Saint-Christophe- et-Niévès
0%
Saint-Christophe- et-Niévès
0%
Saint-Christophe- et-Niévès
0%
Saint-Christophe- et-Niévès
0%
Saint-Christophe- et-Niévès
0%
Saint-Christophe- et-Niévès
0%
Saint-Christophe- et-Niévès
0%
Saint-Christophe- et-Niévès
0%
Saint-Christophe- et-Niévès
0%
Saint-Christophe- et-Niévès
0%
Saint-Christophe- et-Niévès
0%
Saint-Christophe- et-Niévès
0%
Saint-Christophe- et-Niévès
0%
Saint-Christophe- et-Niévès
0%
Saint-Christophe- et-Niévès
0%
Saint-Christophe- et-Niévès
0%
Saint-Christophe- et-Niévès
0%
Saint-Christophe- et-Niévès
0%
Saint-Christophe- et-Niévès
0%
Saint-Christophe- et-Niévès
0%
Saint-Christophe- et-Niévès
0%
Saint-Christophe- et-Niévès
0%
Saint-Christophe- et-Niévès
0%
Saint-Christophe- et-Niévès
0%
Saint-Christophe- et-Niévès
0%
Saint-Christophe- et-Niévès
0%
Saint-Christophe- et-Niévès
0%
Saint-Christophe- et-Niévès
0%
Saint-Christophe- et-Niévès
0%
Saint-Christophe- et-Niévès
0%
Sainte-Lucie
0%
Sainte-Lucie
0%
Sainte-Lucie
0%
Sainte-Lucie
0%
Sainte-Lucie
0%
Sainte-Lucie
0%
Sainte-Lucie
0%
Sainte-Lucie
0%
Sainte-Lucie
0%
Sainte-Lucie
0%
Sainte-Lucie
0%
Sainte-Lucie
0%
Sainte-Lucie
0%
Sainte-Lucie
0%
Sainte-Lucie
0%
Sainte-Lucie
0%
Sainte-Lucie
0%
Sainte-Lucie
0%
Sainte-Lucie
0%
Sainte-Lucie
0%
Sainte-Lucie
0%
Sainte-Lucie
0%
Sainte-Lucie
0%
Sainte-Lucie
0%
Sainte-Lucie
0%
Saint-Vincent-et-les-Grenadines
0%
Saint-Vincent-et-les-Grenadines
0%
Saint-Vincent-et-les-Grenadines
0%
Saint-Vincent-et-les-Grenadines
0%
Saint-Vincent-et-les-Grenadines
0%
Saint-Vincent-et-les-Grenadines
0%
Saint-Vincent-et-les-Grenadines
0%
Saint-Vincent-et-les-Grenadines
0%
Saint-Vincent-et-les-Grenadines
0%
Saint-Vincent-et-les-Grenadines
0%
Saint-Vincent-et-les-Grenadines
0%
Saint-Vincent-et-les-Grenadines
0%
Saint-Vincent-et-les-Grenadines
0%
Saint-Vincent-et-les-Grenadines
0%
Saint-Vincent-et-les-Grenadines
0%
Saint-Vincent-et-les-Grenadines
0%
Saint-Vincent-et-les-Grenadines
0%
Saint-Vincent-et-les-Grenadines
0%
Saint-Vincent-et-les-Grenadines
0%
Saint-Vincent-et-les-Grenadines
0%
Saint-Vincent-et-les-Grenadines
0%
Saint-Vincent-et-les-Grenadines
0%
Saint-Vincent-et-les-Grenadines
0%
Saint-Vincent-et-les-Grenadines
0%
Saint-Vincent-et-les-Grenadines
0%
Saint-Vincent-et-les-Grenadines
0%
Saint-Vincent-et-les-Grenadines
0%
Saint-Vincent-et-les-Grenadines
0%
Saint-Vincent-et-les-Grenadines
0%
Saint-Vincent-et-les-Grenadines
0%
Saint-Vincent-et-les-Grenadines
0%
Saint-Vincent-et-les-Grenadines
0%
Saint-Vincent-et-les-Grenadines
0%
Saint-Vincent-et-les-Grenadines
0%
Saint-Vincent-et-les-Grenadines
0%
Saint-Vincent-et-les-Grenadines
0%
Samoa
0%
Samoa
0%
Samoa
0%
Samoa
0%
Samoa
0%
Samoa
0%
Samoa
0%
Samoa
0%
Samoa
0%
Samoa
0%
Samoa
0%
Samoa
0%
Samoa
0%
Samoa
0%
Samoa
0%
Samoa
0%
Samoa
0%
Samoa
0%
Samoa
0%
Samoa
0%
Samoa
0%
Samoa
0%
Samoa
0%
Samoa
0%
Samoa
0%
Samoa
0%
Samoa
0%
Samoa
0%
Samoa
0%
Samoa
0%
Samoa
0%
Samoa
0%
Samoa
0%
Samoa
0%
Samoa
0%
Sénégal
0%
Sénégal
0%
Sénégal
0%
Sénégal
0%
Sénégal
0%
Sénégal
0%
Sénégal
0%
Sénégal
0%
Sénégal
0%
Sénégal
0%
Sénégal
0%
Sénégal
0%
Sénégal
0%
Sénégal
0%
Sénégal
0%
Sénégal
0%
Sénégal
0%
Sénégal
0%
Sénégal
0%
Sénégal
0%
Seychelles
0%
Seychelles
0%
Seychelles
0%
Seychelles
0%
Seychelles
0%
Seychelles
0%
Seychelles
0%
Seychelles
0%
Seychelles
0%
Seychelles
0%
Seychelles
0%
Seychelles
0%
Seychelles
0%
Seychelles
0%
Seychelles
0%
Seychelles
0%
Seychelles
0%
Seychelles
0%
Seychelles
0%
Seychelles
0%
Seychelles
0%
Seychelles
0%
Seychelles
0%
Seychelles
0%
Seychelles
0%
Seychelles
0%
Sierra Leone
0%
Sierra Leone
0%
Sierra Leone
0%
Sierra Leone
0%
Sierra Leone
0%
Sierra Leone
0%
Sierra Leone
0%
Sierra Leone
0%
Sierra Leone
0%
Sierra Leone
0%
Sierra Leone
0%
Sierra Leone
0%
Sierra Leone
0%
Sierra Leone
0%
Sierra Leone
0%
Sierra Leone
0%
Sierra Leone
0%
Sierra Leone
0%
Sierra Leone
0%
Sierra Leone
0%
Sierra Leone
0%
Sierra Leone
0%
Sierra Leone
0%
Sierra Leone
0%
Sierra Leone
0%
Sierra Leone
0%
Sierra Leone
0%
Sierra Leone
0%
Sierra Leone
0%
Sierra Leone
0%
Sierra Leone
0%
Sierra Leone
0%
Sierra Leone
0%
Sierra Leone
0%
Sierra Leone
0%
Sierra Leone
0%
Sierra Leone
0%
Sierra Leone
0%
Sierra Leone
0%
Sierra Leone
0%
Sierra Leone
0%
Sierra Leone
0%
Singapour
0%
Singapour
0%
Singapour
0%
Singapour
0%
Singapour
0%
Singapour
0%
Singapour
0%
Singapour
0%
Singapour
0%
Singapour
0%
Singapour
0%
Singapour
0%
Singapour
0%
Slovaquie
0%
Slovaquie
0%
Slovaquie
0%
Slovaquie
0%
Slovaquie
0%
Slovaquie
0%
Slovaquie
0%
Slovaquie
0%
Slovaquie
0%
Slovaquie
0%
Slovaquie
0%
Slovaquie
0%
Slovaquie
0%
Slovaquie
0%
Slovaquie
0%
Slovaquie
0%
Slovaquie
0%
Slovaquie
0%
Slovénie
0%
Slovénie
0%
Slovénie
0%
Slovénie
0%
Slovénie
0%
Slovénie
0%
Slovénie
0%
Slovénie
0%
Slovénie
0%
Slovénie
0%
Slovénie
0%
Slovénie
0%
Slovénie
0%
Slovénie
0%
Slovénie
0%
Slovénie
0%
Slovénie
0%
Slovénie
0%
Slovénie
0%
Slovénie
0%
Slovénie
0%
Somalie
0%
Somalie
0%
Somalie
0%
Somalie
0%
Somalie
0%
Somalie
0%
Somalie
0%
Somalie
0%
Somalie
0%
Somalie
0%
Somalie
0%
Somalie
0%
Somalie
0%
Somalie
0%
Somalie
0%
Somalie
0%
Somalie
0%
Somalie
0%
Somalie
0%
Somalie
0%
Somalie
0%
Somalie
0%
Somalie
0%
Somalie
0%
Somalie
0%
Somalie
0%
Soudan
0%
Soudan
0%
Soudan
0%
Soudan
0%
Soudan
0%
Soudan
0%
Soudan
0%
Soudan
0%
Soudan
0%
Soudan
0%
Soudan
0%
Soudan
0%
Soudan
0%
Soudan
0%
Soudan
0%
Soudan
0%
Soudan
0%
Soudan
0%
Soudan
0%
Soudan
0%
Soudan
0%
Soudan
0%
Soudan
0%
Soudan
0%
Soudan
0%
Soudan
0%
Soudan
0%
Soudan
0%
Soudan
0%
Soudan
0%
Soudan
0%
Soudan
0%
Soudan
0%
Soudan
0%
Soudan
0%
Soudan
0%
Soudan
0%
Soudan
0%
Soudan
0%
Soudan
0%
Soudan
0%
Soudan
0%
Soudan
0%
Soudan
0%
Soudan
0%
Soudan
0%
Soudan
0%
Soudan du Sud
0%
Soudan du Sud
0%
Soudan du Sud
0%
Soudan du Sud
0%
Soudan du Sud
0%
Soudan du Sud
0%
Soudan du Sud
0%
Soudan du Sud
0%
Soudan du Sud
0%
Soudan du Sud
0%
Soudan du Sud
0%
Soudan du Sud
0%
Soudan du Sud
0%
Soudan du Sud
0%
Soudan du Sud
0%
Soudan du Sud
0%
Soudan du Sud
0%
Soudan du Sud
0%
Soudan du Sud
0%
Soudan du Sud
0%
Soudan du Sud
0%
Soudan du Sud
0%
Soudan du Sud
0%
Soudan du Sud
0%
Soudan du Sud
0%
Soudan du Sud
0%
Soudan du Sud
0%
Soudan du Sud
0%
Soudan du Sud
0%
Soudan du Sud
0%
Soudan du Sud
0%
Soudan du Sud
0%
Soudan du Sud
0%
Soudan du Sud
0%
Suède
0%
Suède
0%
Suède
0%
Suède
0%
Suède
0%
Suède
0%
Suède
0%
Suède
0%
Suède
0%
Suède
0%
Suède
0%
Suède
0%
Suède
0%
Suède
0%
Suède
0%
Suède
0%
Suède
0%
Suède
0%
Suède
0%
Suède
0%
Suède
0%
Suède
0%
Suisse
0%
Suisse
0%
Suisse
0%
Suisse
0%
Suisse
0%
Suisse
0%
Suisse
0%
Suisse
0%
Suisse
0%
Suisse
0%
Suisse
0%
Suisse
0%
Suisse
0%
Suriname
0%
Suriname
0%
Suriname
0%
Suriname
0%
Suriname
0%
Suriname
0%
Suriname
0%
Suriname
0%
Suriname
0%
Suriname
0%
Suriname
0%
Suriname
0%
Suriname
0%
Suriname
0%
Suriname
0%
Suriname
0%
Suriname
0%
Suriname
0%
Suriname
0%
Suriname
0%
Suriname
0%
Suriname
0%
Suriname
0%
Suriname
0%
Suriname
0%
Suriname
0%
Suriname
0%
Syrie
0%
Syrie
0%
Syrie
0%
Syrie
0%
Syrie
0%
Syrie
0%
Syrie
0%
Syrie
0%
Syrie
0%
Syrie
0%
Syrie
0%
Syrie
0%
Syrie
0%
Syrie
0%
Syrie
0%
Syrie
0%
Syrie
0%
Syrie
0%
Syrie
0%
Syrie
0%
Tadjikistan
0%
Tadjikistan
0%
Tadjikistan
0%
Tadjikistan
0%
Tadjikistan
0%
Tadjikistan
0%
Tadjikistan
0%
Tadjikistan
0%
Tadjikistan
0%
Tadjikistan
0%
Tadjikistan
0%
Tadjikistan
0%
Tadjikistan
0%
Tadjikistan
0%
Tadjikistan
0%
Tadjikistan
0%
Tadjikistan
0%
Tadjikistan
0%
Tadjikistan
0%
Tadjikistan
0%
Tadjikistan
0%
Tadjikistan
0%
Tadjikistan
0%
Tadjikistan
0%
Tadjikistan
0%
Tadjikistan
0%
Tadjikistan
0%
Tadjikistan
0%
Tadjikistan
0%
Tadjikistan
0%
Tadjikistan
0%
Tadjikistan
0%
Tadjikistan
0%
Tadjikistan
0%
Tadjikistan
0%
Tadjikistan
0%
Tadjikistan
0%
Taïwan
0%
Taïwan
0%
Taïwan
0%
Taïwan
0%
Taïwan
0%
Taïwan
0%
Taïwan
0%
Taïwan
0%
Taïwan
0%
Taïwan
0%
Taïwan
0%
Taïwan
0%
Taïwan
0%
Taïwan
0%
Taïwan
0%
Taïwan
0%
Taïwan
0%
Taïwan
0%
Taïwan
0%
Tanzanie
0%
Tanzanie
0%
Tanzanie
0%
Tanzanie
0%
Tanzanie
0%
Tanzanie
0%
Tanzanie
0%
Tanzanie
0%
Tanzanie
0%
Tanzanie
0%
Tanzanie
0%
Tanzanie
0%
Tanzanie
0%
Tanzanie
0%
Tanzanie
0%
Tanzanie
0%
Tanzanie
0%
Tanzanie
0%
Tanzanie
0%
Tanzanie
0%
Tanzanie
0%
Tanzanie
0%
Tanzanie
0%
Tanzanie
0%
Tanzanie
0%
Tanzanie
0%
Tanzanie
0%
Tanzanie
0%
Tanzanie
0%
Thaïlande
0%
Thaïlande
0%
Thaïlande
0%
Thaïlande
0%
Thaïlande
0%
Thaïlande
0%
Thaïlande
0%
Thaïlande
0%
Thaïlande
0%
Thaïlande
0%
Thaïlande
0%
Thaïlande
0%
Thaïlande
0%
Thaïlande
0%
Thaïlande
0%
Thaïlande
0%
Thaïlande
0%
Thaïlande
0%
Thaïlande
0%
Thaïlande
0%
Thaïlande
0%
Thaïlande
0%
Timor Oriental
0%
Timor Oriental
0%
Timor Oriental
0%
Timor Oriental
0%
Timor Oriental
0%
Timor Oriental
0%
Timor Oriental
0%
Timor Oriental
0%
Timor Oriental
0%
Timor Oriental
0%
Timor Oriental
0%
Timor Oriental
0%
Timor Oriental
0%
Timor Oriental
0%
Timor Oriental
0%
Timor Oriental
0%
Timor Oriental
0%
Timor Oriental
0%
Timor Oriental
0%
Timor Oriental
0%
Timor Oriental
0%
Timor Oriental
0%
Timor Oriental
0%
Timor Oriental
0%
Timor Oriental
0%
Timor Oriental
0%
Timor Oriental
0%
Timor Oriental
0%
Timor Oriental
0%
Timor Oriental
0%
Timor Oriental
0%
Timor Oriental
0%
Timor Oriental
0%
Timor Oriental
0%
Timor Oriental
0%
Timor Oriental
0%
Timor Oriental
0%
Timor Oriental
0%
Timor Oriental
0%
Timor Oriental
0%
Timor Oriental
0%
Timor Oriental
0%
Timor Oriental
0%
Timor Oriental
0%
Timor Oriental
0%
Timor Oriental
0%
Timor Oriental
0%
Timor Oriental
0%
Togo
0%
Togo
0%
Togo
0%
Togo
0%
Togo
0%
Togo
0%
Togo
0%
Togo
0%
Togo
0%
Togo
0%
Togo
0%
Togo
0%
Togo
0%
Togo
0%
Togo
0%
Togo
0%
Togo
0%
Togo
0%
Togo
0%
Togo
0%
Togo
0%
Togo
0%
Togo
0%
Togo
0%
Togo
0%
Togo
0%
Togo
0%
Togo
0%
Togo
0%
Togo
0%
Togo
0%
Togo
0%
Tonga
0%
Tonga
0%
Tonga
0%
Tonga
0%
Tonga
0%
Tonga
0%
Tonga
0%
Tonga
0%
Tonga
0%
Tonga
0%
Tonga
0%
Tonga
0%
Tonga
0%
Tonga
0%
Tonga
0%
Tonga
0%
Tonga
0%
Tonga
0%
Tonga
0%
Tonga
0%
Tonga
0%
Tonga
0%
Tonga
0%
Tonga
0%
Tonga
0%
Tonga
0%
Tonga
0%
Tonga
0%
Tonga
0%
Tonga
0%
Tonga
0%
Tonga
0%
Tonga
0%
Tonga
0%
Tonga
0%
Trinité-et-Tobago
0%
Trinité-et-Tobago
0%
Trinité-et-Tobago
0%
Trinité-et-Tobago
0%
Trinité-et-Tobago
0%
Trinité-et-Tobago
0%
Trinité-et-Tobago
0%
Trinité-et-Tobago
0%
Trinité-et-Tobago
0%
Trinité-et-Tobago
0%
Trinité-et-Tobago
0%
Trinité-et-Tobago
0%
Trinité-et-Tobago
0%
Trinité-et-Tobago
0%
Trinité-et-Tobago
0%
Trinité-et-Tobago
0%
Trinité-et-Tobago
0%
Trinité-et-Tobago
0%
Trinité-et-Tobago
0%
Trinité-et-Tobago
0%
Trinité-et-Tobago
0%
Trinité-et-Tobago
0%
Trinité-et-Tobago
0%
Trinité-et-Tobago
0%
Trinité-et-Tobago
0%
Trinité-et-Tobago
0%
Trinité-et-Tobago
0%
Trinité-et-Tobago
0%
Trinité-et-Tobago
0%
Trinité-et-Tobago
0%
Trinité-et-Tobago
0%
Trinité-et-Tobago
0%
Trinité-et-Tobago
0%
Trinité-et-Tobago
0%
Tunisie
0%
Tunisie
0%
Tunisie
0%
Tunisie
0%
Tunisie
0%
Tunisie
0%
Tunisie
0%
Tunisie
0%
Tunisie
0%
Tunisie
0%
Tunisie
0%
Tunisie
0%
Tunisie
0%
Tunisie
0%
Tunisie
0%
Tunisie
0%
Tunisie
0%
Turquie
0%
Turquie
0%
Turquie
0%
Turquie
0%
Turquie
0%
Turquie
0%
Turquie
0%
Turquie
0%
Turquie
0%
Turquie
0%
Turquie
0%
Turquie
0%
Turquie
0%
Turquie
0%
Turquie
0%
Turquie
0%
Turquie
0%
Turquie
0%
Turquie
0%
Turquie
0%
Turquie
0%
Turquie
0%
Turquie
0%
Ukraine
0%
Ukraine
0%
Ukraine
0%
Ukraine
0%
Ukraine
0%
Ukraine
0%
Ukraine
0%
Ukraine
0%
Ukraine
0%
Ukraine
0%
Ukraine
0%
Ukraine
0%
Ukraine
0%
Ukraine
0%
Ukraine
0%
Ukraine
0%
Ukraine
0%
Ukraine
0%
Venezuela
0%
Venezuela
0%
Venezuela
0%
Venezuela
0%
Venezuela
0%
Venezuela
0%
Venezuela
0%
Venezuela
0%
Venezuela
0%
Venezuela
0%
Venezuela
0%
Venezuela
0%
Venezuela
0%
Venezuela
0%
Venezuela
0%
Venezuela
0%
Venezuela
0%
Venezuela
0%
Venezuela
0%
Viêt Nam
0%
Viêt Nam
0%
Viêt Nam
0%
Viêt Nam
0%
Viêt Nam
0%
Viêt Nam
0%
Viêt Nam
0%
Viêt Nam
0%
Viêt Nam
0%
Viêt Nam
0%
Viêt Nam
0%
Yémen
0%
Yémen
0%
Yémen
0%
Yémen
0%
Yémen
0%
Yémen
0%
Yémen
0%
Yémen
0%
Yémen
0%
Yémen
0%
Yémen
0%
Yémen
0%
Yémen
0%
Yémen
0%
Yémen
0%
Yémen
0%
Yémen
0%
Yémen
0%
Yémen
0%
Yémen
0%
Yémen
0%
Yémen
0%
Yémen
0%
Yémen
0%
Yémen
0%
Yémen
0%
Yémen
0%
Yémen
0%
Yémen
0%
Yémen
0%
Yémen
0%
Yémen
0%
Yémen
0%
Yémen
0%
Yémen
0%
Yémen
0%
Yémen
0%
Yémen
0%
Aucun quiz correspondant
Distribution des résultats
% des personnes avec chaque résultat
Percentile par nombre de réponses
Votre historique - résultats
Vous n’avez pas pris ce quiz